Regional Languages of the World(Ethnologue 2026) - Statistics

General Stats
  • This quiz has been taken 21 times
  • The average score is 148 of 7926
Answer Stats
Hint Answer % Correct
eee E
83%
aqr Arhâ
75%
ara Arabic
67%
enc En
67%
cat Catalan
58%
eng English
58%
fin Finnish
58%
fra French
58%
lav Latvian
58%
nor Norwegian
58%
nno Norwegian Nynorsk
58%
por Portuguese
58%
swe Swedish
58%
sqi Albanian
50%
asz As
50%
eus Basque
50%
bos Bosnian
50%
bre Breton
50%
bul Bulgarian
50%
hrv Croatian
50%
dnj Dan
50%
dan Danish
50%
nld Dutch
50%
est Estonian
50%
hmj Ge
50%
deu German
50%
haq Ha
50%
huo Hu
50%
irr Ir
50%
mlf Mal
50%
mlt Maltese
50%
mnw Mon
50%
nbt Na
50%
pol Polish
50%
rmm Roma
50%
ron Romanian
50%
rus Russian
50%
sax Sa
50%
srp Serbian
50%
hbs Serbo-Croatian
50%
slk Slovak
50%
slv Slovenian
50%
spa Spanish
50%
tat Tatar
50%
mjg Tu
50%
uuu U
50%
wbm Wa
50%
cym Welsh
50%
aiw Aari
42%
aar Afar
42%
afr Afrikaans
42%
amh Amharic
42%
arg Aragonese
42%
hye Armenian
42%
asm Assamese
42%
bar Bavarian
42%
bel Belarusian
42%
nhb Beng
42%
cen Cen
42%
cor Cornish
42%
cos Corsican
42%
ces Czech
42%
fij Fijian
42%
fil Filipino
42%
gaa Ga
42%
gap Gal
42%
glg Galician
42%
kat Georgian
42%
guj Gujarati
42%
heb Hebrew
42%
hin Hindi
42%
hmn Hmong
42%
hnu Hung
42%
hun Hungarian
42%
isl Icelandic
42%
gle Irish
42%
ita Italian
42%
jav Javanese
42%
kas Kashmiri
42%
fuj Ko
42%
kor Korean
42%
kuv Kur
42%
kur Kurdish
42%
lit Lithuanian
42%
khb
42%
ltz Luxembourgish
42%
mkd Macedonian
42%
glv Manx
42%
mri Maori
42%
lol Mongo
42%
nav Navajo
42%
pai Pe
42%
pcb Pear
42%
fas Persian
42%
roh Romansh
42%
raq Saam
42%
snx Sam
42%
smq Samo
42%
mwm Sar
42%
srd Sardinian
42%
erg Sie
42%
szl Silesian
42%
snd Sindhi
42%
sss
42%
smc Som
42%
som Somali
42%
sun Sundanese
42%
tgl Tagalog
42%
tal Tal
42%
tmy Tami
42%
tam Tamil
42%
tir Tigrinya
42%
toz To
42%
tur Turkish
42%
tuk Turkmen
42%
ukr Ukrainian
42%
urd Urdu
42%
aiy Ali
33%
aok Arhö
33%
aac Ari
33%
avt Au
33%
aym Aymara
33%
aze Azerbaijani
33%
bqo Balo
33%
bak Bashkir
33%
bng Benga
33%
ben Bengali
33%
mya Burmese
33%
ceb Cebuano
33%
ruk Che
33%
che Chechen
33%
chv Chuvash
33%
cop Coptic
33%
cre Cree
33%
crh Crimean Tatar
33%
fao Faroese
33%
gil Gilbertese
33%
gwx Gua
33%
grn Guarani
33%
hat Haitian
33%
haa Hän
33%
hau Hausa
33%
haw Hawaiian
33%
hoc Ho
33%
ibo Igbo
33%
ind Indonesian
33%
moe Innu
33%
jpn Japanese
33%
xal Kalmyk
33%
krl Karelian
33%
csb Kashubian
33%
kaz Kazakh
33%
khm Khmer
33%
kin Kinyarwanda
33%
kon Kongo
33%
lao Lao
33%
lat Latin
33%
lif Limbu
33%
ymm Maay
33%
mal Malayalam
33%
mdr Mandar
33%
mar Marathi
33%
mec Marra
33%
mah Marshallese
33%
slz Ma'ya
33%
mqt Mok
33%
mdf Moksha
33%
mgt Mongol
33%
orx Oro
33%
orm Oromo
33%
abw Pal
33%
pau Palauan
33%
que Quechua
33%
smo Samoan
33%
sco Scots
33%
scw Sha
33%
scn Sicilian
33%
sin Sinhala
33%
tel Telugu
33%
bod Tibetan
33%
tpi Tok Pisin
33%
udm Udmurt
33%
uzb Uzbek
33%
wln Walloon
33%
xho Xhosa
33%
yid Yiddish
33%
zlu Zul
33%
abk Abkhazian
25%
akq Ak
25%
akk Akkadian
25%
ale Aleut
25%
ban Balinese
25%
bta Bata
25%
ibh Bih
25%
bis Bislama
25%
buv Bun
25%
cic Chickasaw
25%
zho Chinese
25%
ctg Chittagonian
25%
cho Choctaw
25%
com Comanche
25%
doa Dom
25%
dzo Dzongkha
25%
epo Esperanto
25%
fur Friulian
25%
tbi Gaam
25%
gag Gagauz
25%
gej Gen
25%
gqr Gor
25%
gka Guya
25%
hmo Hiri Motu
25%
ruo Istro Romanian
25%
ksp Kaba
25%
kdx Kam
25%
kan Kannada
25%
ykm Kap
25%
kaa Kara-Kalpak
25%
kom Komi
25%
lld Ladin
25%
lad Ladino
25%
lbe Lak
25%
lij Ligurian
25%
lin Lingala
25%
lmo Lombard
25%
mai Maithili
25%
mqu Mandari
25%
mnk Mandinka
25%
mwl Mirandese
25%
moh Mohawk
25%
mon Mongolian
25%
cnr Montenegrin
25%
nau Nauru
25%
nap Neapolitan
25%
nqn Nen
25%
odk Od
25%
ory Odia
25%
pmn Pam
25%
rue Rusyn
25%
rwk Rwa
25%
sgs Samogitian
25%
sag Sango
25%
san Sanskrit
25%
gla Scottish Gaelic
25%
shn Shan
25%
sna Shona
25%
sqq Sou
25%
swi Sui
25%
swg Swabian
25%
ssw Swati
25%
tgk Tajik
25%
tct T'en
25%
thy Tha
25%
tha Thai
25%
tsc Tswa
25%
vec Venetian
25%
vep Veps
25%
vie Vietnamese
25%
wol Wolof
25%
muu Yaaku
25%
sah Yakut
25%
yor Yoruba
25%
zul Zulu
25%
abq Abaza
17%
ady Adyghe
17%
ahh Aghu
17%
agx Aghul
17%
soh Aka
17%
aka Akan
17%
ast Asturian
17%
aut Austral
17%
awa Awadhi
17%
bvj Baan
17%
bbw Baba
17%
bal Baluchi
17%
bam Bambara
17%
bya Batak
17%
bej Beja
17%
bho Bhojpuri
17%
bik Bikol
17%
bns Bundeli
17%
cha Chamorro
17%
cbk Chavacano
17%
chr Cherokee
17%
chy Cheyenne
17%
chk Chuukese
17%
mus Creek
17%
cro Crow
17%
dar Dargwa
17%
prs Dari
17%
div Dhivehi
17%
egl Emilian
17%
myv Erzya
17%
ext Extremaduran
17%
gqa Ga'anda
17%
lug Ganda
17%
gbm Garhwali
17%
glk Gilaki
17%
gon Gondi
17%
har Harari
17%
hil Hiligaynon
17%
hop Hopi
17%
ibb Ibibio
17%
smn Inari Sami
17%
izh Ingrian
17%
inh Ingush
17%
iku Inuktitut
17%
ipk Inupiaq
17%
juu Ju
17%
kca Khanty
17%
kkt Koi
17%
koi Komi-Permyak
17%
kos Kosraean
17%
kfy Kumaoni
17%
lbj Ladakhi
17%
lkt Lakota
17%
ltg Latgalian
17%
lzz Laz
17%
liv Liv
17%
nds Low German
17%
mlg Malagasy
17%
gcc Mali
17%
mnc Manchu
17%
mni Manipuri
17%
mns Mansi
17%
ruq Megleno Romanian
17%
xrg Minang
17%
min Minangkabau
17%
xmf Mingrelian
17%
miq Mískito
17%
mos Mossi
17%
unx Munda
17%
unr Mundari
17%
yrk Nenets
17%
niu Niuean
17%
nog Nogai
17%
nrn Norn
17%
sme Northern Sami
17%
kcn Nubi
17%
nus Nuer
17%
pqa Pa'a
17%
pam Pampanga
17%
pag Pangasinan
17%
pcd Picard
17%
pmo Pom
17%
prg Prussian
17%
rax Rang
17%
rkt Rangpuri
17%
rhg Rohingya
17%
rgn Romagnol
17%
rut Rutul
17%
sas Sasak
17%
std Sentinel
17%
shx She
17%
shr Shi
17%
sip Sikkimese
17%
xsi Sio
17%
sma Southern Sami
17%
szn Sula
17%
sux Sumerian
17%
tdl Sur
17%
sva Svan
17%
syl Sylheti
17%
tab Tabassaran
17%
tah Tahitian
17%
tly Talysh
17%
tet Tetum
17%
ldp Tso
17%
tsn Tswana
17%
tvl Tuvalu
17%
udi Udi
17%
ure Uru
17%
ven Venda
17%
vor Voro
17%
vro Võro
17%
vot Votic
17%
tci Wára
17%
wbf Wara
17%
yap Yapese
17%
zza Zaza
17%
abf Abai Sungai
8%
adi Adi
8%
aiq Aimaq
8%
ahk Akha
8%
akv Akhvakh
8%
sia Akkala Sami
8%
alq Algonquin
8%
alz Alur
8%
ani Andi
8%
anp Angika
8%
aoa Angolar
8%
apt Apatani
8%
arw Arawak
8%
aqc Archi
8%
frp Arpitan
8%
ask Ashkun
8%
asb Assiniboine
8%
atm Ata
8%
tay Atayal
8%
atk Ati
8%
bfy Bagheli
8%
kva Bagvalal
8%
bdw Baham
8%
bqi Bakhtiari
8%
bft Balti
8%
bjn Banjar
8%
bci Baoulé
8%
bfa Bari
8%
mot Barí
8%
bbl Bats
8%
bew Betawi
8%
byf Bete
8%
kap Bezhta
8%
bhb Bhili
8%
bhw Biak
8%
bin Bini
8%
bpy Bishnupriya
8%
bgk Bit
8%
bph Botlikh
8%
pcc Bouyei
8%
brh Brahui
8%
bra Braj
8%
buu Budu
8%
bdk Budukh
8%
bbh Bugan
8%
bug Buginese
8%
bmv Bum
8%
bnn Bunun
8%
bdi Burun
8%
bsk Burushaski
8%
frc Cajun French
8%
cal Carolinian
8%
ckh Chak
8%
ccp Chakma
8%
cji Chamalal
8%
hne Chhattisgarhi
8%
nya Chichewa
8%
cjk Chokwe
8%
caa Chortí
8%
clw Chulym
8%
cim Cimbrian
8%
cno Con
8%
cry Cori
8%
dgk Dagba
8%
dag Dagbani
8%
dij Dai
8%
dak Dakota
8%
dlm Dalmatian
8%
dmm Dama
8%
dai Day
8%
dem Dem
8%
mki Dhatki
8%
dhd Dhundari
8%
dig Digo
8%
din Dinka
8%
dlg Dolgan
8%
rmt Domari
8%
doh Dong
8%
dng Dungan
8%
dyu Dyula
8%
frs Eastern Frisian
8%
efe Efe
8%
ega Ega
8%
elx Elamite
8%
mcq Ese
8%
eve Even
8%
evn Evenki
8%
ewe Ewe
8%
fax Fala
8%
fon Fon
8%
fvr Fur
8%
ggu Gagu
8%
bfu Gahri
8%
gga Gao
8%
cab Garifuna
8%
grt Garo
8%
gby Gbari
8%
gez Geez
8%
nlg Gela
8%
gri Ghari
8%
gdo Ghodoberi
8%
got Gothic
8%
gos Gronings
8%
guw Gun
8%
hac Gurani
8%
goa Guro
8%
gvr Gurung
8%
hai Haida
8%
hni Hani
8%
bgc Haryanvi
8%
haz Hazaragi
8%
her Herero
8%
gin Hinukh
8%
huz Hunzib
8%
iba Iban
8%
xib Iberian
8%
ibu Ibu
8%
ido Ido
8%
ahl Igo
8%
ikx Ik
8%
ikk Ika
8%
iru Irula
8%
isk Ishkashimi
8%
ist Istriot
8%
itl Itelmen
8%
jaf Jara
8%
jns Jaunsari
8%
jut Jutish
8%
ldl Kaan
8%
kbd Kabardian
8%
kea Kabuverdianu
8%
kab Kabyle
8%
kac Kachin
8%
kbr Kafa
8%
xdq Kaitag
8%
kls Kalasha
8%
kyp Kang
8%
xnr Kangri
8%
ksk Kansa
8%
khx Kanu
8%
kau Kanuri
8%
kax Kao
8%
kqn Kaonde
8%
tbx Kapin
8%
kpg Kapingamarangi
8%
krc Karachay-Balkar
8%
kdr Karaim
8%
kpt Karata
8%
mjw Karbi
8%
kbj Kari
8%
kmg Kâte
8%
kcr Katla
8%
vkk Kaur
8%
keh Keak
8%
kek Kekchí
8%
sjk Kemi Sami
8%
kjh Khakas
8%
kha Khasi
8%
khw Khowar
8%
quc K'iche'
8%
kik Kikuyu
8%
kia Kim
8%
kiv Kimbu
8%
kmb Kimbundu
8%
tlh Klingon
8%
kdq Koch
8%
cdz Koda
8%
kfa Kodava
8%
trp Kok Borok
8%
kvv Kola
8%
kpy Koryak
8%
kid Koshin
8%
kpe Kpelle
8%
jct Krymchak
8%
kry Kryts
8%
ugh Kubachi
8%
kum Kumyk
8%
zum Kumzari
8%
xuo Kuo
8%
kru Kurukh
8%
ksv Kusu
8%
kgg Kusunda
8%
kww Kwinti
8%
lac Lacandon
8%
lhu Lahu
8%
lki Laki
8%
lam Lamba
8%
lmn Lambadi
8%
lep Lepcha
8%
lez Lezghian
8%
lis Lisu
8%
olo Livvi
8%
ngl Lomwe
8%
loj Lou
8%
lou Louisiana Creole
8%
dsb Lower Sorbian
8%
ule Lule
8%
smj Lule Sami
8%
lun Lunda
8%
ldd Luri
8%
lue Luvale
8%
luv Luwati
8%
xld Lydian
8%
cma Maa
8%
mca Maca
8%
mad Madurese
8%
mag Magahi
8%
mjy Mahican
8%
kde Makonde
8%
xak Máku
8%
mup Malvi
8%
mam Mam
8%
zng Mang
8%
arn Mapudungun
8%
mwr Marwari
8%
mzn Mazanderani
8%
mfo Mbe
8%
mtk Mbe'
8%
mdt Mbere
8%
bpc Mbuk
8%
mhw Mbukushu
8%
mdd Mbum
8%
mym Me'en
8%
mby Memoni
8%
mez Menominee
8%
mtr Mewari
8%
drc Minderico
8%
mhn Mòcheno
8%
gwg Moo
8%
mfe Morisyen
8%
mor Moro
8%
mnj Munji
8%
mtq Muong
8%
mur Murle
8%
mye Myene
8%
bzv Naami
8%
nxe Nage
8%
nlx Nahali
8%
gld Nanai
8%
nru Narua
8%
nxq Naxi
8%
neg Negidal
8%
neu Neo
8%
nio Nganasan
8%
gnj Ngen
8%
nll Nihali
8%
nqo N'Ko
8%
snf Noon
8%
frr Northern Frisian
8%
nmi Nyam
8%
nym Nyamwezi
8%
njz Nyishi
8%
aom Ömie
8%
one Oneida
8%
oog Ong
8%
oon Önge
8%
oac Oroch
8%
oaa Orok
8%
orh Oroqen
8%
osa Osage
8%
phj Pahari
8%
pli Pali
8%
plz Paluan
8%
ppe Papi
8%
pap Papiamento
8%
lkr Päri
8%
paq Parya
8%
nso Pedi
8%
ypa Phala
8%
xpg Phrygian
8%
xpi Pictish
8%
myp Pirahã
8%
pcn Piti
8%
pon Pohnpeian
8%
pnt Pontic
8%
pre Principense
8%
tsz Purepecha
8%
yum Quechan
8%
raj Rajasthani
8%
rki Rakhine
8%
rma Rama
8%
ray Rapa
8%
rap Rapanui
8%
rtm Rotuman
8%
run Rundi
8%
apb Sa'a
8%
ssy Saho
8%
saj Sahu
8%
smp Samaritan
8%
sgy Sanglechi
8%
sat Santali
8%
cri Sãotomense
8%
sre Sara
8%
srm Saramaccan
8%
asj Sari
8%
srh Sarikoli
8%
saz Saurashtra
8%
sel Selkup
8%
smy Semnani
8%
seh Sena
8%
sej Sene
8%
swf Sere
8%
srr Serer
8%
sjw Shawnee
8%
swv Shekhawati
8%
bun Sherbro
8%
xsr Sherpa
8%
shk Shilluk
8%
scl Shina
8%
cjs Shor
8%
shh Shoshoni
8%
sgh Shughni
8%
nco Sibe
8%
sty Siberian Tatar
8%
stv Silt'e
8%
sjn Sindarin
8%
sgm Singa
8%
sms Skolt Sami
8%
xog Soga
8%
snk Soninke
8%
sot Southern Sotho
8%
srn Sranan Tongo
8%
sub Suku
8%
suk Sukuma
8%
sqm Suma
8%
smw Sumbawa
8%
sus Susu
8%
gsw Swiss German
8%
syr Syriac
8%
taw Tai
8%
tmh Tamashek
8%
rif Tarifit
8%
kdh Tem
8%
teo Teso
8%
tve Te'un
8%
tou Tho
8%
txh Thracian
8%
lth Thur
8%
thu Thuri
8%
tig Tigre
8%
tin Tindi
8%
tiv Tiv
8%
tli Tlingit
8%
tob Toba
8%
tdv Toro
8%
tkr Tsakhur
8%
tsd Tsakonian
8%
tso Tsonga
8%
pmt Tuamotuan
8%
tcy Tulu
8%
tzh Tzeltal
8%
tzo Tzotzil
8%
ubi Ubi
8%
ulc Ulch
8%
umb Umbundu
8%
sju Ume Sami
8%
hsb Upper Sorbian
8%
uvh Uri
8%
uum Urum
8%
vae Vale
8%
ved Veddah
8%
wbl Wakhi
8%
wls Wallisian
8%
wae Walser
8%
vay Wayu
8%
fry Western Frisian
8%
yih Western Yiddish
8%
wym Wymysorys
8%
xin Xinca
8%
yai Yagnobi
8%
wca Yanomámi
8%
yao Yao
8%
yei Yeni
8%
yoi Yonaguni
8%
zap Zapotec
8%
dje Zarma
8%
zea Zeeuws
8%
zha Zhuang
8%
zmb Zimba
8%
zun Zuni
8%
aas Aasáx
0%
kbt Abadi
0%
abg Abaga
0%
abm Abanyom
0%
mij Abar
0%
aau Abau
0%
aba Abé
0%
abp Abellen Ayta
0%
abi Abidji
0%
bsa Abinomn
0%
axb Abipon
0%
ash Abishira
0%
aob Abom
0%
abo Abon
0%
abr Abron
0%
ado Abu
0%
abn Abua
0%
aah Abu' Arapesh
0%
abz Abui
0%
kgr Abun
0%
abu Abure
0%
mgj Abureni
0%
tpx Acatepec Me'phaa
0%
aca Achagua
0%
acn Achang
0%
guq Aché
0%
yif Ache
0%
acz Acheron
0%
acr Achi
0%
ace Achinese
0%
act Achterhoeks
0%
acu Achuar-Shiwiar
0%
acv Achumawi
0%
ach Acoli
0%
acs Acroá
0%
xad Adai
0%
fub Adamawa Fulfulde
0%
ads Adamorobe Sign Language
0%
adn Adang
0%
adq Adangbe
0%
ada Adangme
0%
kad Adara
0%
tiu Adasen
0%
ade Adele
0%
adh Adhola
0%
wsg Adilabad Gondi
0%
adj Adioukrou
0%
dth Adithinngithigh
0%
ort Adivasi Oriya
0%
gas Adiwasi Garasia
0%
adt Adnyamathanha
0%
adr Adonara
0%
adu Aduge
0%
adz Adzera
0%
aez Aeka
0%
awi Aekyom
0%
xae Aequian
0%
aeq Aer
0%
aal Afade
0%
afg Afghan Sign Language
0%
aft Afitti
0%
afh Afrihili
0%
afs Afro-Seminole Creole
0%
agd Agarabi
0%
agi Agariya
0%
agc Agatu
0%
avo Agavotaguerra
0%
agq Aghem
0%
gtu Aghu-Tharnggala
0%
xag Aghwan
0%
aif Agi
0%
kit Agob
0%
ibm Agoi
0%
agu Aguacateco
0%
aga Aguano
0%
agr Aguaruna
0%
aug Aguna
0%
msm Agusan Manobo
0%
agn Agutaynen
0%
yay Agwagwune
0%
ahn Àhàn
0%
aha Ahanta
0%
esg Aheri Gondi
0%
thm Aheu
0%
ahr Ahirani
0%
aho Ahom
0%
aht Ahtena
0%
nfd Ahwai
0%
aih Ai-Cham
0%
aix Aighon
0%
tba Aikanã
0%
mwg Aiklep
0%
ail Aimele
0%
aim Aimol
0%
aic Ainbai
0%
aib Ainu (China)
0%
ain Ainu (Japan)
0%
aki Aiome
0%
air Airoran
0%
aio Aiton
0%
ajg Aja (Benin)
0%
aja Aja (South Sudan)
0%
ajw Ajawa
0%
aji Ajië
0%
muc Ajumbu
0%
cpc Ajyíninka Apurucayali
0%
abj Aka-Bea
0%
akm Aka-Bo
0%
aci Aka-Cari
0%
akj Aka-Jeru
0%
akx Aka-Kede
0%
aky Aka-Kol
0%
ack Aka-Kora
0%
acl Akar-Bale
0%
aks Akaselem
0%
ake Akawaio
0%
aik Ake
0%
keu Akebu
0%
tsr Akei
0%
aeu Akeu
0%
akl Aklanon
0%
akt Akolet
0%
bss Akoose
0%
miw Akoye
0%
akf Akpa
0%
ibe Akpes
0%
afi Akrukay
0%
spm Akukem
0%
ayk Akuku
0%
aku Akum
0%
aqz Akuntsu
0%
ako Akurio
0%
akw Akwa
0%
nqy Akyaung Ari Naga
0%
alw Alaba-K’abeena
0%
akz Alabama
0%
dul Alabat Island Agta
0%
mim Alacatlatzala Mixtec
0%
ala Alago
0%
wbj Alagwa
0%
alk Alak
0%
amp Alamblak
0%
alj Alangan
0%
xln Alanic
0%
apv Alapmunte
0%
alh Alawa
0%
sqk Albanian Sign Language
0%
lsc Albarradas Sign Language
0%
xta Alcozauca Mixtec
0%
alf Alege
0%
gah Alekano
0%
arq Algerian Arabic
0%
ajs Algerian Jewish Sign Language
0%
aao Algerian Saharan Arabic
0%
asp Algerian Sign Language
0%
ald Alladian
0%
all Allar
0%
aid Alngith
0%
zaq Aloápam Zapotec
0%
ypo Alo Phola
0%
aol Alor
0%
syy Al-Sayyid Bedouin Sign Language
0%
aes Alsea
0%
aub Alugu
0%
xua Alu Kurumba
0%
aab Alumu-Tesu
0%
alp Alune
0%
yna Aluo
0%
alr Alutor
0%
avd Alviri-Vidari
0%
aly Alyawarr
0%
amq Amahai
0%
amc Amahuaca
0%
ali Amaimon
0%
aad Amal
0%
jks Amami Koniya Sign Language
0%
amn Amanab
0%
ama Amanayé
0%
amm Ama (Papua New Guinea)
0%
aie Amara
0%
amr Amarakaeri
0%
aaz Amarasi
0%
nyi Ama (Sudan)
0%
zpo Amatlán Zapotec
0%
amk Ambai
0%
aew Ambakich
0%
abc Ambala Ayta
0%
utp Amba (Solomon Islands)
0%
rwm Amba (Uganda)
0%
amv Ambelau
0%
ael Ambele
0%
alm Amblong
0%
amb Ambo
0%
abs Ambonese Malay
0%
qva Ambo-Pasco Quechua
0%
aag Ambrak
0%
apo Ambul
0%
abt Ambulas
0%
amj Amdang
0%
adx Amdo Tibetan
0%
aey Amele
0%
ase American Sign Language
0%
ifa Amganad Ifugao
0%
amy Ami
0%
ami Amis
0%
amo Amo
0%
alx Amol
0%
mbz Amoltepec Mixtec
0%
apg Ampanang
0%
aqd Ampari Dogon
0%
ajz Amri Karbi
0%
amt Amto
0%
adw Amundava
0%
amg Amurdak
0%
anw Anaang
0%
akg Anakalangu
0%
anm Anal
0%
pda Anam
0%
aan Anambé
0%
imi Anamgura
0%
bpo Anasi
0%
dti Ana Tinga Dogon
0%
acb Áncá
0%
grc Ancient Greek (to 1453)
0%
hbo Ancient Hebrew
0%
xmk Ancient Macedonian
0%
xna Ancient North Arabian
0%
xzp Ancient Zapotec
0%
dgl Andaandi
0%
afd Andai
0%
ajn Andajin
0%
xaa Andalusian Arabic
0%
hca Andaman Creole Hindi
0%
ana Andaqui
0%
aod Andarum
0%
adg Andegerebinha
0%
anr Andh
0%
bzb Andio
0%
anb Andoa
0%
ano Andoque
0%
anx Andra-Hus
0%
aty Aneityum
0%
anz Anem
0%
aby Aneme Wake
0%
myo Anfillo
0%
agm Angaataha
0%
aqt Angaité
0%
age Angal
0%
aoe Angal Enen
0%
akh Angal Heneng
0%
njm Angami Naga
0%
yli Angguruk Yali
0%
avm Angkamuthi
0%
xno Anglo-Norman
0%
rme Angloromani
0%
agg Angor
0%
aog Angoram
0%
tnd Angosturas Tunebo
0%
awg Anguthimri
0%
hnh ǁAni
0%
blo Anii
0%
anf Animere
0%
aoi Anindilyakwa
0%
aqk Aninka
0%
ypn Ani Phowa
0%
boj Anjam
0%
aak Ankave
0%
amx Anmatyerre
0%
nun Anong
0%
anj Anor
0%
ans Anserma
0%
and Ansus
0%
ant Antakarinya
0%
xmv Antankarana Malagasy
0%
aig Antigua and Barbuda Creole English
0%
anu Anuak
0%
cko Anufo
0%
anl Anu-Hkongso Chin
0%
aui Anuki
0%
auq Anus
0%
aud Anuta
0%
any Anyin
0%
mtb Anyin Morofo
0%
pni Aoheng
0%
njo Ao Naga
0%
aor Aore
0%
aou A'ou
0%
xap Apalachee
0%
apy Apalaí
0%
ena Apali
0%
mip Apasco-Apoala Mixtec
0%
api Apiaká
0%
apn Apinayé
0%
app Apma
0%
kbx Ap Ma
0%
ahp Aproumu Aizi
0%
apq A-Pucikwar
0%
apu Apurinã
0%
apx Aputai
0%
xaq Aquitanian
0%
ard Arabana
0%
arl Arabela
0%
akr Araki
0%
rkw Arakwal
0%
atq Aralle-Tabulahan
0%
stk Arammba
0%
aaf Aranadan
0%
xrt Aranama-Tamique
0%
jbj Arandai
0%
aro Araona
0%
arp Arapaho
0%
arj Arapaso
0%
xaj Ararandewára
0%
awt Araweté
0%
awm Arawum
0%
aae Arbëreshë Albanian
0%
arv Arbore
0%
pka Ardhamāgadhī Prākrit
0%
mwc Are
0%
alu Are'are
0%
aea Areba
0%
aem Arem
0%
qxu Arequipa-La Unión Quechua
0%
aed Argentine Sign Language
0%
agj Argobba
0%
agf Arguni
0%
arh Arhuaco
0%
laz Aribwatsa
0%
ylu Aribwaung
0%
aai Arifama-Miniafia
0%
aqg Arigidi
0%
ark Arikapú
0%
ari Arikara
0%
ait Arikem
0%
xrn Arin
0%
luc Aringa
0%
xrm Armazic
0%
aen Armenian Sign Language
0%
apr Arop-Lokep
0%
aps Arop-Sissano
0%
aia Arosi
0%
rrt Arritinngithigh
0%
atz Arta
0%
aru Aruá (Amazonas State)
0%
msy Aruamu
0%
arx Aruá (Rodonia State)
0%
aur Aruek
0%
lsr Aruop
0%
atx Arutani
0%
aat Arvanitika Albanian
0%
mtv Asaro'o
0%
cni Asháninka
0%
ahs Ashe
0%
cjo Ashéninka Pajonal
0%
prq Ashéninka Perené
0%
csh Asho Chin
0%
atn Ashtiani
0%
asl Asilulu
0%
eiv Askopan
0%
asv Asoa
0%
sjg Assangori
0%
aii Assyrian Neo-Aramaic
0%
psa Asue Awyu
0%
aua Asumboa
0%
zoo Asunción Mixtepec Zapotec
0%
aum Asu (Nigeria)
0%
asr Asuri
0%
asa Asu (Tanzania)
0%
aqp Atakapa
0%
atd Ata Manobo
0%
amz Atampaya
0%
mib Atatláhuca Mixtec
0%
adb Atauran
0%
ate Atemble
0%
aph Athpariya
0%
atj Atikamekw
0%
aqm Atohwaim
0%
ato Atong (Cameroon)
0%
aot Atong (India)
0%
aox Atorada
0%
atc Atsahuaca
0%
cch Atsam
0%
atw Atsugewi
0%
pkr Attapady Kurumba
0%
ati Attié
0%
ocu Atzingo Matlatzinca
0%
kud Auhelawa
0%
aul Aulua
0%
aux Aurá
0%
auh Aushi
0%
avs Aushiri
0%
asf Auslan
0%
asw Australian Aborigines Sign Language
0%
asq Austrian Sign Language
0%
smf Auwe
0%
auu Auye
0%
auo Auyokawa
0%
avv Avá-Canoeiro
0%
ava Avaric
0%
avn Avatime
0%
avb Avau
0%
ave Avestan
0%
avi Avikam
0%
avu Avokaya
0%
awk Awabakal
0%
vwa Awa (China)
0%
kwi Awa-Cuaiquer
0%
bcu Awad Bing
0%
awo Awak
0%
awb Awa (Papua New Guinea)
0%
aya Awar
0%
awx Awara
0%
awh Awbono
0%
bob Aweer
0%
awr Awera
0%
awe Awetí
0%
azo Awing
0%
auy Awiyaana
0%
auj Awjilah
0%
awn Awngi
0%
gwm Awngthim
0%
kmn Awtuw
0%
yiu Awu
0%
aww Awun
0%
afu Awutu
0%
auw Awyi
0%
ahb Axamb
0%
yix Axi Yi
0%
ayd Ayabadhu
0%
quy Ayacucho Quechua
0%
vmy Ayautla Mazatec
0%
aye Ayere
0%
axe Ayerrerenge
0%
ayq Ayi (Papua New Guinea)
0%
nfl Ayiwo
0%
yyz Ayizi
0%
ayb Ayizo Gbe
0%
zaf Ayoquesco Zapotec
0%
ayo Ayoreo
0%
ayu Ayu
0%
miy Ayutla Mixtec
0%
aza Azha
0%
yiz Azhe
0%
tpc Azoyú Me'phaa
0%
bqx Baangi
0%
bba Baatonum
0%
mbf Baba Malay
0%
bbm Babango
0%
bbk Babanki
0%
baa Babatana
0%
bcr Babine
0%
bzg Babuza
0%
bcy Bacama
0%
btj Bacanese Malay
0%
xbc Bactrian
0%
bfq Badaga
0%
bhz Bada (Indonesia)
0%
bau Bada (Nigeria)
0%
bde Bade
0%
bdz Badeshi
0%
khd Bädi Kanum
0%
bia Badimaya
0%
jbi Badjiri
0%
bac Badui
0%
pbp Badyara
0%
bvd Baeggu
0%
bvc Baelelea
0%
btr Baetora
0%
bfj Bafanji
0%
bwt Bafaw-Balong
0%
ksf Bafia
0%
bfd Bafut
0%
bqf Baga Kaloum
0%
bgo Baga Koga
0%
bmd Baga Manduri
0%
bcg Baga Pokur
0%
bsp Baga Sitemu
0%
bsv Baga Sobané
0%
bmi Bagirmi
0%
fui Bagirmi Fulfulde
0%
bqg Bago-Kusuntu
0%
bgq Bagri
0%
bpi Bagupi
0%
bqb Bagusa
0%
yha Baha Buyang
0%
bah Bahamas Creole English
0%
abv Baharna Arabic
0%
bhv Bahau
0%
bjh Bahinemo
0%
bhj Bahing
0%
bdq Bahnar
0%
bsu Bahonsuai
0%
bbf Baibai
0%
bkx Baikeno
0%
bqh Baima
0%
bmx Baimak
0%
bcz Bainouk-Gunyaamolo
0%
bab Bainouk-Gunyuño
0%
bcb Bainouk-Samik
0%
bsw Baiso
0%
bdj Bai (South Sudan)
0%
fah Baissa Fali
0%
bjs Bajan
0%
bjm Bajelani
0%
vjk Bajjika
0%
bkc Baka (Cameroon)
0%
bkq Bakairí
0%
bqz Bakaka
0%
bdh Baka (South Sudan)
0%
bki Baki
0%
bkh Bakoko
0%
kme Bakole
0%
bbs Bakpinka
0%
bkr Bakumpai
0%
bjw Bakwé
0%
bls Balaesang
0%
zba Balaibalan
0%
blw Balangao
0%
sse Balangingi
0%
bjt Balanta-Ganja
0%
blz Balantak
0%
ble Balanta-Kentohe
0%
bdn Baldemu
0%
bcp Bali (Democratic Republic of Congo)
0%
mhp Balinese Malay
0%
bcn Bali (Nigeria)
0%
bgx Balkan Gagauz Turkish
0%
rmn Balkan Romani
0%
biz Baloi
0%
rml Baltic Romani
0%
blq Baluan-Pam
0%
bog Bamako Sign Language
0%
bbq Bamali
0%
bmo Bambalang
0%
ptu Bambam
0%
myf Bambassi
0%
baw Bambili-Bambui
0%
bce Bamenyam
0%
bcf Bamu
0%
bqt Bamukumbit
0%
bax Bamun
0%
bvm Bamunka
0%
bmg Bamwe
0%
bcw Bana
0%
bjx Banao Itneg
0%
byz Banaro
0%
liy Banda-Bambari
0%
bpd Banda-Banda
0%
bnd Banda (Indonesia)
0%
bpq Banda Malay
0%
bqk Banda-Mbrès
0%
bfl Banda-Ndélé
0%
yaj Banda-Yangere
0%
bza Bandi
0%
bqj Bandial
0%
bdy Bandjalang
0%
bxg Bangala
0%
bgf Bangandu
0%
bbe Bangba
0%
bgz Banggai
0%
bjb Banggarla
0%
bni Bangi
0%
dba Bangime
0%
mfb Bangka
0%
bgj Bangolan
0%
bnx Bangubangu
0%
bsj Bangwinji
0%
bvv Baniva
0%
bwi Baniwa
0%
bxw Bankagooma
0%
jjr Bankal
0%
dbw Bankan Tey Dogon
0%
bfk Ban Khor Sign Language
0%
abb Bankon
0%
bcm Bannoni
0%
bap Bantawa
0%
bfx Bantayanon
0%
bnq Bantik
0%
bno Bantoanon
0%
pnw Banyjima
0%
brd Baraamu
0%
rbp Barababaraba
0%
bbb Barai
0%
baj Barakai
0%
bbg Barama
0%
bhr Bara Malagasy
0%
brm Barambu
0%
kys Baram Kayan
0%
bmz Baramu
0%
brp Barapasi
0%
brs Baras
0%
bsn Barasana-Eduria
0%
vmb Barbaram
0%
boi Barbareño
0%
gry Barclayville Grebo
0%
bcj Bardi
0%
bae Baré
0%
bva Barein
0%
mlp Bargam
0%
bch Bariai
0%
bjc Bariji
0%
bxo Barikanchi
0%
jbk Barikewa
0%
bjk Barok
0%
bbi Barombi
0%
tbn Barro Negro Tunebo
0%
bpt Barrow Point
0%
bjz Baruga
0%
byr Baruya
0%
bwg Barwe
0%
bjf Barzani Jewish Neo-Aramaic
0%
bas Basa (Cameroon)
0%
bsl Basa-Gumna
0%
buj Basa-Gurmana
0%
bzw Basa (Nigeria)
0%
bdb Basap
0%
byq Basay
0%
bsg Bashkardi
0%
bst Basketo
0%
bsq Bassa
0%
bsr Bassa-Kontagora
0%
bsc Bassari
0%
bsi Bassossi
0%
ifb Batad Ifugao
0%
btz Batak Alas-Kluet
0%
akb Batak Angkola
0%
btd Batak Dairi
0%
btx Batak Karo
0%
btm Batak Mandailing
0%
bts Batak Simalungun
0%
bbc Batak Toba
0%
bnm Batanga
0%
btq Batek
0%
btv Bateri
0%
bhm Bathari
0%
btc Bati (Cameroon)
0%
bvt Bati (Indonesia)
0%
xby Batjala
0%
btu Batu
0%
zbt Batui
0%
bay Batuley
0%
bbd Bau
0%
sne Bau Bidayuh
0%
bsf Bauchi
0%
bpe Bauni
0%
brg Baure
0%
bge Bauria
0%
bwk Bauwaki
0%
bvz Bauzi
0%
bgr Bawm Chin
0%
bjy Bayali
0%
bvy Baybayanon
0%
byg Baygo
0%
mkq Bay Miwok
0%
byl Bayono
0%
bda Bayot
0%
bxj Bayungu
0%
bfr Bazigar
0%
beo Beami
0%
bea Beaver
0%
bfp Beba
0%
beb Bebele
0%
bek Bebeli
0%
bxp Bebil
0%
bjv Bedjond
0%
bed Bedoanas
0%
bkf Beeke
0%
bxq Beele
0%
beq Beembe
0%
bnz Beezen
0%
bby Befang
0%
ebc Beginci
0%
bei Bekati'
0%
bkv Bekwarra
0%
bkw Bekwel
0%
beg Belait
0%
bxb Belanda Bor
0%
bvi Belanda Viri
0%
byw Belhariya
0%
bey Beli (Papua New Guinea)
0%
blm Beli (South Sudan)
0%
bzj Belize Kriol English
0%
blc Bella Coola
0%
brw Bellari
0%
glb Belning
0%
bem Bemba (Zambia)
0%
bmb Bembe
0%
bef Benabena
0%
egm Benamanga
0%
yun Bena (Nigeria)
0%
bez Bena (Tanzania)
0%
bcq Bench
0%
bdp Bende
0%
bct Bendi
0%
bgy Benggoi
0%
bqy Bengkala Sign Language
0%
dbt Ben Tey Dogon
0%
bnu Bentong
0%
byd Benyadu'
0%
bue Beothuk
0%
bie Bepour
0%
bxv Berakou
0%
bve Berau Malay
0%
brc Berbice Creole Dutch
0%
bkl Berik
0%
bit Berinomo
0%
bom Berom
0%
wti Berta
0%
byt Berti
0%
mhe Besisi
0%
bes Besme
0%
bep Besoa
0%
bfe Betaf
0%
btt Bete-Bendi
0%
eot Beti (Côte d'Ivoire)
0%
xub Betta Kurumba
0%
bhd Bhadrawahi
0%
bhx Bhalay
0%
bha Bharia
0%
bgw Bhatri
0%
bht Bhattiyali
0%
bhe Bhaya
0%
bhy Bhele
0%
bhi Bhilali
0%
nes Bhoti Kinnauri
0%
byh Bhujel
0%
bhu Bhunjia
0%
dyl Bhutanese Sign Language
0%
bif Biafada
0%
bdf Biage
0%
beh Biali
0%
big Biangai
0%
bpv Bian Marind
0%
byk Biao
0%
bje Biao-Jiao Mien
0%
bmt Biao Mon
0%
bth Biatah Bidayuh
0%
xbp Bibbulman
0%
ihw Bidhawal
0%
bid Bidiyo
0%
bym Bidjara
0%
bjg Bidyogo
0%
bmc Biem
0%
bnk Bierebo
0%
brj Bieria
0%
biu Biete
0%
bhc Biga
0%
xbe Bigambal
0%
nmb Big Nambas
0%
jbm Bijim
0%
bix Bijori
0%
byb Bikya
0%
bip Bila
0%
kfs Bilaspuri
0%
bpz Bilba
0%
brz Bilbil
0%
bil Bile
0%
byn Bilin
0%
bms Bilma Kanuri
0%
bll Biloxi
0%
blb Bilua
0%
bxf Bilur
0%
bhp Bima
0%
bhl Bimin
0%
bim Bimoba
0%
bxz Binahari
0%
bhg Binandere
0%
byj Bina (Nigeria)
0%
bmn Bina (Papua New Guinea)
0%
xbd Bindal
0%
bon Bine
0%
bpj Binji
0%
itb Binongan Itneg
0%
bne Bintauna
0%
bny Bintulu
0%
bkd Binukid
0%
bjr Binumarien
0%
biq Bipi
0%
brf Bira
0%
bxe Birale
0%
brr Birao
0%
btf Birgit
0%
biy Birhor
0%
bzr Biri
0%
bqq Biritai
0%
brk Birked
0%
bvq Birri
0%
xbj Birrpayi
0%
brl Birwa
0%
ije Biseni
0%
bwh Bishuo
0%
bnw Bisis
0%
bir Bisorio
0%
bib Bissa
0%
bzi Bisu
0%
brt Bitare
0%
mcc Bitur
0%
bwm Biwat
0%
byo Biyo
0%
bpm Biyom
0%
blp Blablanga
0%
bfh Blafe
0%
beu Blagar
0%
blr Blang
0%
zbl Blissymbols
0%
bzn Boano (Maluku)
0%
bzl Boano (Sulawesi)
0%
bgb Bobongko
0%
bty Bobot
0%
boy Bodo (Central African Republic)
0%
gbj Bodo Gadaba
0%
brx Bodo (India)
0%
bdv Bodo Parja
0%
bff Bofi
0%
bvw Boga
0%
boq Bogaya
0%
bux Boghom
0%
bqu Boguru
0%
bhn Bohtan Neo-Aramaic
0%
bzf Boikin
0%
ybk Bokha
0%
bus Bokobaru
0%
bqc Boko (Benin)
0%
bkp Boko (Democratic Republic of Congo)
0%
bdt Bokoto
0%
bky Bokyi
0%
bnp Bola
0%
bld Bolango
0%
bgl Bo (Laos)
0%
bol Bole
0%
xbo Bolgarian
0%
bvo Bolgo
0%
bli Bolia
0%
smk Bolinao
0%
bvl Bolivian Sign Language
0%
bkt Boloki
0%
bof Bolon
0%
bzm Bolondo
0%
blj Bolongan
0%
ply Bolyu
0%
boh Boma
0%
bml Bomboli
0%
bws Bomboma
0%
zmx Bomitaba
0%
bmf Bom-Kim
0%
bmq Bomu
0%
bmw Bomwali
0%
peh Bonan
0%
bou Bondei
0%
bfw Bondo
0%
kzc Bondoukou Kulango
0%
dbu Bondum Dom Dogon
0%
bna Bonerate
0%
bnv Bonerif
0%
bdg Bonggi
0%
bpg Bonggo
0%
bui Bongili
0%
bot Bongo
0%
bpu Bongu
0%
glc Bon Gula
0%
bok Bonjo
0%
bvg Bonkeng
0%
bop Bonkiman
0%
bnc Bontok
0%
bnb Bookan
0%
bnl Boon
0%
bvf Boor
0%
bpw Bo (Papua New Guinea)
0%
boa Bora
0%
gax Borana-Arsi-Guji Oromo
0%
kvn Border Kuna
0%
gai Borei
0%
fue Borgu Fulfulde
0%
bwo Boro (Ethiopia)
0%
xxb Boro (Ghana)
0%
ksr Borong
0%
bor Borôro
0%
brn Boruca
0%
mae Bo-Rukul
0%
bwf Boselewa
0%
bqs Bosngun
0%
bmj Bote-Majhi
0%
sbl Botolan Sambal
0%
nku Bouna Kulango
0%
mux Bo-Ung
0%
suo Bouni
0%
bzo Bozaba
0%
aof Bragat
0%
brb Brao
0%
bzs Brazilian Sign Language
0%
buq Brem
0%
brq Breri
0%
bzd Bribri
0%
rib Bribri Sign Language
0%
bzt Brithenig
0%
bfi British Sign Language
0%
bro Brokkat
0%
sgt Brokpake
0%
bkk Brokskat
0%
plw Brooke's Point Palawano
0%
bpl Broome Pearling Lugger Pidgin
0%
rnb Brunca Sign Language
0%
kxd Brunei
0%
bsb Brunei Bisaya
0%
xpz Bruny Island Tasmanian
0%
bub Bua
0%
cbl Bualkhaw Chin
0%
box Buamu
0%
zbu Bu (Bauchi State)
0%
bvb Bube
0%
buw Bubi
0%
bbx Bubia
0%
stt Budeh Stieng
0%
btp Budibud
0%
bdx Budong-Budong
0%
bdm Buduma
0%
bja Budza
0%
buk Bugawac
0%
bgt Bughotu
0%
sab Buglere
0%
bgg Bugun
0%
bku Buhid
0%
ubl Buhi'non Bikol
0%
bxh Buhutu
0%
jid Bu (Kaduna State)
0%
sdo Bukar-Sadung Bidayuh
0%
bvk Bukat
0%
bhh Bukharic
0%
bkn Bukitan
0%
bvu Bukit Malay
0%
ape Bukiyip
0%
tkb Buksa
0%
bxk Bukusu
0%
buz Bukwen
0%
bqn Bulgarian Sign Language
0%
bmp Bulgebi
0%
uly Buli
0%
bwu Buli (Ghana)
0%
bzq Buli (Indonesia)
0%
buy Bullom So
0%
sti Bulo Stieng
0%
bum Bulu (Cameroon)
0%
bjl Bulu (Papua New Guinea)
0%
byp Bumaji
0%
bvp Bumang
0%
aon Bumbita Arapesh
0%
kjz Bumthangkha
0%
bvn Buna
0%
bfn Bunak
0%
bdd Bunama
0%
bwx Bu-Nao Bunu
0%
bqd Bung
0%
but Bungain
0%
xbg Bunganditj
0%
bkz Bungku
0%
wun Bungu
0%
dgb Bunoge Dogon
0%
bck Bunuba
0%
blf Buol
0%
bys Burak
0%
bkg Buraka
0%
bwr Bura-Pabir
0%
bvr Burarra
0%
bti Burate
0%
bxn Burduna
0%
bvh Bure
0%
bua Buriat
0%
bji Burji
0%
vrt Burmbar
0%
bzu Burmeso
0%
bry Burui
0%
mhs Buru (Indonesia)
0%
aip Burumakok
0%
lsb Burundian Sign Language
0%
bds Burunge
0%
bqw Buru (Nigeria)
0%
bqr Burusu
0%
asi Buruwai
0%
bqp Busa
0%
bxs Busam
0%
bsm Busami
0%
bfg Busang Kayan
0%
buc Bushi
0%
buf Bushoong
0%
bso Buso
0%
bup Busoa
0%
dox Bussa
0%
bju Busuu
0%
kyb Butbut Kalinga
0%
bnr Butmas-Tur
0%
btw Butuanon
0%
lfb Buu (Cameroon)
0%
bhs Buwal
0%
byi Buyu
0%
jiy Buyuan Jinuo
0%
bww Bwa
0%
bwd Bwaidoka
0%
tte Bwanabwana
0%
bwa Bwatoo
0%
bwe Bwe Karen
0%
bwl Bwela
0%
bwc Bwile
0%
bwz Bwisi
0%
bee Byangsi
0%
mkk Byep
0%
msq Caac
0%
cjp Cabécar
0%
cbb Cabiyarí
0%
miu Cacaloxtepec Mixtec
0%
ccr Cacaopera
0%
roc Cacgia Roglai
0%
cbv Cacua
0%
cad Caddo
0%
ccd Cafundo Creole
0%
cah Cahuarano
0%
chl Cahuilla
0%
nat Ca̱hungwa̱rya̱
0%
qvc Cajamarca Quechua
0%
qvl Cajatambo North Lima Quechua
0%
zad Cajonos Zapotec
0%
ckx Caka
0%
ckz Cakchiquel-Quiché Mixed Language
0%
cky Cakfem-Mushere
0%
tbk Calamian Tagbanwa
0%
qud Calderón Highland Quichua
0%
caw Callawalla
0%
rmq Caló
0%
clu Caluyanun
0%
csx Cambodian Sign Language
0%
mcu Cameroon Mambila
0%
wes Cameroon Pidgin
0%
rab Camling
0%
cml Campalagian
0%
sro Campidanese Sardinian
0%
kbh Camsá
0%
cmt Camtho
0%
xcc Camunic
0%
qxr Cañar Highland Quichua
0%
cbu Candoshi-Shapra
0%
ram Canela
0%
caz Canichana
0%
mlc Cao Lan
0%
cov Cao Miao
0%
kaq Capanahua
0%
cps Capiznon
0%
cpg Cappadocian Greek
0%
cot Caquinte
0%
cfd Cara
0%
cby Carabayo
0%
crf Caramanta
0%
cbc Carapana
0%
xcr Carian
0%
hns Caribbean Hindustani
0%
jvn Caribbean Javanese
0%
cbd Carijona
0%
caq Car Nicobarese
0%
crr Carolina Algonquian
0%
rmc Carpathian Romani
0%
crx Carrier
0%
cbr Cashibo-Cacataibo
0%
cbs Cashinahua
0%
dgc Casiguran Dumagat Agta
0%
asc Casuarina Coast Asmat
0%
csc Catalan Sign Language
0%
chc Catawba
0%
cav Cavineña
0%
cyb Cayubaba
0%
cay Cayuga
0%
xcy Cayuse
0%
sef Cebaara Senoufo
0%
xce Celtiberian
0%
cam Cemuhî
0%
cns Central Asmat
0%
tzm Central Atlas Tamazight
0%
awu Central Awyu
0%
ayr Central Aymara
0%
bca Central Bai
0%
zbc Central Berawan
0%
bcl Central Bikol
0%
lbk Central Bontok
0%
agt Central Cagayan Agta
0%
fuq Central-Eastern Niger Fulfulde
0%
grv Central Grebo
0%
zch Central Hongshuihe Zhuang
0%
nch Central Huasteca Nahuatl
0%
hmc Central Huishui Hmong
0%
knc Central Kanuri
0%
ckb Central Kurdish
0%
mwo Central Maewo
0%
pse Central Malay
0%
mxz Central Masela
0%
hmm Central Mashan Hmong
0%
maz Central Mazahua
0%
mel Central Melanau
0%
cmo Central Mnong
0%
nhn Central Nahuatl
0%
ncb Central Nicobarese
0%
ojc Central Ojibwa
0%
ryu Central Okinawan
0%
plc Central Palawano
0%
pbs Central Pame
0%
pst Central Pashto
0%
poo Central Pomo
0%
ncx Central Puebla Nahuatl
0%
sml Central Sama
0%
ess Central Siberian Yupik
0%
csm Central Sierra Miwok
0%
syb Central Subanen
0%
tgt Central Tagbanwa
0%
tar Central Tarahumara
0%
tuf Central Tunebo
0%
esu Central Yupik
0%
cet Centúúm
0%
cme Cerma
0%
cxh Cha'ari
0%
sbf Chabu
0%
quk Chachapoyas Quechua
0%
cbi Chachi
0%
cao Chácobo
0%
shu Chadian Arabic
0%
cds Chadian Sign Language
0%
cdy Chadong
0%
chg Chagatai
0%
ciy Chaima
0%
cli Chakali
0%
ckm Chakavian
0%
cll Chala
0%
cld Chaldean Neo-Aramaic
0%
tgf Chalikha
0%
ceg Chamacoco
0%
cdh Chambeali
0%
can Chambri
0%
ccc Chamicuro
0%
caj Chané
0%
nbc Chang Naga
0%
cga Changriwa
0%
cna Changthang
0%
chx Chantyal
0%
cra Chara
0%
cdn Chaudangsi
0%
crv Chaura
0%
cbt Chayahuita
0%
mih Chayuco Mixtec
0%
xtb Chazumba Mixtec
0%
mrn Cheke Holo
0%
xch Chemakum
0%
cjn Chenapian
0%
cde Chenchu
0%
cnu Chenoua
0%
cdm Chepang
0%
ycp Chepya
0%
cpn Cherepon
0%
ych Chesu
0%
ctc Chetco
0%
cwg Chewong
0%
ctn Chhintange
0%
cur Chhulung
0%
csd Chiangmai Sign Language
0%
cip Chiapanec
0%
chb Chibcha
0%
trs Chicahuaxtla Triqui
0%
zpv Chichicapan Zapotec
0%
pei Chichimeca-Jonaz
0%
cob Chicomuceltec
0%
cgg Chiga
0%
mii Chigmecatitlán Mixtec
0%
clc Chilcotin
0%
csg Chilean Sign Language
0%
clh Chilisso
0%
csa Chiltepec Chinantec
0%
zoh Chimalapa Zoque
0%
cid Chimariko
0%
qug Chimborazo Highland Quichua
0%
cbg Chimila
0%
bxu China Buriat
0%
cih Chinali
0%
cnb Chinbon Chin
0%
qxc Chincha Quechua
0%
cpi Chinese Pidgin English
0%
csl Chinese Sign Language
0%
chh Chinook
0%
chn Chinook jargon
0%
cap Chipaya
0%
chp Chipewyan
0%
ciw Chippewa
0%
qxa Chiquián Ancash Quechua
0%
maq Chiquihuitlán Mazatec
0%
cax Chiquitano
0%
nhd Chiripá
0%
cdf Chiru
0%
ctm Chitimacha
0%
cik Chitkuli Kinnauri
0%
the Chitwania Tharu
0%
zpc Choapan Zapotec
0%
cgk Chocangacakha
0%
coz Chochotec
0%
cdi Chodri
0%
nri Chokri Naga
0%
ctu Chol
0%
cht Cholón
0%
cog Chong
0%
cda Choni
0%
coh Chonyi-Dzihana-Kauma
0%
cce Chopi
0%
xco Chorasmian
0%
nct Chothe Naga
0%
crw Chrau
0%
cje Chru
0%
cqd Chuanqiandian Cluster Miao
0%
cjv Chuave
0%
cvg Chug
0%
cac Chuj
0%
cuh Chuka
0%
ckt Chukot
0%
cuw Chukwa
0%
ncu Chumburung
0%
cnq Chung
0%
cdj Churahi
0%
chu Church Slavic
0%
scb Chut
0%
xcv Chuvantsy
0%
chw Chuwabu
0%
cia Cia-Cia
0%
ckl Cibak
0%
awc Cicipu
0%
cib Ci Gbe
0%
cdr Cinda-Regi-Tiyal
0%
cie Cineni
0%
cin Cinta Larga
0%
xcg Cisalpine Gaulish
0%
asg Cishingini
0%
txt Citak
0%
tgd Ciwogai
0%
xcl Classical Armenian
0%
myz Classical Mandaic
0%
cmg Classical Mongolian
0%
nci Classical Nahuatl
0%
nwc Classical Newari
0%
qwc Classical Quechua
0%
cls Classical Sanskrit
0%
syc Classical Syriac
0%
xct Classical Tibetan
0%
dri C'Lela
0%
xcw Coahuilteco
0%
kjc Coastal Konjo
0%
csi Coast Miwok
0%
zca Coatecas Altas Zapotec
0%
naz Coatepec Nahuatl
0%
mco Coatlán Mixe
0%
zps Coatlán Zapotec
0%
miz Coatzospan Mixtec
0%
cod Cocama-Cocamilla
0%
coj Cochimi
0%
coc Cocopa
0%
coa Cocos Islands Malay
0%
crd Coeur d'Alene
0%
con Cofán
0%
kog Cogui
0%
liw Col
0%
csn Colombian Sign Language
0%
gct Colonia Tovar German
0%
cof Colorado
0%
col Columbia-Wenatchi
0%
cco Comaltepec Chinantec
0%
xcm Comecrudo
0%
cfg Como Karim
0%
coo Comox
0%
swc Congo Swahili
0%
cnc Côông
0%
csz Coos
0%
zoc Copainalá Zoque
0%
trc Copala Triqui
0%
coq Coquille
0%
qwa Corongo Ancash Quechua
0%
csr Costa Rican Sign Language
0%
mta Cotabato Manobo
0%
xcn Cotoname
0%
cow Cowlitz
0%
pbf Coyotepec Popoloca
0%
toc Coyutla Totonac
0%
csq Croatia Sign Language
0%
mfn Cross River Mbembe
0%
crz Cruzeño
0%
cua Cua
0%
csf Cuba Sign Language
0%
cub Cubeo
0%
cui Cuiba
0%
cuy Cuitlatec
0%
cul Culina
0%
cuo Cumanagoto
0%
xcb Cumbric
0%
cuq Cun
0%
xlu Cuneiform Luwian
0%
cup Cupeño
0%
xcu Curonian
0%
kpc Curripaco
0%
quz Cusco Quechua
0%
ccl Cutchi-Swahili
0%
cuv Cuvok
0%
xtu Cuyamecalco Mixtec
0%
cyo Cuyonon
0%
bwy Cwi Bwamu
0%
acy Cypriot Arabic
0%
cse Czech Sign Language
0%
dao Daai Chin
0%
kzf Da'a Kaili
0%
bpa Daakaka
0%
lni Daantanai'
0%
dsh Daasanach
0%
dtn Daatsʼíin
0%
dbq Daba
0%
dbr Dabarre
0%
dbe Dabe
0%
xdc Dacian
0%
mps Dadibi
0%
dda Dadi Dadi
0%
dbd Dadiya
0%
dgz Daga
0%
dgd Dagaari Dioula
0%
dec Dagik
0%
dgn Dagoman
0%
dlk Dahalik
0%
dal Dahalo
0%
das Daho-Doo
0%
drb Dair
0%
zhd Dai Zhuang
0%
dkk Dakka
0%
dka Dakpakha
0%
ngk Dalabon
0%
bev Daloa Bété
0%
dam Damakawa
0%
uhn Damal
0%
dac Dambi
0%
dml Dameli
0%
dms Dampelas
0%
dnr Danaru
0%
dnu Danau
0%
daq Dandami Maria
0%
daa Dangaléat
0%
thl Dangaura Tharu
0%
dsl Danish Sign Language
0%
aso Dano
0%
dnv Danu
0%
dnd Daonda
0%
dry Darai
0%
djc Dar Daju Daju
0%
daj Dar Fur Daju
0%
xda Darkinyung
0%
dln Darlong
0%
drd Darmiya
0%
dro Daro-Matu Melanau
0%
dau Dar Sila Daju
0%
dot Dass
0%
tcc Datooga
0%
dgw Daungwurrung
0%
dta Daur
0%
daw Davawenyo
0%
kwa Dâw
0%
dww Dawawa
0%
ddw Dawera-Daweloor
0%
dwk Dawik Kui
0%
dwr Dawro
0%
dax Dayi
0%
dzd Daza
0%
dzg Dazaga
0%
dcc Deccan
0%
ded Dedua
0%
afn Defaka
0%
gbh Defi Gbe
0%
mzw Deg
0%
deg Degema
0%
dge Degenan
0%
ing Degexit'an
0%
dhv Dehu
0%
deh Dehwari
0%
row Dela-Oenale
0%
del Delaware
0%
ntr Delo
0%
dmx Dema
0%
dei Demisa
0%
dmy Demta
0%
ddn Dendi (Benin)
0%
deq Dendi (Central African Republic)
0%
dez Dengese
0%
dnk Dengka
0%
dny Dení
0%
dbb Deno
0%
anv Denya
0%
der Deori
0%
kbv Dera (Indonesia)
0%
kna Dera (Nigeria)
0%
des Desano
0%
dso Desiya
0%
dwz Dewas Rai
0%
dee Dewoin
0%
def Dezfuli
0%
dgh Dghwede
0%
dhs Dhaiso
0%
dhl Dhalandji
0%
dhg Dhangu-Djangu
0%
dhn Dhanki
0%
dhw Dhanwar (Nepal)
0%
nfa Dhao
0%
tbh Dharawal
0%
dhr Dhargari
0%
xdk Dharuk
0%
xgm Dharumbal
0%
dhi Dhimal
0%
dho Dhodia
0%
adf Dhofari Arabic
0%
ddr Dhudhuroa
0%
dhx Dhungaloo
0%
dhu Dhurga
0%
dwu Dhuwal
0%
dwy Dhuwaya
0%
dia Dia
0%
mbd Dibabawon Manobo
0%
dby Dibiyaso
0%
dio Dibo
0%
bvx Dibole
0%
duy Dicamay Agta
0%
did Didinga
0%
ddo Dido
0%
dif Dieri
0%
mhu Digaro-Mishmi
0%
osd Digor Ossetic
0%
dur Dii
0%
cfa Dijim-Bwilim
0%
dil Dilling
0%
jma Dima
0%
dis Dimasa
0%
dii Dimbong
0%
dim Dime
0%
diq Dimli (individual language)
0%
diz Ding
0%
gdl Dirasha
0%
dwa Diri
0%
diu Diriku
0%
dir Dirim
0%
nzr Dir-Nyamzak-Mbarimi
0%
dsi Disa
0%
tbz Ditammari
0%
dtd Ditidaht
0%
diy Diuwe
0%
xtd Diuxi-Tilantongo Mixtec
0%
dix Dixon Reef
0%
mdx Dizin
0%
dyy Djabugay
0%
tjw Djabwurrung
0%
dja Djadjawurrung
0%
djr Djambarrpuyngu
0%
djd Djamindjung
0%
djf Djangun
0%
djw Djawi
0%
djj Djeebbana
0%
dyi Djimini Senoufo
0%
dji Djinang
0%
djb Djinba
0%
dze Djiwarli
0%
kvo Dobel
0%
dob Dobu
0%
doe Doe
0%
dgg Doga
0%
dgx Doghoro
0%
dos Dogosé
0%
dgs Dogoso
0%
dgo Dogri (individual language)
0%
doi Dogri (macrolanguage)
0%
dbg Dogul Dom Dogon
0%
dbi Doka
0%
uya Doko-Uyanga
0%
dsk Dokshi
0%
dre Dolpo
0%
dmk Domaaki
0%
dov Dombe
0%
doq Dominican Sign Language
0%
doy Dompo
0%
dof Domu
0%
dev Domung
0%
dok Dondo
0%
doo Dongo
0%
ddd Dongotono
0%
yik Dongshanba Lalo
0%
sce Dongxiang
0%
dds Donno So Dogon
0%
dde Doondo
0%
dor Dori'o
0%
kqc Doromu-Koki
0%
doz Dorze
0%
dol Doso
0%
dty Dotyali
0%
tds Doutai
0%
dow Doyayo
0%
drt Drents
0%
duu Drung
0%
dua Duala
0%
dup Duano
0%
dva Duau
0%
dub Dubli
0%
dmu Dubu
0%
ndu Dugun
0%
dbm Duguri
0%
dme Dugwor
0%
kbz Duhwa
0%
nke Duke
0%
dbo Dulbu
0%
duz Duli-Gey
0%
dma Duma
0%
duf Dumbea
0%
dus Dumi
0%
dmv Dumpas
0%
dui Dumun
0%
duc Duna
0%
raa Dungmali
0%
duh Dungra Bhil
0%
dbv Dungu
0%
duo Dupaninan Agta
0%
drq Dura
0%
mvp Duri
0%
dbn Duriankere
0%
krp Durop
0%
dug Duruma
0%
pci Duruwa
0%
dsn Dusner
0%
dun Dusun Deyah
0%
duq Dusun Malang
0%
duw Dusun Witu
0%
dse Dutch Sign Language
0%
dws Dutton World Speedwords
0%
dux Duungooma
0%
dae Duupa
0%
duv Duvle
0%
dbp Duwai
0%
gve Duwet
0%
ldb Dũya
0%
nnu Dwang
0%
dyb Dyaberdyaber
0%
dya Dyan
0%
dyn Dyangadi
0%
dyr Dyarim
0%
dbl Dyirbal
0%
dyd Dyugun
0%
jen Dza
0%
dzl Dzalakha
0%
dzn Dzando
0%
bpn Dzao Min
0%
dnn Dzùùngoo
0%
xtr Early Tripuri
0%
omb East Ambae
0%
zbe East Berawan
0%
dmr East Damar
0%
aaq Eastern Abnaki
0%
acp Eastern Acipa
0%
qve Eastern Apurímac Quechua
0%
aer Eastern Arrernte
0%
bgp Eastern Balochi
0%
gui Eastern Bolivian Guaraní
0%
ebk Eastern Bontok
0%
bru Eastern Bru
0%
ike Eastern Canadian Inuktitut
0%
cjm Eastern Cham
0%
azd Eastern Durango Nahuatl
0%
avl Eastern Egyptian Bedawi Arabic
0%
tge Eastern Gorkha Tamang
0%
cly Eastern Highland Chatino
0%
otm Eastern Highland Otomi
0%
zeh Eastern Hongshuihe Zhuang
0%
nhe Eastern Huasteca Nahuatl
0%
hme Eastern Huishui Hmong
0%
xrb Eastern Karaboro
0%
ktv Eastern Katu
0%
eky Eastern Kayah
0%
kee Eastern Keres
0%
cek Eastern Khumi Chin
0%
kqo Eastern Krahn
0%
yit Eastern Lalu
0%
lwl Eastern Lawa
0%
mgp Eastern Magar
0%
emk Eastern Maninkakan
0%
mhr Eastern Mari
0%
djk Eastern Maroon Creole
0%
emg Eastern Meohang
0%
emq Eastern Minyag
0%
mng Eastern Mnong
0%
emu Eastern Muria
0%
nea Eastern Ngad'a
0%
nos Eastern Nisu
0%
ojg Eastern Ojibwa
0%
hae Eastern Oromo
0%
kif Eastern Parbate Kham
0%
pez Eastern Penan
0%
peb Eastern Pomo
0%
hmq Eastern Qiandong Miao
0%
sfe Eastern Subanen
0%
taj Eastern Tamang
0%
bnj Eastern Tawbuid
0%
muq Eastern Xiangxi Miao
0%
gbx Eastern Xwla Gbe
0%
ydd Eastern Yiddish
0%
fud East Futuna
0%
kjs East Kewa
0%
lma East Limba
0%
mky East Makian
0%
vme East Masela
0%
nle East Nyala
0%
tre East Tarangan
0%
yuy East Yugur
0%
igb Ebira
0%
xeb Eblan
0%
ebr Ebrié
0%
ebg Ebughu
0%
ecs Ecuadorian Sign Language
0%
cbj Ede Cabe
0%
ica Ede Ica
0%
idd Ede Idaca
0%
ijj Ede Ije
0%
awy Edera Awyu
0%
etr Edolo
0%
xdm Edomite
0%
dbf Edopi
0%
efa Efai
0%
efi Efik
0%
ofu Efutop
0%
ego Eggon
0%
egy Egyptian (Ancient)
0%
arz Egyptian Arabic
0%
esl Egypt Sign Language
0%
ehu Ehueun
0%
eip Eipomek
0%
eit Eitiep
0%
etu Ejagham
0%
eja Ejamat
0%
cey Ekai Chin
0%
eka Ekajuk
0%
ekg Ekari
0%
eki Eki
0%
eke Ekit
0%
ekp Ekpeye
0%
zpp El Alto Zapotec
0%
elm Eleme
0%
ele Elepi
0%
ovd Elfdalian
0%
elh El Hugeirat
0%
ekm Elip
0%
elk Elkei
0%
elo El Molo
0%
crn El Nayar Cora
0%
zte Elotepec Zapotec
0%
afo Eloyi
0%
mrf Elseng
0%
elu Elu
0%
xly Elymian
0%
yzg E'ma Buyang
0%
mmw Emae
0%
ema Emai-Iuleha-Ora
0%
emn Eman
0%
emb Embaloh
0%
bdc Emberá-Baudó
0%
cto Emberá-Catío
0%
cmi Emberá-Chamí
0%
tdc Emberá-Tadó
0%
ebu Embu
0%
eme Emerillon
0%
emw Emplawas
0%
enr Emumu
0%
pbh E'ñapa Woromaipu
0%
unk Enawené-Nawé
0%
end Ende
0%
enq Enga
0%
ngr Engdewu
0%
enn Engenni
0%
eno Enggano
0%
enl Enlhet
0%
ptt Enrekang
0%
enu Enu
0%
enw Enwan (Akwa Ibom State)
0%
env Enwan (Edo State)
0%
enx Enxet
0%
gey Enya
0%
sja Epena
0%
epi Epie
0%
emy Epigraphic Mayan
0%
xep Epi-Olmec
0%
era Eravallan
0%
kjy Erave
0%
twp Ere
0%
ert Eritai
0%
erw Erokwanas
0%
err Erre
0%
emx Erromintxela
0%
ers Ersu
0%
erh Eruwa
0%
ish Esan
0%
ese Ese Ejja
0%
esh Eshtehardi
0%
ags Esimbi
0%
esy Eskayan
0%
esq Esselen
0%
ots Estado de México Otomi
0%
eso Estonian Sign Language
0%
esm Esuma
0%
etc Etchemin
0%
etb Etebi
0%
etx Eten
0%
ecr Eteocretan
0%
ecy Eteocypriot
0%
eth Ethiopian Sign Language
0%
ich Etkywan
0%
eto Eton (Cameroon)
0%
etn Eton (Vanuatu)
0%
ett Etruscan
0%
utr Etulo
0%
eud Eudeve
0%
bzz Evant
0%
gev Eviya
0%
nou Ewage-Notu
0%
ewo Ewondo
0%
eya Eyak
0%
eza Ezaa
0%
fab Fa d'Ambu
0%
faf Fagani
0%
fif Faifi
0%
azt Faire Atta
0%
faj Faita
0%
fai Faiwol
0%
cfm Falam Chin
0%
fli Fali
0%
xfa Faliscan
0%
fam Fam
0%
fng Fanagalo
0%
bjp Fanamaket
0%
fnb Fanbak
0%
fak Fang (Cameroon)
0%
fan Fang (Equatorial Guinea)
0%
fni Fania
0%
fat Fanti
0%
gur Farefare
0%
fmu Far Western Muria
0%
fqs Fas
0%
faa Fasu
0%
far Fataleka
0%
ddg Fataluku
0%
fau Fayu
0%
fmp Fe'fe'
0%
agl Fembe
0%
fpe Fernando Po Creole English
0%
fer Feroge
0%
hif Fiji Hindi
0%
tlp Filomena Mata-Coahuitlán Totonac
0%
fss Finland-Swedish Sign Language
0%
fse Finnish Sign Language
0%
fag Finongan
0%
fip Fipa
0%
fir Firan
0%
fiw Fiwaga
0%
fly Flaaitaal
0%
fln Flinders Island
0%
flh Foau
0%
foi Foi
0%
ffi Foia Foia
0%
ppo Folopa
0%
fom Foma
0%
fgr Fongoro
0%
fod Foodo
0%
frq Forak
0%
frd Fordata
0%
for Fore
0%
enf Forest Enets
0%
frt Fortsenal
0%
zos Francisco León Zoque
0%
frk Frankish
0%
fsl French Sign Language
0%
ful Fulah
0%
flr Fuliiru
0%
fun Fulniô
0%
fum Fum
0%
ula Fungwa
0%
fuu Furu
0%
fut Futuna-Aniwa
0%
fuy Fuyug
0%
fwa Fwâi
0%
fwe Fwe
0%
pym Fyam
0%
fie Fyer
0%
ttb Gaa
0%
gbw Gabi-Gabi
0%
gie Gaɓogbo
0%
gab Gabri
0%
xgf Gabrielino-Fernandeño
0%
gdg Ga'dang
0%
gdk Gadang
0%
gad Gaddang
0%
gbk Gaddi
0%
ged Gade
0%
gda Gade Lohar
0%
gdh Gadjerawang
0%
gaj Gadsup
0%
gft Gafat
0%
gbu Gagadu
0%
btg Gagnoa Bété
0%
gbf Gaikundi
0%
gic Gail
0%
gcn Gaina
0%
glo Galambu
0%
xga Galatian
0%
gbi Galela
0%
gar Galeya
0%
car Galibi Carib
0%
gce Galice
0%
xgl Galindan
0%
sdn Gallurese Sardinian
0%
adl Galo
0%
gal Galolen
0%
kgj Gamale Kham
0%
gma Gambera
0%
wof Gambian Wolof
0%
kld Gamilaraay
0%
gbl Gamit
0%
gak Gamkonora
0%
gmv Gamo
0%
bte Gamo-Ningi
0%
gnk ǁGana
0%
gnq Gana
0%
gne Ganang
0%
gan Gan Chinese
0%
pgd Gāndhārī
0%
gzn Gane
0%
gcd Ganggalida
0%
ggl Ganglau
0%
gnb Gangte
0%
gnl Gangulu
0%
gao Gants
0%
gza Ganza
0%
gnz Ganzi
0%
pwg Gapapaiwa
0%
ilg Garig-Ilgar
0%
xgi Garingbal
0%
gll Garlali
0%
gex Garre
0%
wrk Garrwa
0%
gyb Garus
0%
xgr Garza
0%
gaq Gata'
0%
dmc Gavak
0%
gou Gavar
0%
gvo Gavião Do Jiparaná
0%
gwt Gawar-Bati
0%
gwc Gawri
0%
gwd Gawwada
0%
gyl Gayil
0%
gay Gayo
0%
gzi Gazi
0%
gbr Gbagyi
0%
gbv Gbanu
0%
gbg Gbanziri
0%
gbp Gbaya-Bossangoa
0%
gbq Gbaya-Bozoum
0%
gba Gbaya (Central African Republic)
0%
gmm Gbaya-Mbodomo
0%
krs Gbaya (Sudan)
0%
gyg Gbayi
0%
gbs Gbesi Gbe
0%
ggb Gbii
0%
xgb Gbin
0%
grh Gbiri-Niragu
0%
gec Gboloo Grebo
0%
kvq Geba Karen
0%
gei Gebe
0%
gdd Gedaged
0%
drs Gedeo
0%
gyz Geji
0%
ghk Geko Karen
0%
geq Geme
0%
gaf Gende
0%
geg Gengle
0%
ygp Gepo
0%
gew Gera
0%
gef Gerai
0%
gsg German Sign Language
0%
gea Geruma
0%
ges Geser-Gorom
0%
gha Ghadamès
0%
gpe Ghanaian Pidgin English
0%
gse Ghanaian Sign Language
0%
gds Ghandruk Sign Language
0%
ghn Ghanongga
0%
bmk Ghayavi
0%
aln Gheg Albanian
0%
ghr Ghera
0%
bbj Ghomálá'
0%
gho Ghomara
0%
ghl Ghulfan
0%
bgi Giangan
0%
gib Gibanawa
0%
gid Gidar
0%
kks Giiwo
0%
acd Gikyode
0%
gix Gilima
0%
niv Gilyak
0%
gim Gimi (Eastern Highlands)
0%
gip Gimi (West New Britain)
0%
kmp Gimme
0%
gmn Gimnime
0%
gnm Ginuman
0%
ayg Ginyanga
0%
bbr Girawa
0%
gii Girirra
0%
nyf Giryama
0%
gih Githabul
0%
toh Gitonga
0%
ggt Gitua
0%
git Gitxsan
0%
giy Giyug
0%
tof Gizrra
0%
glr Glaro-Twabo
0%
glw Glavda
0%
oub Glio-Oubi
0%
gnu Gnau
0%
gom Goan Konkani
0%
gig Goaria
0%
goi Gobasi
0%
gox Gobu
0%
god Godié
0%
gdx Godwari
0%
ank Goemai
0%
gof Gofa
0%
gog Gogo
0%
ggw Gogodala
0%
gkn Gokana
0%
gol Gola
0%
gvf Golin
0%
lja Golpa
0%
goo Gone Dau
0%
goe Gongduk
0%
gjn Gonja
0%
gov Goo
0%
gni Gooniyandi
0%
goc Gorakor
0%
goq Gorap
0%
xgg Goreng
0%
gor Gorontalo
0%
grq Gorovu
0%
gow Gorowa
0%
goy Goundo
0%
gux Gourmanchéma
0%
goj Gowlan
0%
gok Gowli
0%
gwf Gowro
0%
goz Gozarkhani
0%
nli Grangali
0%
kbk Grass Koiari
0%
grb Grebo
0%
gss Greek Sign Language
0%
giq Green Gelao
0%
gcl Grenadian Creole English
0%
grs Gresi
0%
gro Groma
0%
ats Gros Ventre
0%
gcf Guadeloupean Creole French
0%
guh Guahibo
0%
gvj Guajá
0%
gub Guajajára
0%
gum Guambiano
0%
gqn Guana (Brazil)
0%
gvc Guanano
0%
gva Guana (Paraguay)
0%
gnc Guanche
0%
jiq Guanyinqiao
0%
gyr Guarayu
0%
gae Guarequena
0%
gsm Guatemalan Sign Language
0%
gta Guató
0%
guo Guayabero
0%
xgd Gudang
0%
nji Gudanji
0%
gde Gude
0%
gdu Gudu
0%
gdf Guduf-Gava
0%
amu Guerrero Amuzgo
0%
ngu Guerrero Nahuatl
0%
zpg Guevea De Humboldt Zapotec
0%
ggd Gugadj
0%
gdc Gugu Badhun
0%
kkp Gugubera
0%
wrw Gugu Warra
0%
ghs Guhu-Samane
0%
gcr Guianese Creole French
0%
zgb Guibei Zhuang
0%
bet Guiberoua Béte
0%
zgn Guibian Zhuang
0%
ztu Güilá Zapotec
0%
lgs Guinea-Bissau Sign Language
0%
gkp Guinea Kpelle
0%
gus Guinean Sign Language
0%
gqi Guiqiong
0%
gju Gujari
0%
gmb Gula'alaa
0%
kcm Gula (Central African Republic)
0%
glu Gula (Chad)
0%
glj Gula Iro
0%
gvl Gulay
0%
gly Gule
0%
afb Gulf Arabic
0%
gmu Gumalu
0%
gnn Gumatj
0%
gvs Gumawana
0%
guk Gumuz
0%
gdi Gundi
0%
gjm Gunditjmara
0%
xrd Gundungurra
0%
gyf Gungabula
0%
rub Gungu
0%
gnt Guntai
0%
gup Gunwinggu
0%
gyy Gunya
0%
gpa Gupa-Abawa
0%
guf Gupapuyngu
0%
grz Guramalum
0%
gdj Gurdjar
0%
gnr Gureng Gureng
0%
ggg Gurgula
0%
grx Guriaso
0%
gue Gurindji
0%
gjr Gurindji Kriol
0%
gvm Gurmana
0%
gge Gurr-goni
0%
grd Guruntum-Mbaaru
0%
guz Gusii
0%
gsl Gusilay
0%
kky Guugu Yimidhirr
0%
xgw Guwa
0%
gwu Guwamu
0%
gyn Guyanese Creole English
0%
gvy Guyani
0%
ngs Gvoko
0%
gwb Gwa
0%
dah Gwahatike
0%
jgk Gwak
0%
bga Gwamhi-Wuri
0%
gwn Gwandara
0%
grw Gweda
0%
gwe Gweno
0%
gwr Gwere
0%
gwj ǀGwi
0%
gwi Gwichʼin
0%
gyo Gyalsumdo
0%
gyi Gyele
0%
gye Gyem
0%
hbu Habu
0%
hdy Hadiyya
0%
hoj Hadothi
0%
xhd Hadrami
0%
ayh Hadrami Arabic
0%
hts Hadza
0%
aek Haeke
0%
hah Hahon
0%
hgw Haigwai
0%
hnm Hainanese
0%
hgm Haiǁom
0%
haf Haiphong Sign Language
0%
has Haisla
0%
hvc Haitian Vodoun Culture Language
0%
hji Haji
0%
haj Hajong
0%
cnh Hakha Chin
0%
hak Hakka Chinese
0%
hao Hakö
0%
hal Halang
0%
hld Halang Doan
0%
hlb Halbi
0%
khk Halh Mongolian
0%
hla Halia
0%
hur Halkomelem
0%
hmu Hamap
0%
hba Hamba
0%
amf Hamer-Banna
0%
hmt Hamtai
0%
hag Hanga
0%
wos Hanga Hundi
0%
han Hangaza
0%
lml Hano
0%
hab Hanoi Sign Language
0%
hnn Hanunoo
0%
xha Harami
0%
kjo Harijan Kinnauri
0%
hro Haroi
0%
hss Harsusi
0%
tmd Haruai
0%
hrk Haruku
0%
hrz Harzani
0%
ybj Hasha
0%
mey Hassaniyya
0%
had Hatam
0%
xht Hattic
0%
hsl Hausa Sign Language
0%
yuf Havasupai-Walapai-Yavapai
0%
hvk Haveke
0%
hav Havu
0%
hwc Hawai'i Creole English
0%
hps Hawai'i Sign Language (HSL)
0%
hay Haya
0%
xed Hdi
0%
heh Hehe
0%
hbn Heiban
0%
hei Heiltsuk
0%
heg Helong
0%
nix Hema
0%
hem Hemba
0%
mmi Hember Avu
0%
hed Herdé
0%
llf Hermit
0%
xhr Hernican
0%
hrt Hértevin
0%
ham Hewa
0%
auk Heyo
0%
ghc Hiberno-Scottish Gaelic
0%
hib Hibito
0%
hid Hidatsa
0%
hlu Hieroglyphic Luwian
0%
mba Higaonon
0%
kjk Highland Konjo
0%
chd Highland Oaxaca Chontal
0%
poi Highland Popoluca
0%
azz Highland Puebla Nahuatl
0%
tos Highland Totonac
0%
acw Hijazi Arabic
0%
hij Hijuk
0%
hir Himarimã
0%
hii Hinduri
0%
hit Hittite
0%
htu Hitu
0%
hiw Hiw
0%
hix Hixkaryána
0%
lic Hlai
0%
yhl Hlepho Phowa
0%
hle Hlersu
0%
hmr Hmar
0%
mww Hmong Daw
0%
hmv Hmong Dô
0%
hmf Hmong Don
0%
hnj Hmong Njua
0%
hmz Hmong Shua
0%
mrk Hmwaveke
0%
hoa Hoava
0%
hoh Hobyót
0%
hos Ho Chi Minh City Sign Language
0%
win Ho-Chunk
0%
hhi Hoia Hoia
0%
hoi Holikachuk
0%
hoy Holiya
0%
hod Holma
0%
hoo Holoholo
0%
hol Holu
0%
hom Homa
0%
hds Honduras Sign Language
0%
juh Hõne
0%
hks Hong Kong Sign Language
0%
how Honi
0%
hrm Horned Miao
0%
hor Horo
0%
hoe Horom
0%
ero Horpa
0%
hot Hote
0%
hti Hoti
0%
hov Hovongan
0%
hhy Hoyahoya
0%
hoz Hozo
0%
hpo Hpon
0%
hra Hrangkhol
0%
hre Hre
0%
hru Hruso
0%
huc ǂHua
0%
hug Huachipaeri
0%
qub Huallaga Huánuco Quechua
0%
qvh Huamalíes-Dos de Mayo Huánuco Quechua
0%
hub Huambisa
0%
var Huarijio
0%
hus Huastec
0%
hud Huaulu
0%
mau Huautla Mazatec
0%
nhq Huaxcaleca Nahuatl
0%
qwh Huaylas Ancash Quechua
0%
qvw Huaylla Wanca Quechua
0%
hbb Huba
0%
tee Huehuetla Tepehua
0%
hch Huichol
0%
huh Huilliche
0%
mxs Huitepec Mixtec
0%
czh Huizhou Chinese
0%
huw Hukumina
0%
hul Hula
0%
huy Hulaulá
0%
hui Huli
0%
huk Hulung
0%
hmb Humburi Senni Songhay
0%
huf Humene
0%
hut Humla
0%
hke Hunde
0%
hum Hungana
0%
hsh Hungarian Sign Language
0%
hng Hungu
0%
hkk Hunjara-Kaina Ke
0%
xhc Hunnic
0%
hrx Hunsrik
0%
hup Hupa
0%
jup Hupdë
0%
hap Hupla
0%
xhu Hurrian
0%
geh Hutterite German
0%
hwo Hwana
0%
hya Hya
0%
jab Hyam
0%
scp Hyolmo
0%
iai Iaai
0%
yml Iamalele
0%
ian Iatmul
0%
tmu Iau
0%
tek Ibali Teke
0%
ibl Ibaloi
0%
ibg Ibanag
0%
iby Ibani
0%
ivb Ibatan
0%
ibn Ibino
0%
ibr Ibuoro
0%
icl Icelandic Sign Language
0%
bec Iceve-Maci
0%
dbj Ida'an
0%
ida Idakho-Isukha-Tiriki
0%
idt Idaté
0%
ide Idere
0%
ids Idesa
0%
idi Idi
0%
idu Idoma
0%
idc Idon
0%
clk Idu-Mishmi
0%
viv Iduna
0%
ife Ifè
0%
iff Ifo
0%
igl Igala
0%
igg Igana
0%
ige Igede
0%
ign Ignaciano
0%
nar Iguta
0%
igw Igwe
0%
ihp Iha
0%
ihb Iha Based Pidgin
0%
ihi Ihievbe
0%
ikr Ikaranggal
0%
ikh Ikhin-Arokho
0%
ikz Ikizu
0%
iki Iko
0%
meb Ikobi
0%
ntk Ikoma-Nata-Isenye
0%
txi Ikpeng
0%
ikp Ikpeshi
0%
kpo Ikposo
0%
ikv Iku-Gora-Ankwa
0%
ikl Ikulu
0%
ikw Ikwere
0%
iqw Ikwo
0%
ilb Ila
0%
ila Ile Ape
0%
mbi Ilianen Manobo
0%
ili Ili Turki
0%
ilu Ili'uun
0%
xil Illyrian
0%
ilo Iloko
0%
ilk Ilongot
0%
ilv Ilue
0%
mlk Ilwana
0%
qvi Imbabura Highland Quichua
0%
imo Imbongu
0%
imn Imonda
0%
imt Imotong
0%
imr Imroing
0%
abx Inabaknon
0%
mzu Inapang
0%
inp Iñapari
0%
ins Indian Sign Language
0%
bdl Indonesian Bajau
0%
inl Indonesian Sign Language
0%
idb Indo-Portuguese
0%
idr Indri
0%
mvy Indus Kohistani
0%
xiv Indus Valley Language
0%
oin Inebu One
0%
inz Ineseño
0%
inb Inga
0%
iti Inlaod Itneg
0%
ino Inoke-Yate
0%
loc Inonhan
0%
ior Inor
0%
nkf Inpui Naga
0%
igs Interglossa
0%
ina Interlingua (International Auxiliary Language Association)
0%
ile Interlingue
0%
ils International Sign
0%
isv Interslavic
0%
int Intha
0%
ikt Inuinnaqtun
0%
iks Inuit Sign Language
0%
iow Iowa-Oto
0%
azm Ipalapa Amuzgo
0%
ipo Ipiko
0%
ipi Ipili
0%
ass Ipulo
0%
iqu Iquito
0%
pes Iranian Persian
0%
psc Iranian Sign Language
0%
irn Irántxe
0%
ilm Iranun (Malaysia)
0%
ilp Iranun (Philippines)
0%
irk Iraqw
0%
irh Irarutu
0%
iry Iraya
0%
ire Iresim
0%
isg Irish Sign Language
0%
oss Iron Ossetic
0%
isa Isabi
0%
isn Isanzu
0%
agk Isarog Agta
0%
isc Isconahua
0%
igo Isebe
0%
its Isekiri
0%
inn Isinai
0%
srl Isirawa
0%
crb Island Carib
0%
icr Islander Creole English
0%
isd Isnag
0%
iso Isoko
0%
isr Israeli Sign Language
0%
nhk Isthmus-Cosoleacaque Nahuatl
0%
nhx Isthmus-Mecayapan Nahuatl
0%
mir Isthmus Mixe
0%
nhp Isthmus-Pajapan Nahuatl
0%
zai Isthmus Zapotec
0%
szv Isu (Fako Division)
0%
isu Isu (Menchum Division)
0%
ise Italian Sign Language
0%
itv Itawit
0%
ite Itene
0%
itr Iteri
0%
itx Itik
0%
itw Ito
0%
ito Itonama
0%
itm Itu Mbon Uzo
0%
mce Itundujia Mixtec
0%
itz Itzá
0%
ium Iu Mien
0%
ivv Ivatan
0%
atg Ivbie North-Okpela-Arhe
0%
ibd Iwaidja
0%
iwk I-Wak
0%
kbm Iwal
0%
iwm Iwam
0%
iwo Iwur
0%
ixc Ixcatec
0%
mzi Ixcatlán Mazatec
0%
ixl Ixil
0%
vmj Ixtayutla Mixtec
0%
otz Ixtenco Otomi
0%
iya Iyayu
0%
uiv Iyive
0%
nca Iyo
0%
crt Iyojwa'ja Chorote
0%
crq Iyo'wujwa Chorote
0%
izr Izere
0%
izz Izii
0%
ijc Izon
0%
cbo Izora
0%
jbt Jabutí
0%
jda Jad
0%
jdg Jadgali
0%
jad Jahanka
0%
jah Jah Hut
0%
awv Jair Awyu
0%
xjt Jaitmatang
0%
jat Jakati
0%
jrt Jakattoe
0%
jak Jakun
0%
maj Jalapa De Díaz Mazatec
0%
bxl Jalkunan
0%
jcs Jamaican Country Sign Language
0%
jam Jamaican Creole English
0%
jls Jamaican Sign Language
0%
jaa Jamamadí
0%
jax Jambi Malay
0%
mxt Jamiltepec Mixtec
0%
djm Jamsay Dogon
0%
jan Jandai
0%
jnd Jandavra
0%
djo Jangkang
0%
jna Jangshung
0%
jni Janji
0%
jsl Japanese Sign Language
0%
jru Japrería
0%
jqr Jaqaru
0%
jra Jarai
0%
anq Jarawa (India)
0%
ddj Jaru
0%
qxw Jauja Wanca Quechua
0%
jvd Javindo
0%
jaz Jawe
0%
djn Jawoyn
0%
jyy Jaya
0%
jeb Jebero
0%
jeh Jeh
0%
jhi Jehai
0%
pzn Jejara Naga
0%
jje Jejueo
0%
tow Jemez
0%
bze Jenaama Bozo
0%
xuj Jennu Kurumba
0%
jer Jere
0%
jek Jeri Kuo
0%
nrf Jèrriais
0%
jee Jerung
0%
tmr Jewish Babylonian Aramaic (ca. 200-1200 CE)
0%
jpa Jewish Palestinian Aramaic
0%
jhs Jhankot Sign Language
0%
jio Jiamao
0%
jya Jiarong
0%
juo Jiba
0%
jib Jibu
0%
apj Jicarilla Apache
0%
jii Jiiddu
0%
jie Jilbe
0%
jil Jilim
0%
jim Jimi (Cameroon)
0%
jmi Jimi (Nigeria)
0%
jia Jina
0%
jig Jingulu
0%
cjy Jinyu Chinese
0%
pnu Jiongnai Bunu
0%
jul Jirel
0%
jrr Jiru
0%
jit Jita
0%
kaj Jju
0%
job Joba
0%
jbr Jofotek-Bromnya
0%
jog Jogi
0%
dyo Jola-Fonyi
0%
csk Jola-Kasa
0%
jeu Jonkor Bourmataguil
0%
jor Jorá
0%
jos Jordanian Sign Language
0%
jow Jowulu
0%
jun Juang
0%
jrb Judeo-Arabic
0%
jbe Judeo-Berber
0%
jge Judeo-Georgian
0%
yhd Judeo-Iraqi Arabic
0%
itk Judeo-Italian
0%
aju Judeo-Moroccan Arabic
0%
jpr Judeo-Persian
0%
jdt Judeo-Tat
0%
yud Judeo-Tripolitanian Arabic
0%
jye Judeo-Yemeni Arabic
0%
ktz Juǀʼhoan
0%
jbu Jukun Takum
0%
jua Júma
0%
jum Jumjum
0%
jus Jumla Sign Language
0%
jml Jumli
0%
inj Jungle Inga
0%
mxq Juquila Mixe
0%
juy Juray
0%
juc Jurchen
0%
bex Jur Modo
0%
jur Jurúna
0%
mwb Juwal
0%
vmc Juxtlahuaca Mixtec
0%
jwi Jwira-Pepesa
0%
xku Kaamba
0%
ckn Kaang Chin
0%
gna Kaansa
0%
kvf Kabalai
0%
xkp Kabatei
0%
kbp Kabiyè
0%
klz Kabola
0%
onk Kabore One
0%
lkb Kabras
0%
uka Kaburi
0%
kbu Kabutra
0%
cwa Kabwa
0%
kcw Kabwari
0%
kcx Kachama-Ganjule
0%
xac Kachari
0%
kfr Kachhi
0%
gjk Kachi Koli
0%
xkk Kachok
0%
koe Kacipo-Bale Suri
0%
kzd Kadai
0%
kej Kadar
0%
kdu Kadaru
0%
dtp Kadazan Dusun
0%
kbc Kadiwéu
0%
zkd Kadu
0%
dkg Kadung
0%
ktp Kaduo
0%
kkq Kaeku
0%
jka Kaera
0%
kpu Kafoa
0%
kll Kagan Kalagan
0%
syw Kagate
0%
cgc Kagayanen
0%
kdm Kagoma
0%
xkg Kagoro
0%
kki Kagulu
0%
hka Kahe
0%
agw Kahua
0%
kct Kaian
0%
kzb Kaibobo
0%
kzp Kaidipang
0%
kbw Kaiep
0%
kep Kaikadi
0%
kjv Kaikavian Literary Language
0%
kzq Kaike
0%
xai Kaimbé
0%
zka Kaimbulawa
0%
kgp Kaingang
0%
ckr Kairak
0%
kxa Kairiru
0%
krd Kairui-Midiki
0%
kzm Kais
0%
kce Kaivi
0%
kgk Kaiwá
0%
tcq Kaiy
0%
ckq Kajakse
0%
xkj Kajali
0%
kag Kajaman
0%
kqf Kakabai
0%
kke Kakabe
0%
kka Kakanda
0%
tbd Kaki Ae
0%
kkj Kako
0%
keo Kakwa
0%
kal Kalaallisut
0%
lkm Kalaamaya
0%
kve Kalabakan
0%
ijn Kalabari
0%
kzz Kalabra
0%
kqe Kalagan
0%
kkf Kalaktang Monpa
0%
mwp Kala Lagaw Ya
0%
kmh Kalam
0%
knz Kalamsé
0%
wkl Kalanadi
0%
kck Kalanga
0%
kak Kalanguya
0%
kly Kalao
0%
kyl Kalapuya
0%
kba Kalarko
0%
kln Kalenjin
0%
fla Kalispel-Pend d'Oreille
0%
xka Kalkoti
0%
ktg Kalkutung
0%
rmf Kalo Finnish Romani
0%
ywa Kalou
0%
bco Kaluli
0%
kli Kalumpang
0%
vkm Kamakan
0%
woi Kamang
0%
kbq Kamano
0%
keq Kamar
0%
jmr Kamara
0%
kzx Kamarian
0%
kgx Kamaru
0%
xas Kamas
0%
klp Kamasa
0%
kms Kamasau
0%
kyk Kamayo
0%
kay Kamayurá
0%
ktb Kambaata
0%
kyy Kambaira
0%
kam Kamba (Kenya)
0%
xbr Kambera
0%
irx Kamberau
0%
xbw Kambiwá
0%
kmi Kami (Nigeria)
0%
kcu Kami (Tanzania)
0%
kcq Kamo
0%
kgq Kamoro
0%
xmu Kamu
0%
xla Kamula
0%
xvi Kamviri
0%
hig Kamwe
0%
xnb Kanakanabu
0%
knm Kanamarí
0%
zkn Kanan
0%
xns Kanashi
0%
soq Kanasi
0%
bjj Kanauji
0%
kqw Kandas
0%
gam Kandawo
0%
kbs Kande
0%
kbl Kanembu
0%
kcp Kanga
0%
kkv Kangean
0%
igm Kanggape
0%
kxs Kangjia
0%
kty Kango (Bas-Uélé District)
0%
kzy Kango (Tshopo District)
0%
ktk Kaniet
0%
kev Kanikkaran
0%
kdp Kaningdon-Nindem
0%
kzo Kaningi
0%
knr Kaningra
0%
wat Kaninuwa
0%
kmu Kanite
0%
kft Kanjari
0%
kbe Kanju
0%
kne Kankanaey
0%
kfi Kannada Kurumba
0%
kxo Kanoé
0%
kxn Kanowit-Tanjong Melanau
0%
xkt Kantosi
0%
kni Kanufi
0%
kny Kanyok
0%
xpn Kapinawá
0%
khp Kapori
0%
dju Kapriman
0%
kbi Kaptiau
0%
klo Kapya
0%
cak Kaqchikel
0%
kah Kara (Central African Republic)
0%
kim Karagas
0%
kpj Karajá
0%
gbd Karajarri
0%
xqa Karakhanid
0%
zra Kara (Korea)
0%
xar Karami
0%
kdj Karamojong
0%
kzr Karang
0%
kth Karanga
0%
zkk Karankawa
0%
kyj Karao
0%
leu Kara (Papua New Guinea)
0%
kgv Karas
0%
reg Kara (Tanzania)
0%
xrw Karawa
0%
kbn Kare (Central African Republic)
0%
kai Karekare
0%
eaa Karenggapa
0%
kmf Kare (Papua New Guinea)
0%
kyd Karey
0%
bql Karian
0%
kgn Karingani
0%
kuq Karipuna
0%
kmv Karipúna Creole French
0%
kzw Karirí-Xocó
0%
ktn Karitiâna
0%
kil Kariya
0%
vka Kariyarra
0%
yuj Karkar-Yuri
0%
krb Karkin
0%
kko Karko
0%
bbv Karnai
0%
arr Karo (Brazil)
0%
kxh Karo (Ethiopia)
0%
kyh Karok
0%
krx Karon
0%
kgw Karon Dori
0%
xkx Karore
0%
rxw Karuwali
0%
ccj Kasanga
0%
xsm Kasem
0%
kju Kashaya
0%
ksn Kasiguranin
0%
kkz Kaska
0%
zsk Kaskean
0%
khs Kasua
0%
ktq Katabaga
0%
xat Katawixi
0%
tmb Katbol
0%
xtc Katcha-Kadugli-Miri
0%
tkt Kathoriya Tharu
0%
ykt Kathu
0%
bsh Kati
0%
kfu Katkari
0%
ktw Kato
0%
kaf Katso
0%
kta Katua
0%
kav Katukína
0%
pss Kaulong
0%
bpp Kaure
0%
zku Kaurna
0%
xau Kauwera
0%
ckv Kavalan
0%
krv Kavet
0%
kcb Kawacha
0%
xaw Kawaiisu
0%
kgb Kawe
0%
kaw Kawi
0%
ktx Kaxararí
0%
kbb Kaxuiâna
0%
kyz Kayabí
0%
kyt Kayagar
0%
pdu Kayan
0%
xay Kayan Mahakam
0%
xkn Kayan River Kayan
0%
txu Kayapó
0%
gyd Kayardild
0%
kvl Kayaw
0%
kzl Kayeli
0%
kxy Kayong
0%
kyv Kayort
0%
gbb Kaytetye
0%
kzu Kayupulau
0%
kzk Kazukuru
0%
khz Keapara
0%
meo Kedah Malay
0%
ksx Kedang
0%
kdy Keder
0%
wkr Keerray-Woorroong
0%
khh Kehu
0%
kei Kei
0%
kec Keiga
0%
bmh Kein
0%
eyo Keiyo
0%
kzi Kelabit
0%
kel Kela (Democratic Republic of Congo)
0%
kcl Kela (Papua New Guinea)
0%
keb Kélé
0%
khy Kele (Democratic Republic of Congo)
0%
bzx Kɛlɛngaxo Bozo
0%
sbc Kele (Papua New Guinea)
0%
ify Keley-I Kallahan
0%
kbo Keliko
0%
xel Kelo
0%
kyo Kelon
0%
kem Kemak
0%
xem Kembayan
0%
bzp Kemberano
0%
xkw Kembra
0%
dmo Kemedzung
0%
kfj Kemiehua
0%
kmt Kemtuik
0%
xbn Kenaboi
0%
gat Kenati
0%
knx Kendayan
0%
klf Kendeje
0%
kvm Kendem
0%
kyq Kenga
0%
kxi Keningau Murut
0%
knl Keninjal
0%
kns Kensiu
0%
ndb Kenswei Nsei
0%
ken Kenyang
0%
xki Kenyan Sign Language
0%
lke Kenyi
0%
xnz Kenzi
0%
xxk Ke'o
0%
xeu Keoru-Ahia
0%
kpn Kepkiriwát
0%
kuk Kepo'
0%
ker Kera
0%
hhr Kerak
0%
xke Kereho
0%
krk Kerek
0%
ked Kerewe
0%
kxz Kerewo
0%
kvr Kerinci
0%
xes Kesawai
0%
ket Ket
0%
kae Ketangalan
0%
kcv Kete
0%
xte Ketengban
0%
ktt Ketum
0%
kyg Keyagana
0%
xkv Kgalagadi
0%
hkh Khah
0%
klj Khalaj
0%
klr Khaling
0%
kbg Khamba
0%
ykh Khamnigan Mongol
0%
khg Khams Tibetan
0%
kht Khamti
0%
ksu Khamyang
0%
ogo Khana
0%
khn Khandesi
0%
kjm Kháng
0%
xao Khao
0%
kfw Kharam Naga
0%
khr Kharia
0%
ksy Kharia Thar
0%
lko Khayo
0%
zkz Khazar
0%
kqg Khe
0%
tlx Khehek
0%
xkf Khengkha
0%
xhe Khetrani
0%
nkh Khezha Naga
0%
kix Khiamniungan Naga
0%
kjj Khinalugh
0%
kwx Khirwar
0%
kqm Khisa
0%
ykl Khlula
0%
kjg Khmu
0%
naq Khoekhoe
0%
nkb Khoibu Naga
0%
xkc Kho'ini
0%
ktc Kholok
0%
kmz Khorasani Turkish
0%
zkh Khorezmian
0%
kho Khotanese
0%
xhv Khua
0%
khf Khuen
0%
cnk Khumi Chin
0%
kkh Khün
0%
kfm Khunsari
0%
khv Khvarshi
0%
blv Kibala
0%
kie Kibet
0%
prm Kibiri
0%
kic Kickapoo
0%
gia Kija
0%
kzg Kikai
0%
sjd Kildin Sami
0%
kij Kilivila
0%
klb Kiliwa
0%
kih Kilmeri
0%
kig Kimaama
0%
kqr Kimaragang
0%
sbt Kimki
0%
mji Kim Mun
0%
kqp Kimré
0%
cbw Kinabalian
0%
kco Kinalakna
0%
mkx Kinamiging Manobo
0%
krj Kinaray-A
0%
zga Kinga
0%
kfk Kinnauri
0%
knq Kintaq
0%
kkd Kinuku
0%
ues Kioko
0%
kkm Kiong
0%
xko Kiorr
0%
kio Kiowa
0%
apk Kiowa Apache
0%
sgc Kipsigis
0%
kyi Kiput
0%
kkr Kir-Balar
0%
geb Kire
0%
kir Kirghiz
0%
okr Kirike
0%
kiy Kirikiri
0%
kiu Kirmanjki (individual language)
0%
fkk Kirya-Konzəl
0%
kis Kis
0%
lks Kisa
0%
xis Kisan
0%
kqh Kisankasa
0%
kje Kisar
0%
kiz Kisi
0%
gru Kistane
0%
mwk Kita Maninkakan
0%
zkt Kitan
0%
kii Kitsai
0%
mkw Kituba (Congo)
0%
ktu Kituba (Democratic Republic of Congo)
0%
wei Kiunum
0%
izm Kizamani
0%
lda Kla-Dan
0%
clm Klallam
0%
kla Klamath-Modoc
0%
klu Klao
0%
kqt Klias River Kadazan
0%
czk Knaanic
0%
kib Koalib
0%
cku Koasati
0%
kpd Koba
0%
kcj Kobiana
0%
okc Kobo
0%
kgu Kobol
0%
kpw Kobon
0%
thq Kochila Tharu
0%
ksz Kodaku
0%
vko Kodeoha
0%
kod Kodi
0%
kwp Kodia
0%
kcs Koenoem
0%
kso Kofa
0%
kpi Kofei
0%
kwl Kofyar
0%
zkg Koguryo
0%
kkx Kohin
0%
plk Kohistani Shina
0%
kpm Koho
0%
bcs Kohumono
0%
nkd Koireng
0%
kqi Koitabu
0%
kxt Koiwat
0%
ktd Kokata
0%
kou Koke
0%
nxk Koki Naga
0%
gko Kok-Nar
0%
okg Koko Babangk
0%
xod Kokoda
0%
kzn Kokola
0%
kkk Kokota
0%
ekl Kol (Bangladesh)
0%
klc Kolbila
0%
biw Kol (Cameroon)
0%
skn Kolibugan Subanon
0%
kol Kol (Papua New Guinea)
0%
ksh Kölsch
0%
klx Koluwawa
0%
kmy Koma
0%
kpf Komba
0%
tyn Kombai
0%
xbi Kombio
0%
bkm Kom (Cameroon)
0%
kge Komering
0%
kmm Kom (India)
0%
xoi Kominimung
0%
kpv Komi-Zyrian
0%
kmw Komo (Democratic Republic of Congo)
0%
kvh Komodo
0%
xom Komo (Sudan)
0%
kvp Kompane
0%
kzv Komyandaret
0%
kxw Konai
0%
knd Konda
0%
kfc Konda-Dora
0%
kdw Koneraw
0%
knn Konkani (individual language)
0%
kok Konkani (macrolanguage)
0%
kkn Kon Keu
0%
xon Konkomba
0%
kma Konni
0%
knu Kono (Guinea)
0%
koa Konomala
0%
kcz Konongo
0%
klk Kono (Nigeria)
0%
kno Kono (Sierra Leone)
0%
kxc Konso
0%
nbe Konyak Naga
0%
mku Konyanka Maninka
0%
koo Konzo
0%
kng Koongo
0%
ozm Koonzime
0%
kqy Koorete
0%
xop Kopar
0%
opk Kopkaka
0%
kpr Korafe-Yegha
0%
koz Korak
0%
kqz Korana
0%
kcy Korandje
0%
kvk Korean Sign Language
0%
coe Koreguaje
0%
okh Koresh-e Rostam
0%
kfq Korku
0%
vkp Korlai Creole Portuguese
0%
kfo Koro (Côte d'Ivoire)
0%
jkr Koro (India)
0%
kfz Koromfé
0%
kqj Koromira
0%
bpr Koronadal Blaan
0%
xkq Koroni
0%
vkn Koro Nulu
0%
kxr Koro (Papua New Guinea)
0%
xxr Koropó
0%
ktl Koroshi
0%
krf Koro (Vanuatu)
0%
bqv Koro Wachi
0%
khe Korowai
0%
vkz Koro Zuba
0%
kfd Korra Koraga
0%
xor Korubo
0%
kpq Korupun-Sela
0%
kfp Korwa
0%
kiq Kosadle
0%
kkl Kosarek Yale
0%
kze Kosena
0%
mqg Kota Bangun Kutai Malay
0%
kqk Kotafon Gbe
0%
koq Kota (Gabon)
0%
kfe Kota (India)
0%
grm Kota Marudu Talantang
0%
avk Kotava
0%
eko Koti
0%
zko Kott
0%
snz Kou
0%
kyf Kouya
0%
kqb Kovai
0%
kvc Kove
0%
xow Kowaki
0%
kwh Kowiai
0%
kff Koya
0%
kga Koyaga
0%
koh Koyo
0%
ses Koyraboro Senni Songhai
0%
khq Koyra Chiini Songhay
0%
kqd Koy Sanjaq Surat
0%
koy Koyukon
0%
kuw Kpagua
0%
kpl Kpala
0%
kpk Kpan
0%
pbn Kpasam
0%
koc Kpati
0%
kym Kpatili
0%
cpo Kpeego
0%
kef Kpessi
0%
kph Kplang
0%
kye Krache
0%
xra Krahô
0%
rka Kraol
0%
kqq Krenak
0%
zkv Krevinian
0%
xre Kreye
0%
ngt Kriang
0%
xri Krikati-Timbira
0%
kri Krio
0%
rop Kriol
0%
ksi Krisa
0%
kxb Krobu
0%
kgo Krongo
0%
krr Krung
0%
tyu Kua
0%
yku Kuamasi
0%
uan Kuan
0%
xnh Kuanhua
0%
ykn Kua-nsi
0%
ksd Kuanua
0%
kua Kuanyama
0%
kgf Kube
0%
kof Kubi
0%
jko Kubo
0%
kvb Kubu
0%
lkc Kucong
0%
kfg Kudiya
0%
kyw Kudmali
0%
kov Kudu-Camo
0%
sqx Kufr Qassem Sign Language (KQSL)
0%
kow Kugama
0%
kes Kugbo
0%
xmh Kugu-Muminh
0%
uki Kui (India)
0%
kvd Kui (Indonesia)
0%
dkr Kuijau
0%
kui Kuikúro-Kalapálo
0%
vkj Kujarge
0%
kfn Kuk
0%
kux Kukatja
0%
ght Kuke
0%
kez Kukele
0%
kex Kukna
0%
ukv Kuku
0%
xmq Kuku-Mangk
0%
xmp Kuku-Mu'inh
0%
ugb Kuku-Ugbanh
0%
uwa Kuku-Uwanh
0%
gvn Kuku-Yalanji
0%
tpg Kula
0%
kul Kulere
0%
kxj Kulfa
0%
xpk Kulina Pano
0%
vkl Kulisusu
0%
kfx Kullu Pahari
0%
uon Kulon
0%
kle Kulung (Nepal)
0%
bbu Kulung (Nigeria)
0%
ksl Kumalu
0%
kdi Kumam
0%
kue Kuman (Papua New Guinea)
0%
qwm Kuman (Russia)
0%
kmj Kumarbhag Paharia
0%
ksm Kumba
0%
kgs Kumbainggar
0%
wkb Kumbaran
0%
xks Kumbewaha
0%
kra Kumhali
0%
dih Kumiai
0%
kuo Kumukio
0%
kun Kunama
0%
wlg Kunbarlang
0%
kdn Kunda
0%
shd Kundal Shahi
0%
wku Kunduvadi
0%
kfl Kung
0%
ggk Kungarakany
0%
gdt Kungardutyi
0%
knw Kung-Ekoka
0%
kgl Kunggari
0%
lku Kungkari
0%
kse Kuni
0%
kvg Kuni-Boazi
0%
xug Kunigami
0%
kup Kunimaipa
0%
pep Kunja
0%
kjn Kunjen
0%
njx Kunyi
0%
kuz Kunza
0%
kto Kuot
0%
kug Kupa
0%
mkn Kupang Malay
0%
key Kupia
0%
kpz Kupsabiny
0%
nqk Kura Ede Nago
0%
krh Kurama
0%
knk Kuranko
0%
nbn Kuri
0%
kuj Kuria
0%
kfh Kurichiya
0%
kfv Kurmukar
0%
unn Kurnai
0%
vku Kurrama
0%
ktm Kurti
0%
xkz Kurtokha
0%
kyr Kuruáya
0%
kjr Kurudu
0%
kus Kusaal
0%
ksg Kusaghe
0%
kuh Kushi
0%
kut Kutenai
0%
kub Kutep
0%
xut Kuthant
0%
skm Kutong
0%
kpa Kutto
0%
kdc Kutu
0%
khj Kuturmi
0%
thd Kuuk Thaayorre
0%
kuy Kuuku-Ya'u
0%
uky Kuuk-Yak
0%
olu Kuvale
0%
kxv Kuvi
0%
blh Kuwaa
0%
cwt Kuwaataay
0%
woa Kuwema
0%
kdt Kuy
0%
fkv Kven Finnish
0%
bko Kwa'
0%
kwb Kwa
0%
ksq Kwaami
0%
kwz Kwadi
0%
wka Kw'adza
0%
kwd Kwaio
0%
kdz Kwaja
0%
kwu Kwakum
0%
kwk Kwak'wala
0%
qwt Kwalhioqua-Tlatskanai
0%
kmq Kwama
0%
kwm Kwambi
0%
tnk Kwamera
0%
ktf Kwami
0%
okk Kwamtim One
0%
xdo Kwandu
0%
kvi Kwang
0%
kwj Kwanga
0%
kwn Kwangali
0%
knp Kwanja
0%
kwf Kwara'ae
0%
nmg Kwasio
0%
kya Kwaya
0%
xwa Kwaza
0%
xwg Kwegu
0%
kwr Kwer
0%
kwe Kwerba
0%
xwr Kwerba Mamberamo
0%
cwe Kwere
0%
kkb Kwerisa
0%
kws Kwese
0%
kwt Kwesten
0%
gww Kwini
0%
kuc Kwinsu
0%
kmo Kwoma
0%
kwo Kwomtari
0%
xuu Kxoe
0%
bka Kyak
0%
kyc Kyaka
0%
tye Kyanga
0%
nqq Kyan-Karyaw Naga
0%
kql Kyenele
0%
kgy Kyerung
0%
ldn Láadan
0%
gdm Laal
0%
bwj Láá Láá Bwamu
0%
ldi Laari
0%
loh Laarim
0%
lau Laba
0%
lbb Label
0%
lbi La'bi
0%
jku Labir
0%
mwi Labo
0%
ypb Labo Phowa
0%
lbu Labu
0%
dtb Labuk-Kinabatangan Kadazan
0%
lbt Lachi
0%
zpa Lachiguiri Zapotec
0%
zpl Lachixío Zapotec
0%
llj Ladji Ladji
0%
lkl Laeko-Libuat
0%
laf Lafofa
0%
lgb Laghu
0%
lgh Laghuu
0%
kot Lagwan
0%
lhh Laha (Indonesia)
0%
lhn Lahanan
0%
lha Laha (Viet Nam)
0%
lah Lahnda
0%
kvt Lahta Karen
0%
lhl Lahul Lohar
0%
lhi Lahu Shi
0%
lmx Laimbue
0%
clj Laitu Chin
0%
lji Laiyolo
0%
lap Laka (Chad)
0%
lka Lakalei
0%
lmw Lake Miwok
0%
lkh Lakha
0%
lbc Lakkia
0%
lkn Lakon
0%
lkd Lakondê
0%
dic Lakota Dida
0%
lxm Lakurumau
0%
nrz Lala
0%
leb Lala-Bisa
0%
cnl Lalana Chinantec
0%
lla Lala-Roba
0%
lal Lalia
0%
lay Lama Bai
0%
slp Lamaholot
0%
lby Lamalama
0%
lmr Lamalera
0%
hia Lamang
0%
las Lama (Togo)
0%
lmq Lamatuka
0%
quf Lambayeque Quechua
0%
lmh Lambichhong
0%
lmy Lamboya
0%
lai Lambya
0%
bma Lame
0%
lmu Lamenu
0%
ldh Lamja-Dengsa-Tola
0%
lmk Lamkang
0%
lev Lamma
0%
lns Lamnso'
0%
lmg Lamogai
0%
ljp Lampung Api
0%
abl Lampung Nyo
0%
llh Lamu
0%
ruu Lanas Lobu
0%
ldm Landoma
0%
lnm Langam
0%
lna Langbashe
0%
yne Lang'e
0%
yln Langnian Buyang
0%
lng Langobardic
0%
lgo Lango (South Sudan)
0%
laj Lango (Uganda)
0%
sfb Langue des signes de Belgique Francophone
0%
lnw Lanima
0%
lnh Lanoh
0%
lwm Laomian
0%
nlq Lao Naga
0%
lbg Laopang
0%
lso Laos Sign Language
0%
ztl Lapaguía-Guivini Zapotec
0%
lrg Laragia
0%
lrt Larantuka Malay
0%
lbz Lardil
0%
lrv Larevat
0%
hmd Large Flowery Miao
0%
lrl Lari
0%
alo Larike-Wakasihu
0%
lro Laro
0%
lar Larteh
0%
lan Laru
0%
llm Lasalimu
0%
zcd Las Delicias Zapotec
0%
lsa Lasgerdi
0%
lsi Lashi
0%
lss Lasi
0%
ltc Late Middle Chinese
0%
ltu Latu
0%
ltn Latundê
0%
lsl Latvian Sign Language
0%
llu Lau
0%
luf Laua
0%
llx Lauan
0%
law Lauje
0%
lur Laura
0%
lre Laurentian
0%
clt Lautu Chin
0%
lbv Lavatbura-Lamusong
0%
lbo Laven
0%
lvi Lavi
0%
lvk Lavukaleve
0%
lbx Lawangan
0%
lwu Lawu
0%
tgi Lawunuia
0%
lya Layakha
0%
cle Lealao Chinantec
0%
lec Leco
0%
lew Ledo Kaili
0%
ldk Leelau
0%
lfa Lefa
0%
lgm Lega-Mwenga
0%
lea Lega-Shabunda
0%
agb Legbo
0%
lcc Legenyem
0%
tql Lehali
0%
urr Lehalurup
0%
cae Lehar
0%
lzn Leinong Naga
0%
lek Leipon
0%
luh Leizhou Chinese
0%
llk Lelak
0%
lln Lele (Chad)
0%
lel Lele (Democratic Republic of Congo)
0%
llc Lele (Guinea)
0%
lef Lelemi
0%
lpa Lelepa
0%
lle Lele (Papua New Guinea)
0%
leq Lembena
0%
lrz Lemerig
0%
lei Lemio
0%
xle Lemnian
0%
ley Lemolang
0%
ldj Lemoro
0%
tnl Lenakel
0%
len Lenca
0%
led Lendu
0%
lgi Lengilu
0%
lgr Lengo
0%
lej Lengola
0%
lnj Leningitij
0%
leh Lenje
0%
ler Lenkau
0%
ldg Lenyima
0%
lpe Lepki
0%
xlp Lepontic
0%
gnh Lere
0%
les Lese
0%
let Lesing-Gelimi
0%
nms Letemboi
0%
leo Leti (Cameroon)
0%
lti Leti (Indonesia)
0%
apc Levantine Arabic
0%
lvu Levuka
0%
lww Lewo
0%
lwe Lewo Eleng
0%
lwt Lewotobi
0%
ayi Leyigha
0%
lhp Lhokpu
0%
lhm Lhomi
0%
lix Liabuku
0%
ste Liana-Seti
0%
njn Liangmai Naga
0%
zln Lianshan Zhuang
0%
xpe Liberia Kpelle
0%
lir Liberian English
0%
liq Libido
0%
liz Libinza
0%
lbl Libon Bikol
0%
xli Liburnian
0%
ayl Libyan Arabic
0%
lbs Libyan Sign Language
0%
add Lidzonka
0%
lig Ligbi
0%
lgz Ligenza
0%
xlg Ligurian (Ancient)
0%
lih Lihir
0%
mgi Lijili
0%
lik Lika
0%
lio Liki
0%
lie Likila
0%
kxx Likuba
0%
lib Likum
0%
kwc Likwala
0%
lll Lilau
0%
lil Lillooet
0%
bme Limassa
0%
lmp Limbum
0%
lim Limburgan
0%
ylm Limi
0%
lmc Limilngan
0%
kmk Limos Kalinga
0%
lab Linear A
0%
onb Lingao
0%
lgk Lingarak
0%
pml Lingua Franca
0%
lfn Lingua Franca Nova
0%
ljl Li'o
0%
apl Lipan Apache
0%
lpo Lipo
0%
lcs Lisabata-Nuniali
0%
lcl Lisela
0%
lsh Lish
0%
lsd Lishana Deni
0%
trg Lishán Didán
0%
aij Lishanid Noshan
0%
lzh Literary Chinese
0%
lls Lithuanian Sign Language
0%
lzl Litzlitz
0%
zlj Liujiang Zhuang
0%
zlq Liuqian Zhuang
0%
lrk Loarki
0%
loq Lobala
0%
lob Lobi
0%
lbm Lodhi
0%
lgq Logba
0%
lqr Logir
0%
log Logo
0%
lof Logol
0%
rag Logooli
0%
liu Logorik
0%
src Logudorese Sardinian
0%
lbr Lohorung
0%
qvj Loja Highland Quichua
0%
jbo Lojban
0%
yaz Lokaa
0%
loy Loke
0%
lok Loko
0%
lky Lokoya
0%
lcd Lola
0%
llq Lolak
0%
llg Lole
0%
llb Lolo
0%
loa Loloda
0%
ycl Lolopo
0%
loi Loma (Côte d'Ivoire)
0%
lmv Lomaiviti
0%
lom Loma (Liberia)
0%
rmi Lomavren
0%
lmi Lombi
0%
loo Lombo
0%
lce Loncong
0%
lgu Longgu
0%
lpn Long Phuri Naga
0%
wok Longto
0%
lnu Longuda
0%
ttw Long Wat
0%
los Loniu
0%
crc Lonwolwol
0%
lnz Lonzo
0%
ldo Loo
0%
lop Lopa
0%
lov Lopi
0%
lpx Lopit
0%
lrn Lorang
0%
lnn Lorediakarkar
0%
spq Loreto-Ucayali Spanish
0%
uvl Lote
0%
njh Lotha Naga
0%
lht Lo-Toga
0%
dtr Lotud
0%
lox Loun
0%
xlo Loup A
0%
xlb Loup B
0%
xbb Lower Burdekin
0%
cea Lower Chehalis
0%
dni Lower Grand Valley Dani
0%
nsb Lower Nossob
0%
sli Lower Silesian
0%
axl Lower Southern Aranda
0%
taa Lower Tanana
0%
tto Lower Ta'oih
0%
clo Lowland Oaxaca Chontal
0%
tac Lowland Tarahumara
0%
ztp Loxicha Zapotec
0%
loz Lozi
0%
lex Luang
0%
lub Luba-Katanga
0%
lua Luba-Lulua
0%
kcc Lubila
0%
lcf Lubu
0%
knb Lubuagan Kalinga
0%
lch Luchazi
0%
luq Lucumi
0%
lud Ludian
0%
ldq Lufu
0%
lgg Lugbara
0%
ruf Luguru
0%
lcq Luhu
0%
lum Luimbi
0%
lui Luiseño
0%
dop Lukpa
0%
luu Lumba-Yakkha
0%
lup Lumbu
0%
lmd Lumun
0%
luj Luna
0%
luk Lunanakha
0%
lnd Lundayeh
0%
vmg Lungalunga
0%
lga Lungga
0%
luw Luo (Cameroon)
0%
luo Luo (Kenya and Tanzania)
0%
hml Luopohe Hmong
0%
lse Lusengo
0%
lus Lushai
0%
lut Lushootseed
0%
khl Lusi
0%
xls Lusitanian
0%
ndy Lutos
0%
lwo Luwo
0%
lyn Luyana
0%
luy Luyia
0%
lwa Lwalu
0%
lvl Lwel
0%
xlc Lycian
0%
lee Lyélé
0%
lyg Lyngngam
0%
mew Maaka
0%
mhy Ma'anyan
0%
ffm Maasina Fulfulde
0%
mmz Mabaale
0%
mfz Mabaan
0%
mde Maba (Chad)
0%
mqa Maba (Indonesia)
0%
kkg Mabaka Valley Kalinga
0%
muj Mabire
0%
mcl Macaguaje
0%
mbn Macaguán
0%
mzs Macanese
0%
rup Macedo-Romanian
0%
jmc Machame
0%
mcb Machiguenga
0%
mpd Machinere
0%
mvw Machinga
0%
wpc Maco
0%
myy Macuna
0%
mbc Macushi
0%
mxu Mada (Cameroon)
0%
mzc Madagascar Sign Language
0%
mmx Madak
0%
mda Mada (Nigeria)
0%
msj Ma (Democratic Republic of Congo)
0%
dmd Madhi Madhi
0%
grg Madi
0%
mhi Ma'di
0%
mme Mae
0%
hmk Maek
0%
itt Maeng Itneg
0%
maf Mafa
0%
mkv Mafea
0%
sgb Mag-antsi Ayta
0%
ayt Magbukun Ayta
0%
xtm Magdalena Peñasco Mixtec
0%
gmd Mághdì
0%
blx Mag-Indi Ayta
0%
gkd Magɨ (Madang Province)
0%
gmx Magoma
0%
zgr Magori
0%
mdh Maguindanaon
0%
gmg Magɨyi
0%
mjx Mahali
0%
pmh Māhārāṣṭri Prākrit
0%
bfz Mahasu Pahari
0%
mhb Mahongwe
0%
mxx Mahou
0%
sks Maia
0%
mzz Maiadomu
0%
tnh Maiani
0%
ayz Mai Brat
0%
mmm Maii
0%
mgu Mailu
0%
cwb Maindo
0%
vmf Mainfränkisch
0%
xkl Mainstream Kenyah
0%
zrs Mairasi
0%
mbq Maisin
0%
wmm Maiwa (Indonesia)
0%
mum Maiwala
0%
mti Maiwa (Papua New Guinea)
0%
mpe Majang
0%
xmj Majera
0%
mjz Majhi
0%
mmj Majhwar
0%
kmd Majukayang Kalinga
0%
mcp Makaa
0%
myh Makah
0%
mjb Makalero
0%
mkz Makasae
0%
mak Makasar
0%
mfp Makassar Malay
0%
aup Makayam
0%
mkg Mak (China)
0%
vmw Makhuwa
0%
xmc Makhuwa-Marrevone
0%
mgh Makhuwa-Meetto
0%
mhm Makhuwa-Moniga
0%
xsq Makhuwa-Saka
0%
vmk Makhuwa-Shirima
0%
mgf Maklew
0%
pbl Mak (Nigeria)
0%
zmh Makolkol
0%
lva Maku'a
0%
mpu Makuráp
0%
jmn Makuri Naga
0%
ymk Makwe
0%
umn Makyan Naga
0%
ccm Malaccan Creole Malay
0%
mcm Malaccan Creole Portuguese
0%
mpb Malak Malak
0%
mmt Malalamai
0%
ima Mala Malasar
0%
mln Malango
0%
ruy Mala (Nigeria)
0%
mjo Malankuravan
0%
mjp Malapandaram
0%
ped Mala (Papua New Guinea)
0%
mjq Malaryan
0%
mkr Malas
0%
ymr Malasar
0%
mjr Malavedan
0%
lws Malawian Sign Language
0%
lon Malawi Lomwe
0%
swk Malawi Sena
0%
xdy Malayic Dayak
0%
zlm Malay (individual language)
0%
msa Malay (macrolanguage)
0%
mlz Malaynon
0%
mbp Malayo
0%
xml Malaysian Sign Language
0%
bfo Malba Birifor
0%
pqm Malecite-Passamaquoddy
0%
mdy Male (Ethiopia)
0%
gut Maléku Jaíka
0%
pkt Maleng
0%
mdc Male (Papua New Guinea)
0%
mgl Maleu-Kilenge
0%
mlx Malfaxal
0%
vml Malgana
0%
mxf Malgbe
0%
mgq Malila
0%
mzd Malimba
0%
mli Malimpung
0%
tcf Malinaltepec Me'phaa
0%
mla Malo
0%
mbk Malol
0%
mkb Mal Paharia
0%
mdl Maltese Sign Language
0%
mll Malua Bay
0%
yga Malyangapa
0%
mma Mama
0%
mhf Mamaa
0%
wmd Mamaindé
0%
skc Ma Manda
0%
mmn Mamanwa
0%
myk Mamara Senoufo
0%
mqj Mamasa
0%
mgm Mambae
0%
mcs Mambai
0%
mvd Mamboru
0%
mgr Mambwe-Lungu
0%
maw Mampruli
0%
mqx Mamuju
0%
emm Mamulique
0%
kdf Mamusi
0%
mdi Mamvu
0%
xmm Manado Malay
0%
mva Manam
0%
mle Manambu
0%
nmm Manangba
0%
znk Manangkari
0%
zma Manda (Australia)
0%
mht Mandahuaca
0%
mid Mandaic
0%
mha Manda (India)
0%
mhq Mandan
0%
zmk Mandandanyi
0%
tbf Mandara
0%
cmn Mandarin Chinese
0%
mgs Manda (Tanzania)
0%
mry Mandaya
0%
mjl Mandeali
0%
mqr Mander
0%
man Mandingo
0%
mfv Mandjak
0%
aax Mandobo Atas
0%
bwp Mandobo Bawah
0%
jet Manem
0%
kby Manga Kanuri
0%
mem Mangala
0%
mrv Mangareva
0%
mpc Mangarrayi
0%
zns Mangas
0%
myj Mangayat
0%
mdj Mangbetu
0%
mdk Mangbutu
0%
zme Mangerr
0%
mmo Mangga Buang
0%
mqy Manggarai
0%
mge Mango
0%
mqc Mangole
0%
mbh Mangseng
0%
mom Mangue
0%
xmn Manichaean Middle Persian
0%
abd Manide
0%
mnx Manikion
0%
mqp Manipa
0%
knf Mankanya
0%
nlm Mankiyali
0%
mml Man Met
0%
mju Manna-Dora
0%
mjv Mannan
0%
mev Mano
0%
woo Manombai
0%
msk Mansaka
0%
msw Mansoanka
0%
myg Manta
0%
nty Mantsi
0%
kxf Manumanaw Karen
0%
mzj Manya
0%
mny Manyawa
0%
mxc Manyika
0%
mzv Manza
0%
nbi Mao Naga
0%
mmd Maonan
0%
swb Maore Comorian
0%
mjn Ma (Papua New Guinea)
0%
mlh Mape
0%
mnm Mapena
0%
mpy Mapia
0%
mpw Mapidian
0%
bzh Mapos Buang
0%
mcg Mapoyo
0%
sjm Mapun
0%
mch Maquiritari
0%
lri Marachi
0%
mrh Mara Chin
0%
vmh Maraghei
0%
mrs Maragus
0%
lrm Marama
0%
nma Maram Naga
0%
mrw Maranao
0%
zmr Maranunggu
0%
mgb Mararit
0%
mvr Marau
0%
mpg Marba
0%
dsz Mardin Sign Language
0%
mrx Maremgi
0%
vmr Marenje
0%
mvu Marfa
0%
zmc Margany
0%
mrt Marghi Central
0%
mfm Marghi South
0%
qvm Margos-Yarowilca-Lauricocha Quechua
0%
mhg Margu
0%
mrr Maria (India)
0%
mds Maria (Papua New Guinea)
0%
mrc Maricopa
0%
zmd Maridan
0%
zmj Maridjabin
0%
mbx Mari (East Sepik Province)
0%
dad Marik
0%
hob Mari (Madang Province)
0%
zmm Marimanindji
0%
mrz Marind
0%
mbw Maring
0%
zmt Maringarr
0%
nng Maring Naga
0%
mrb Marino
0%
mqi Mariri
0%
chm Mari (Russia)
0%
nsr Maritime Sign Language
0%
msp Maritsauá
0%
zmy Mariyedi
0%
rkm Marka
0%
enb Markweeta
0%
rmz Marma
0%
mvo Marovo
0%
xru Marriammu
0%
mfr Marrithiyel
0%
umc Marrucinian
0%
ims Marsian
0%
mre Martha's Vineyard Sign Language
0%
zmg Marti Ke
0%
mpj Martu Wangka
0%
vma Martuyhunira
0%
mhx Maru
0%
mzr Marúbo
0%
rwr Marwari (India)
0%
mve Marwari (Pakistan)
0%
myx Masaaba
0%
tis Masadiit Itneg
0%
mas Masai
0%
mls Masalit
0%
mcn Masana
0%
msb Masbatenyo
0%
cuj Mashco Piro
0%
jms Mashi (Nigeria)
0%
mho Mashi (Zambia)
0%
msh Masikoro Malagasy
0%
ism Masimasi
0%
bnf Masiwang
0%
klv Maskelynes
0%
msv Maslam
0%
mes Masmaje
0%
mdg Massalat
0%
mvs Massep
0%
mtn Matagalpa
0%
mfh Matal
0%
wtb Matambwe
0%
xmt Matbat
0%
mgv Matengo
0%
mqe Matepi
0%
mbt Matigsalug Manobo
0%
mzo Matipuhy
0%
mpq Matís
0%
zml Matngala
0%
met Mato
0%
axg Mato Grosso Arára
0%
mtm Mator
0%
mcf Matsés
0%
mvb Mattole
0%
hlt Matu Chin
0%
mjk Matukar
0%
mgw Matumbi
0%
stj Matya Samo
0%
mph Maung
0%
lsy Mauritian Sign Language
0%
mhl Mauwake
0%
mcw Mawa (Chad)
0%
mjj Mawak
0%
mcz Mawan
0%
wma Mawa (Nigeria)
0%
mzx Mawayana
0%
mke Mawchi
0%
mgk Mawes
0%
mbl Maxakalí
0%
mxl Maxi Gbe
0%
xmy Mayaguduna
0%
yan Mayangna
0%
sym Maya Samo
0%
yxa Mayawali
0%
myc Mayeka
0%
xyk Mayi-Kulan
0%
xyt Mayi-Thakurti
0%
xyj Mayi-Yapi
0%
mfy Mayo
0%
mdm Mayogo
0%
ifu Mayoyao Ifugao
0%
dkx Mazagway
0%
zpy Mazaltepec Zapotec
0%
vmz Mazatlán Mazatec
0%
mzl Mazatlán Mixe
0%
mfc Mba
0%
mdp Mbala
0%
lnb Mbalanhu
0%
zmz Mbandja
0%
mxg Mbangala
0%
mgn Mbangi
0%
zmn Mbangwe
0%
mvl Mbara (Australia)
0%
mpk Mbara (Chad)
0%
zmv Mbariman-Gudhinma
0%
mdn Mbati
0%
gwa Mbato
0%
myb Mbay
0%
mql Mbelime
0%
zms Mbesa
0%
emz Mbessa
0%
mbo Mbo (Cameroon)
0%
zmw Mbo (Democratic Republic of Congo)
0%
moi Mboi
0%
mdu Mboko
0%
mdq Mbole
0%
xmb Mbonga
0%
bgu Mbongno
0%
mdw Mbosi
0%
mxo Mbowe
0%
mka Mbre
0%
xmd Mbudum
0%
mhd Mbugu
0%
mgz Mbugwe
0%
mqb Mbuko
0%
mna Mbula
0%
mbu Mbula-Bwazza
0%
mlb Mbule
0%
mbv Mbulungish
0%
mck Mbunda
0%
mgy Mbunga
0%
bbt Mburku
0%
zmp Mbuun
0%
mfu Mbwela
0%
gun Mbyá Guaraní
0%
mjm Medebur
0%
dmf Medefaidrin
0%
mue Media Lengua
0%
xme Median
0%
mud Mednyj Aleut
0%
byv Medumba
0%
mfj Mefele
0%
mef Megam
0%
nux Mehek
0%
mmh Mehináku
0%
gdq Mehri
0%
mek Mekeo
0%
mvk Mekmek
0%
msf Mekwei
0%
mxe Mele-Fila
0%
hkn Mel-Khaonh
0%
mfx Melo
0%
med Melpa
0%
xkd Mendalam Kayan
0%
mfd Mendankwe-Nkwen
0%
sim Mende (Papua New Guinea)
0%
men Mende (Sierra Leone)
0%
xmg Mengaka
0%
mee Mengen
0%
mct Mengisa
0%
tnr Ménik
0%
mea Menka
0%
mwv Mentawai
0%
mcr Menya
0%
mvx Meoswar
0%
mnu Mer
0%
mxm Meramera
0%
lmb Merei
0%
meq Merey
0%
ulk Meriam Mir
0%
mrm Merlav
0%
xmr Meroitic
0%
mer Meru
0%
wry Merwari
0%
iyo Mesaka
0%
apm Mescalero-Chiricahua Apache
0%
mci Mese
0%
sac Meskwaki
0%
zim Mesme
0%
mys Mesmes
0%
acm Mesopotamian Arabic
0%
mvz Mesqan
0%
cms Messapic
0%
mgo Meta'
0%
mxv Metlatónoc Mixtec
0%
wtm Mewati
0%
mfs Mexican Sign Language
0%
mej Meyah
0%
pbe Mezontla Popoloca
0%
ote Mezquital Otomi
0%
zmf Mfinu
0%
nfu Mfumte
0%
gmz Mgbolizhia
0%
zam Miahuatlán Zapotec
0%
mia Miami
0%
mpt Mian
0%
pla Miani
0%
crg Michif
0%
cmm Michigamea
0%
mmc Michoacán Mazahua
0%
ncl Michoacán Nahuatl
0%
axm Middle Armenian
0%
xbm Middle Breton
0%
cnx Middle Cornish
0%
dum Middle Dutch (ca. 1050-1350)
0%
enm Middle English (1100-1500)
0%
frm Middle French (ca. 1400-1600)
0%
gmh Middle High German (ca. 1050-1500)
0%
htx Middle Hittite
0%
mga Middle Irish (900-1200)
0%
xhm Middle Khmer (1400 to 1850 CE)
0%
okm Middle Korean (10th-16th cent.)
0%
gml Middle Low German
0%
xng Middle Mongolian
0%
nwx Middle Newar
0%
mpl Middle Watut
0%
wlm Middle Welsh
0%
dnt Mid Grand Valley Dani
0%
mei Midob
0%
bjo Mid-Southern Banda
0%
mmy Migaama
0%
mpp Migabac
0%
klm Migum
0%
mxj Miju-Mishmi
0%
mik Mikasuki
0%
mic Mi'kmaq
0%
ymh Mili
0%
mlj Miltu
0%
iml Miluk
0%
imy Milyan
0%
hna Mina (Cameroon)
0%
inm Minaean
0%
mcv Minanibai
0%
mvn Minaveha
0%
mnp Min Bei Chinese
0%
mpn Mindiri
0%
cdo Min Dong Chinese
0%
mko Mingang Doso
0%
hto Minica Huitoto
0%
wii Minidien
0%
xjb Minjungbal
0%
xxm Minkin
0%
nan Min Nan Chinese
0%
omn Minoan
0%
mqq Minokok
0%
mnq Minriq
0%
mzt Mintil
0%
czo Min Zhong Chinese
0%
zgm Minz Zhuang
0%
yiq Miqie
0%
rbl Miraya Bikol
0%
zrg Mirgan
0%
mmv Miriti
0%
mep Miriwoong
0%
rsm Miriwoong Sign Language
0%
gmr Mirning
0%
mjs Miship
0%
mpx Misima-Panaeati
0%
mrg Mising
0%
vmm Mitlatongo Mixtec
0%
zaw Mitla Zapotec
0%
mwu Mittu
0%
zmq Mituku
0%
mpo Miu
0%
vmi Miwa
0%
gac Mixed Great Andamanese
0%
mix Mixtepec Mixtec
0%
zpm Mixtepec Zapotec
0%
mkf Miya
0%
mvi Miyako
0%
ehs Miyakubo Sign Language
0%
soy Miyobe
0%
mra Mlabri
0%
lhs Mlahsö
0%
kja Mlap
0%
mlo Mlomp
0%
mmu Mmaala
0%
bfm Mmen
0%
obm Moabite
0%
mfq Moba
0%
mod Mobilian
0%
ahm Mobumrin Aizi
0%
jkm Mobwa Karen
0%
old Mochi
0%
omc Mochica
0%
mhc Mocho
0%
moc Mocoví
0%
gbn Mo'da
0%
mxd Modang
0%
ell Modern Greek (1453-)
0%
mqo Modole
0%
mvq Moere
0%
mif Mofu-Gudur
0%
mhj Mogholi
0%
mfg Mogofin
0%
mou Mogum
0%
mov Mohave
0%
xpq Mohegan-Pequot
0%
mow Moi (Congo)
0%
mxn Moi (Indonesia)
0%
mkp Moikodi
0%
mwz Moingi
0%
daz Moi-Wadea
0%
ymi Moji
0%
wnb Mokati
0%
mwt Moken
0%
mft Mokerang
0%
mkj Mokilese
0%
mkm Moklen
0%
mkl Mokole
0%
bri Mokpwe
0%
vms Moksela
0%
mbe Molale
0%
pwm Molbog
0%
vsi Moldova Sign Language
0%
bxc Molengue
0%
mox Molima
0%
aun Molmo One
0%
zmo Molo
0%
msl Molof
0%
mlw Moloko
0%
myl Moma
0%
msz Momare
0%
dmb Mombo Dogon
0%
mso Mombum
0%
mmb Momina
0%
ver Mom Jango
0%
mqf Momuna
0%
mzg Monastic Sign Language
0%
mnd Mondé
0%
npn Mondropolon
0%
bxm Mongolia Buriat
0%
msr Mongolian Sign Language
0%
mog Mongondow
0%
mnz Moni
0%
mru Mono (Cameroon)
0%
mnh Mono (Democratic Republic of Congo)
0%
moo Monom
0%
mte Mono (Solomon Islands)
0%
mnr Mono (USA)
0%
nmh Monsang Naga
0%
mtl Montol
0%
mxk Monumbo
0%
moj Monzombo
0%
crm Moose Cree
0%
mop Mopán Maya
0%
msg Moraid
0%
mze Morawa
0%
moq Mor (Bomberai Peninsula)
0%
nhm Morelos Nahuatl
0%
xmo Morerebi
0%
msx Moresada
0%
mzq Mori Atas
0%
xmz Mori Bawah
0%
mdb Morigi
0%
rrm Moriori
0%
mhz Mor (Mor Islands)
0%
ary Moroccan Arabic
0%
xms Moroccan Sign Language
0%
mgc Morokodo
0%
bdo Morom
0%
mqn Moronene
0%
mok Morori
0%
mrp Morouas
0%
umg Morrobalama
0%
mrl Mortlockese
0%
mgd Moru
0%
mqv Mosimo
0%
mtj Moskona
0%
mtt Mota
0%
mlv Motlav
0%
meu Motu
0%
mwh Mouk-Aria
0%
cty Moundadan Chetty
0%
kpx Mountain Koiali
0%
jmw Mouwase
0%
mzp Movima
0%
ity Moyadan Itneg
0%
nmo Moyon Naga
0%
mzy Mozambican Sign Language
0%
mxi Mozarabic
0%
mpi Mpade
0%
xpj Mpalitjanh
0%
mpz Mpi
0%
mcx Mpiemo
0%
pnd Mpinda
0%
mpa Mpoto
0%
mvt Mpotovoro
0%
mgg Mpumpong
0%
akc Mpur
0%
cmr Mro-Khimi Chin
0%
mro Mru
0%
kqx Mser
0%
atl Mt. Iraya Agta
0%
agz Mt. Iriga Agta
0%
ukk Muak Sa-aak
0%
mtd Mualang
0%
tsx Mubami
0%
mub Mubi
0%
ymd Muda
0%
dmw Mudburra
0%
gau Mudhili Gadaba
0%
udg Muduga
0%
vmd Mudu Koraga
0%
aoj Mufian
0%
muk Mugom
0%
bmr Muinane
0%
mmk Mukha-Dora
0%
moz Mukulu
0%
mfw Mulaha
0%
mlm Mulam
0%
giu Mulao
0%
mvh Mulgi
0%
kpb Mullu Kurumba
0%
mul Multiple languages
0%
vmu Muluridyi
0%
kqa Mum
0%
mzm Mumuye
0%
mnb Muna
0%
mwq Mün Chin
0%
boe Mundabli-Mufu
0%
mua Mundang
0%
mnf Mundani
0%
mmf Mundat
0%
muh Mündü
0%
myu Mundurukú
0%
mhk Mungaka
0%
mth Munggui
0%
mpv Mungkip
0%
myr Muniche
0%
mtc Munit
0%
umu Munsee
0%
asx Muratayak
0%
mxr Murik (Malaysia)
0%
mtf Murik (Papua New Guinea)
0%
rmh Murkim
0%
tkv Mur Pano
0%
mwf Murrinh-Patha
0%
muz Mursi
0%
huu Murui Huitoto
0%
mqw Murupi
0%
zmu Muruwari
0%
mmq Musak
0%
smm Musasa
0%
mse Musey
0%
mug Musgu
0%
xma Mushungulu
0%
mui Musi
0%
mje Muskum
0%
ttt Muslim Tat
0%
msu Musom
0%
emi Mussau-Emira
0%
muv Muthuvan
0%
tuc Mutu
0%
muy Muyang
0%
myw Muyuw
0%
ymz Muzi
0%
mcj Mvanip
0%
mxh Mvuba
0%
sur Mwaghavul
0%
wlc Mwali Comorian
0%
moa Mwan
0%
wmw Mwani
0%
mwa Mwatebu
0%
mwe Mwera (Chimwera)
0%
mjh Mwera (Nyasa)
0%
mws Mwimbi-Muthambi
0%
ysm Myanmar Sign Language
0%
gmy Mycenaean Greek
0%
yms Mysian
0%
nme Mzieme Naga
0%
nao Naaba
0%
nas Naasioi
0%
mne Naba
0%
naf Nabak
0%
mty Nabi
0%
ncd Nachering
0%
mbj Nadëb
0%
ndf Nadruvian
0%
nfr Nafaanra
0%
srf Nafi
0%
nxx Nafri
0%
jbn Nafusi
0%
nag Naga Pidgin
0%
nbg Nagarchal
0%
ngv Nagumi
0%
nhh Nahari
0%
bio Nai
0%
ars Najdi Arabic
0%
nae Naka'ela
0%
nkj Nakai
0%
nib Nakame
0%
nak Nakanai
0%
nck Na-kara
0%
nbk Nake
0%
mff Naki
0%
nax Nakwi
0%
nlc Nalca
0%
nss Nali
0%
nal Nalik
0%
nlz Nalögo
0%
naj Nalu
0%
ylo Naluo Yi
0%
nmk Namakura
0%
nmx Nama (Papua New Guinea)
0%
nkm Namat
0%
ncm Nambo
0%
nmq Nambya
0%
neo Ná-Meo
0%
nnm Namia
0%
nvm Namiae
0%
nbs Namibian Sign Language
0%
naa Namla
0%
mxw Namo
0%
nmt Namonuito
0%
bwb Namosi-Naitasiri-Serua
0%
nmy Namuyi
0%
nnc Nancere
0%
nnb Nande
0%
niq Nandi
0%
sen Nanerigé Sénoufo
0%
nzz Nanga Dama Dogon
0%
nnk Nankina
0%
cox Nanti
0%
nnt Nanticoke
0%
afk Nanubae
0%
qvo Napo Lowland Quechua
0%
npy Napu
0%
nrb Nara
0%
nac Narak
0%
nrg Narango
0%
rnr Nari Nari
0%
nhr Naro
0%
nrm Narom
0%
npa Nar Phu
0%
xnt Narragansett
0%
nnr Narungga
0%
nsy Nasal
0%
nvh Nasarian
0%
nsk Naskapi
0%
ntz Natanzi
0%
ncz Natchez
0%
ntm Nateni
0%
nti Natioro
0%
ntu Natügu
0%
nxa Nauete
0%
ynk Naukan Yupik
0%
ncn Nauna
0%
nwo Nauo
0%
nsw Navut
0%
nwr Nawaru
0%
nwa Nawathinehena
0%
nmz Nawdm
0%
naw Nawuri
0%
noz Nayi
0%
nyq Nayini
0%
ncr Ncane
0%
nlu Nchumbulu
0%
gke Ndai
0%
ndk Ndaka
0%
ndh Ndali
0%
ndm Ndam
0%
ndj Ndamba
0%
nxo Ndambomo
0%
nnz Nda'nda'
0%
nda Ndasa
0%
ndc Ndau
0%
ned Nde-Gbite
0%
nml Ndemli
0%
dne Ndendeule
0%
ndg Ndengereko
0%
ndd Nde-Nsele-Nta
0%
eli Nding
0%
ndp Ndo
0%
ndw Ndobo
0%
nbb Ndoe
0%
ndz Ndogo
0%
ndl Ndolo
0%
nqm Ndom
0%
ndq Ndombe
0%
njd Ndonde Hamba
0%
ndo Ndonga
0%
ndr Ndoola
0%
dgt Ndra'ngith
0%
dno Ndrulo
0%
ndx Nduga
0%
nmd Ndumu
0%
nuh Ndunda
0%
ndt Ndunga
0%
ndv Ndut
0%
nww Ndwewe
0%
njt Ndyuka-Trio Pidgin
0%
wni Ndzwani Comorian
0%
nec Nedebang
0%
nef Nefamese
0%
dcr Negerhollands
0%
zmi Negeri Sembilan Malay
0%
nsn Nehan
0%
nif Nek
0%
nkg Nekgini
0%
nej Neko
0%
nek Neku
0%
nee Nêlêmwa-Nixumwak
0%
gsn Nema
0%
nex Neme
0%
nem Nemi
0%
anh Nend
0%
nen Nengone
0%
nei Neo-Hittite
0%
new Nepal Bhasa
0%
nsp Nepalese Sign Language
0%
npi Nepali (individual language)
0%
nep Nepali (macrolanguage)
0%
net Nete
0%
jas New Caledonian Javanese
0%
nzs New Zealand Sign Language
0%
ney Neyo
0%
nez Nez Perce
0%
ntj Ngaanyatjarra
0%
gym Ngäbere
0%
nxg Ngad'a
0%
nju Ngadjunmaya
0%
jui Ngadjuri
0%
nnf Ngaing
0%
nij Ngaju
0%
nud Ngala
0%
nig Ngalakgan
0%
szb Ngalum
0%
nmc Ngam
0%
nbv Ngamambo
0%
sba Ngambay
0%
nmv Ngamini
0%
nbh Ngamo
0%
xnk Nganakarti
0%
nid Ngandi
0%
ngd Ngando (Central African Republic)
0%
nxd Ngando (Democratic Republic of Congo)
0%
nne Ngandyera
0%
gng Ngangam
0%
nam Ngan'gityemerri
0%
ntg Ngantangarra
0%
nyx Nganyaywana
0%
rxd Ngardi
0%
xni Ngarigu
0%
ung Ngarinyin
0%
nbj Ngarinyman
0%
nrk Ngarla
0%
nrl Ngarluma
0%
nay Ngarrindjeri
0%
anc Ngas
0%
nsg Ngasa
0%
ngm Ngatik Men's Creole
0%
cnw Ngawn Chin
0%
nxn Ngawun
0%
nwg Ngayawung
0%
zdj Ngazidja Comorian
0%
nga Ngbaka
0%
nbm Ngbaka Ma'bo
0%
ngg Ngbaka Manza
0%
jgb Ngbee
0%
nbd Ngbinda
0%
nuu Ngbundu
0%
agh Ngelima
0%
nge Ngemba
0%
nql Ngendelengo
0%
nnn Ngete
0%
nbq Nggem
0%
ngx Nggwahyi
0%
ngj Ngie
0%
nnh Ngiemboon
0%
jle Ngile
0%
nnq Ngindo
0%
niy Ngiti
0%
ngi Ngizim
0%
kcd Ngkâlmpw Kanum
0%
nra Ngom
0%
jgo Ngomba
0%
nla Ngombale
0%
nmj Ngombe (Central African Republic)
0%
ngc Ngombe (Democratic Republic of Congo)
0%
noq Ngongo
0%
xnq Ngoni (Mozambique)
0%
xnj Ngoni (Tanzania)
0%
nsh Ngoshie
0%
nlo Ngul
0%
ngp Ngulu
0%
nuw Nguluwan
0%
xnm Ngumbarl
0%
nui Ngumbi
0%
xul Ngunawal
0%
ndn Ngundi
0%
nue Ngundu
0%
ngz Ngungwel
0%
nuo Nguôn
0%
ngq Ngurimi
0%
nrx Ngurmbur
0%
ngw Ngwaba
0%
nwe Ngwe
0%
ngn Ngwo
0%
kci Ngyian
0%
nha Nhanda
0%
yrl Nhengatu
0%
hrp Nhirrpi
0%
nhf Nhuwala
0%
nia Nias
0%
bzk Nicaragua Creole English
0%
ncs Nicaraguan Sign Language
0%
nie Niellim
0%
mzk Nigeria Mambila
0%
fuv Nigerian Fulfulde
0%
pcm Nigerian Pidgin
0%
nsi Nigerian Sign Language
0%
nii Nii
0%
gbe Niksek
0%
nil Nila
0%
nim Nilamba
0%
noe Nimadi
0%
nmp Nimanbur
0%
nmr Nimbari
0%
nir Nimboran
0%
nis Nimi
0%
niw Nimo
0%
nmw Nimoa
0%
shb Ninam
0%
nxi Nindi
0%
nby Ningera
0%
nxr Ninggerum
0%
niz Ningil
0%
nlk Ninia Yali
0%
nin Ninzo
0%
nps Nipsan
0%
njs Nisa
0%
nsz Nisenan
0%
ncg Nisga'a
0%
yso Nisi (China)
0%
num Niuafo'ou
0%
nkp Niuatoputapu
0%
cag Nivaclé
0%
hrc Niwer Mil
0%
njl Njalgulgule
0%
nzb Njebi
0%
njj Njen
0%
njr Njerep
0%
njy Njyem
0%
nkq Nkami
0%
nkn Nkangala
0%
nkz Nkari
0%
isi Nkem-Nkum
0%
khu Nkhumbi
0%
nkc Nkongho
0%
nko Nkonya
0%
nkx Nkoroo
0%
nka Nkoya
0%
nbo Nkukoli
0%
nkw Nkutu
0%
nbp Nnam
0%
ngh Nǁng
0%
oak Noakhali
0%
fia Nobiin
0%
gaw Nobonob
0%
njb Nocte Naga
0%
npx Noipx
0%
noi Noiri
0%
nkk Nokuku
0%
zxx No linguistic content
0%
lem Nomaande
0%
nof Nomane
0%
not Nomatsiguenga
0%
nol Nomlaki
0%
noh Nomu
0%
zhn Nong Zhuang
0%
noj Nonuya
0%
nok Nooksack
0%
nhu Noone
0%
cya Nopala Chatino
0%
nrc Noric
0%
nrr Norra
0%
esi North Alaskan Inupiatun
0%
mmg North Ambrym
0%
nks North Asmat
0%
yir North Awyu
0%
azj North Azerbaijani
0%
bcd North Babar
0%
qul North Bolivian Quechua
0%
neq North Central Mixe
0%
dip Northeastern Dinka
0%
pef Northeastern Pomo
0%
xpb Northeastern Tasmanian
0%
tts Northeastern Thai
0%
kiw Northeast Kiwai
0%
nmu Northeast Maidu
0%
aee Northeast Pashai
0%
llp North Efate
0%
aqn Northern Alta
0%
atv Northern Altai
0%
ryn Northern Amami-Oshima
0%
bmm Northern Betsimisaraka Malagasy
0%
kyn Northern Binukidnon
0%
bbo Northern Bobo Madaré
0%
rbk Northern Bontok
0%
cts Northern Catanduanes Bikol
0%
qxn Northern Conchucos Ancash Quechua
0%
dgi Northern Dagara
0%
doc Northern Dong
0%
crl Northern East Cree
0%
emp Northern Emberá
0%
ghh Northern Ghale
0%
gno Northern Gondi
0%
gbo Northern Grebo
0%
huj Northern Guiyang Hmong
0%
hdn Northern Haida
0%
hno Northern Hindko
0%
hmi Northern Huishui Hmong
0%
nrt Northern Kalapuya
0%
xnn Northern Kankanay
0%
ncq Northern Katang
0%
kxm Northern Khmer
0%
kqs Northern Kissi
0%
kmr Northern Kurdish
0%
lrc Northern Luri
0%
hmp Northern Mashan Hmong
0%
ymx Northern Muji
0%
xkb Northern Nago
0%
ngb Northern Ngbandi
0%
yiv Northern Nisu
0%
nuv Northern Nuni
0%
nhy Northern Oaxaca Nahuatl
0%
cst Northern Ohlone
0%
onr Northern One
0%
pao Northern Paiute
0%
pmq Northern Pame
0%
pbu Northern Pashto
0%
qvz Northern Pastaza Quichua
0%
cnp Northern Ping Chinese
0%
pej Northern Pomo
0%
ncj Northern Puebla Nahuatl
0%
pmi Northern Pumi
0%
hea Northern Qiandong Miao
0%
cng Northern Qiang
0%
nnl Northern Rengma Naga
0%
rog Northern Roglai
0%
nsq Northern Sierra Miwok
0%
bks Northern Sorsoganon
0%
stb Northern Subanen
0%
thh Northern Tarahumara
0%
xpv Northern Tasmanian
0%
ntp Northern Tepehuan
0%
nod Northern Thai
0%
ntd Northern Tidung
0%
twf Northern Tiwa
0%
xtn Northern Tlaxiaco Mixtec
0%
tsp Northern Toussian
0%
tji Northern Tujia
0%
ttm Northern Tutchone
0%
uzn Northern Uzbek
0%
ykg Northern Yukaghir
0%
fll North Fali
0%
gis North Giziga
0%
qvn North Junín Quechua
0%
mrq North Marquesan
0%
ayp North Mesopotamian Arabic
0%
xph North Midlands Tasmanian
0%
mfk North Mofu
0%
max North Moluccan Malay
0%
kti North Muyu
0%
nde North Ndebele
0%
nni North Nuaulu
0%
nrp North Picene
0%
scs North Slavey
0%
tbg North Tairora
0%
tnn North Tanna
0%
whg North Wahgi
0%
una North Watut
0%
esk Northwest Alaska Inupiatun
0%
diw Northwestern Dinka
0%
faz Northwestern Fars
0%
kfb Northwestern Kolami
0%
nsf Northwestern Nisu
0%
ojb Northwestern Ojibwa
0%
xpw Northwestern Tasmanian
0%
gya Northwest Gbaya
0%
mjd Northwest Maidu
0%
mxa Northwest Oaxaca Mixtec
0%
glh Northwest Pashai
0%
nob Norwegian Bokmål
0%
nsl Norwegian Sign Language
0%
bly Notre
0%
ncf Notsi
0%
ntw Nottoway
0%
nwy Nottoway-Meherrin
0%
nov Novial
0%
noy Noy
0%
nse Nsenga
0%
nsc Nshi
0%
nsx Nsongo
0%
bud Ntcham
0%
nqt Nteng
0%
nto Ntomba
0%
baf Nubaca
0%
kte Nubri
0%
nnv Nugunu (Australia)
0%
yas Nugunu (Cameroon)
0%
noc Nuk
0%
mbr Nukak Makú
0%
klt Nukna
0%
nuc Nukuini
0%
nuq Nukumanu
0%
xnu Nukunul
0%
nkr Nukuoro
0%
nur Nukuria
0%
nbr Numana
0%
nop Numanggang
0%
sij Numbami
0%
tgs Nume
0%
kdk Numèè
0%
nxm Numidian
0%
nug Nungali
0%
nuy Nunggubuyu
0%
rin Nungu
0%
nut Nung (Viet Nam)
0%
npb Nupbikha
0%
nup Nupe-Nupe-Tako
0%
hux Nüpode Huitoto
0%
nul Nusa Laut
0%
nuf Nusu
0%
nuk Nuu-chah-nulth
0%
nwb Nyabwa
0%
nev Nyaheun
0%
cbn Nyahkur
0%
nyy Nyakyusa-Ngonde
0%
yly Nyâlayu
0%
nlj Nyali
0%
nly Nyamal
0%
now Nyambo
0%
nwm Nyamusa-Molo
0%
mwn Nyamwanga
0%
nyk Nyaneka
0%
nyj Nyanga
0%
nyc Nyanga-li
0%
nnj Nyangatom
0%
nyb Nyangbo
0%
nny Nyangga
0%
nyp Nyang'i
0%
nna Nyangumarta
0%
nyn Nyankole
0%
yes Nyankpa
0%
sev Nyarafolo Senoufo
0%
rim Nyaturu
0%
nyw Nyaw
0%
nyt Nyawaygi
0%
nba Nyemba
0%
nye Nyengo
0%
neh Nyenkha
0%
nyl Nyeu
0%
nyr Nyiha (Malawi)
0%
nih Nyiha (Tanzania)
0%
nkv Nyika (Malawi and Zambia)
0%
nkt Nyika (Tanzania)
0%
nyh Nyikina
0%
lid Nyindrou
0%
nyg Nyindu
0%
xny Nyiyaparli
0%
nvo Nyokon
0%
nuj Nyole
0%
muo Nyong
0%
nyd Nyore
0%
nyo Nyoro
0%
nyv Nyulnyul
0%
nys Nyungar
0%
nyu Nyungwe
0%
nzd Nzadi
0%
nzy Nzakambay
0%
nzk Nzakara
0%
nja Nzanyi
0%
nzi Nzima
0%
bzy Obanliku
0%
obi Obispeño
0%
obl Oblo
0%
afz Obokuitai
0%
ann Obolo
0%
obo Obo Manobo
0%
obu Obulom
0%
oca Ocaina
0%
oci Occitan (post 1500)
0%
xoc O'chi'chi'
0%
mie Ocotepec Mixtec
0%
zac Ocotlán Zapotec
0%
bhf Odiai
0%
kkc Odoodee
0%
tyh O'du
0%
odu Odual
0%
oda Odut
0%
opy Ofayé
0%
arc Official Aramaic (700-300 BCE)
0%
ofo Ofo
0%
ogc Ogbah
0%
ogb Ogbia
0%
ogg Ogbogolo
0%
ogu Ogbronuagum
0%
eri Ogea
0%
oia Oirata
0%
oji Ojibwa
0%
chj Ojitlán Chinantec
0%
oka Okanagan
0%
oki Okiek
0%
okn Oki-No-Erabu
0%
okb Okobo
0%
okd Okodia
0%
oks Oko-Eni-Osayen
0%
okj Oko-Juwoi
0%
oie Okolie
0%
kqv Okolod
0%
opa Okpamheri
0%
okx Okpe (Northwestern Edo)
0%
oke Okpe (Southwestern Edo)
0%
opm Oksapmin
0%
oku Oku
0%
oar Old Aramaic (up to 700 BCE)
0%
oav Old Avar
0%
obt Old Breton
0%
obr Old Burmese
0%
ocm Old Cham
0%
och Old Chinese
0%
oco Old Cornish
0%
odt Old Dutch
0%
ang Old English (ca. 450-1100)
0%
fro Old French (842-ca. 1400)
0%
ofs Old Frisian
0%
oge Old Georgian
0%
goh Old High German (ca. 750-1050)
0%
oht Old Hittite
0%
ohu Old Hungarian
0%
sga Old Irish (to 900)
0%
ojp Old Japanese
0%
okl Old Kentish Sign Language
0%
okz Old Khmer
0%
oko Old Korean (3rd-9th cent.)
0%
olt Old Lithuanian
0%
omy Old Malay
0%
omp Old Manipuri
0%
omr Old Marathi
0%
omx Old Mon
0%
non Old Norse
0%
onw Old Nubian
0%
oos Old Ossetic
0%
peo Old Persian (ca. 600-400 B.C.)
0%
pro Old Provençal (to 1500)
0%
orv Old Russian
0%
osx Old Saxon
0%
osp Old Spanish
0%
osn Old Sundanese
0%
oty Old Tamil
0%
otb Old Tibetan
0%
otk Old Turkish
0%
oui Old Uighur
0%
owl Old Welsh
0%
ole Olekha
0%
olb Oli-Bodiman
0%
olk Olkol
0%
ong Olo
0%
olm Oloma
0%
olr Olrat
0%
lul Olu'bo
0%
iko Olulumo-Ikom
0%
plo Oluta Popoluca
0%
omg Omagua
0%
oma Omaha-Ponca
0%
acx Omani Arabic
0%
mbm Ombamba
0%
oml Ombo
0%
nht Ometepec Nahuatl
0%
omi Omi
0%
omk Omok
0%
omt Omotik
0%
omu Omurano
0%
ona Ona
0%
oni Onin
0%
onx Onin Based Pidgin
0%
onj Onjob
0%
ons Ono
0%
onn Onobasulu
0%
ono Onondaga
0%
ont Ontenu
0%
ojv Ontong Java
0%
oor Oorlams
0%
opo Opao
0%
opt Opata
0%
orn Orang Kanaq
0%
ors Orang Seletar
0%
sdr Oraon Sadri
0%
ore Orejón
0%
org Oring
0%
ori Oriya (macrolanguage)
0%
nlv Orizaba Nahuatl
0%
orc Orma
0%
orz Ormu
0%
oru Ormuri
0%
ora Oroha
0%
okv Orokaiva
0%
bdu Oroko
0%
oro Orokolo
0%
bpk Orowe
0%
orw Oro Win
0%
orr Oruma
0%
ury Orya
0%
ost Osatu
0%
osc Oscan
0%
osi Osing
0%
oso Ososo
0%
uta Otank
0%
otd Ot Danum
0%
oti Oti
0%
otr Otoro
0%
otw Ottawa
0%
ota Ottoman Turkish (1500-1928)
0%
lot Otuho
0%
otu Otuke
0%
oum Ouma
0%
oue Oune
0%
stn Owa
0%
wsr Owenia
0%
owi Owiniga
0%
oyb Oy
0%
oyy Oya'oya
0%
oyd Oyda
0%
xpd Oyster Bay Tasmanian
0%
zao Ozolotepec Zapotec
0%
chz Ozumacín Chinantec
0%
pfa Pááfang
0%
drl Paakantyi
0%
pma Paama
0%
sig Paasaal
0%
pcp Pacahuara
0%
qvp Pacaraos Quechua
0%
ems Pacific Gulf Yupik
0%
pac Pacoh
0%
pdi Pa Di
0%
pdo Padoe
0%
pkc Paekche
0%
pgn Paelignian
0%
pbb Páez
0%
pgi Pagi
0%
pae Pagibete
0%
pgu Pagu
0%
apf Pahanan Agta
0%
phr Pahari-Potwari
0%
lgt Pahi
0%
phv Pahlavani
0%
pal Pahlavi
0%
pha Pa-Hng
0%
pri Paicî
0%
ppi Paipai
0%
pta Pai Tavytera
0%
pck Paite Chin
0%
pwn Paiwan
0%
pav Pakaásnovos
0%
pkn Pakanha
0%
pks Pakistan Sign Language
0%
pkg Pak-Tong
0%
pku Paku
0%
jkp Paku Karen
0%
plq Palaic
0%
plr Palaka Senoufo
0%
cpa Palantla Chinantec
0%
pnl Paleni
0%
pln Palenquero
0%
plu Palikúr
0%
pcf Paliyan
0%
pmd Pallanganmiddang
0%
fap Paloor
0%
ple Palu'e
0%
bpx Palya Bareli
0%
pmb Pambia
0%
pmf Pamona
0%
hih Pamosu
0%
att Pamplona Atta
0%
pnq Pana (Burkina Faso)
0%
pnz Pana (Central African Republic)
0%
lsp Panamanian Sign Language
0%
par Panamint
0%
qxh Panao Huánuco Quechua
0%
kre Panará
0%
psn Panasuan
0%
pwb Panawa
0%
pnp Pancana
0%
tdb Panchpargania
0%
bkj Pande
0%
pgs Pangseng
0%
png Pangu
0%
slm Pangutaran Sama
0%
pbr Pangwa
0%
pgg Pangwali
0%
pnr Panim
0%
pcg Paniya
0%
pan Panjabi
0%
pax Pankararé
0%
paz Pankararú
0%
pkh Pankhu
0%
pnc Pannei
0%
mqz Pano
0%
knt Panoan Katukína
0%
pno Panobo
0%
bfc Panyi Bai
0%
blk Pa'o Karen
0%
top Papantla Totonac
0%
ppn Papapana
0%
dpp Papar
0%
pas Papasena
0%
pbo Papel
0%
ppu Papora
0%
pgz Papua New Guinean Sign Language
0%
pmy Papuan Malay
0%
ppm Papuma
0%
aap Pará Arára
0%
prc Parachi
0%
gvp Pará Gavião
0%
gug Paraguayan Guaraní
0%
pys Paraguayan Sign Language
0%
pak Parakanã
0%
prf Paranan
0%
paf Paranawát
0%
pbg Paraujano
0%
prk Parauk
0%
prw Parawen
0%
pch Pardhan
0%
pcl Pardhi
0%
ppt Pare
0%
pab Parecís
0%
pcj Parenga
0%
kvx Parkari Koli
0%
pbi Parkwa
0%
prd Parsi-Dari
0%
xpr Parthian
0%
psq Pasi
0%
yac Pass Valley Yali
0%
pbc Patamona
0%
ptn Patani
0%
pth Pataxó Hã-Ha-Hãe
0%
ptp Patep
0%
pty Pathiya
0%
gfk Patpatar
0%
lae Pattani
0%
mfa Pattani Malay
0%
ptq Pattapu
0%
pwi Patwin
0%
plh Paulohi
0%
pad Paumarí
0%
pnk Paunaka
0%
bfb Pauri Bareli
0%
psm Pauserna
0%
pwa Pawaia
0%
paw Pawnee
0%
pmr Paynamar
0%
pzh Pazeh
0%
pay Pech
0%
xpc Pecheneg
0%
ppq Pei
0%
pel Pekal
0%
bxd Pela
0%
ata Pele-Ata
0%
ppp Pelende
0%
aoc Pemon
0%
pev Pémono
0%
psg Penang Sign Language
0%
pek Penchal
0%
ums Pendau
0%
peg Pengo
0%
pdc Pennsylvania German
0%
mil Peñoles Mixtec
0%
pnh Penrhyn
0%
ptw Pentlatch
0%
wet Perai
0%
pea Peranakan Indonesian
0%
pfe Pere
0%
mvf Peripheral Mongolian
0%
pip Pero
0%
prl Peruvian Sign Language
0%
pze Pesse
0%
zpe Petapa Zapotec
0%
pex Petats
0%
pey Petjo
0%
lme Pévé
0%
pfl Pfaelzisch
0%
prt Phai
0%
phk Phake
0%
phl Phalura
0%
phq Phana'
0%
phw Phangduwali
0%
pem Phende
0%
psp Philippine Sign Language
0%
phm Phimbi
0%
phn Phoenician
0%
ypg Phola
0%
yip Pholo
0%
nph Phom Naga
0%
pnx Phong-Kniang
0%
kjt Phrae Pwo Karen
0%
phu Phuan
0%
phd Phudagi
0%
pug Phuie
0%
phh Phukha
0%
ypm Phuma
0%
pho Phunoi
0%
phg Phuong
0%
ypp Phupa
0%
yph Phupha
0%
pht Phu Thai
0%
ypz Phuza
0%
ptr Piamatsina
0%
pin Piame
0%
pio Piapoco
0%
pid Piaroa
0%
cpu Pichis Ashéninka
0%
dep Pidgin Delaware
0%
pms Piemontese
0%
pij Pijao
0%
piz Pije
0%
pis Pijin
0%
plg Pilagá
0%
piv Pileni
0%
pia Pima Bajo
0%
piw Pimbwe
0%
pnn Pinai-Hagahai
0%
pti Pindiini
0%
pif Pingelapese
0%
pnv Pinigura
0%
pnj Pinjarup
0%
pic Pinji
0%
mio Pinotepa Nacional Mixtec
0%
piu Pintupi-Luritja
0%
pny Pinyin
0%
ppl Pipil
0%
pir Piratapuyo
0%
bxi Pirlatapa
0%
pie Piro
0%
xpa Pirriya
0%
pig Pisabo
0%
tpp Pisaflores Tepehua
0%
psy Piscataway
0%
xps Pisidian
0%
pih Pitcairn-Norfolk
0%
sje Pite Sami
0%
pjt Pitjantjatjara
0%
pit Pitta Pitta
0%
pix Piu
0%
piy Piya-Kwonci
0%
crk Plains Cree
0%
psd Plains Indian Sign Language
0%
pmw Plains Miwok
0%
ktj Plapo Krumen
0%
plt Plateau Malagasy
0%
pdt Plautdietsch
0%
gob Playero
0%
pbv Pnar
0%
npo Pochuri Naga
0%
xpo Pochutec
0%
pdn Podena
0%
poy Pogolo
0%
pok Pokangá
0%
pof Poke
0%
pkb Pokomo
0%
pko Pökoot
0%
pox Polabian
0%
pld Polari
0%
pso Polish Sign Language
0%
plb Polonombauk
0%
pmm Pomo
0%
ncc Ponam
0%
pns Ponosakan
0%
npg Ponyo-Gongwang Naga
0%
jac Popti'
0%
poc Poqomam
0%
poh Poqomchi'
0%
prh Porohanon
0%
psw Port Sandwich
0%
xpl Port Sorell Tasmanian
0%
psr Portuguese Sign Language
0%
ptv Port Vato
0%
pot Potawatomi
0%
pog Potiguára
0%
gdb Pottangi Ollar Gadaba
0%
pmx Poumei Naga
0%
bye Pouye
0%
pwr Powari
0%
pim Powhatan
0%
pyn Poyanáwa
0%
prn Prasuni
0%
pgl Primitive Irish
0%
prz Providencia Sign Language
0%
kvj Psikye
0%
pux Puare
0%
atp Pudtol Atta
0%
pbm Puebla Mazatec
0%
pue Puelche
0%
psl Puerto Rican Sign Language
0%
npu Puimei Naga
0%
pui Puinave
0%
pkp Pukapuka
0%
fuc Pulaar
0%
pup Pulabu
0%
fuf Pular
0%
puw Puluwatese
0%
pum Puma
0%
yae Pumé
0%
xpm Pumpokol
0%
pud Punan Aput
0%
pna Punan Bah-Biau
0%
pnm Punan Batu 1
0%
puf Punan Merah
0%
puc Punan Merap
0%
puj Punan Tubu
0%
xpu Punic
0%
qxp Puno Quechua
0%
xpt Punthamara
0%
puu Punu
0%
puo Puoc
0%
puq Puquina
0%
pru Puragi
0%
iar Purari
0%
prr Puri
0%
prx Purik
0%
puy Purisimeño
0%
suv Puroik
0%
pur Puruborá
0%
pub Purum
0%
pus Pushto
0%
mfl Putai
0%
put Putoh
0%
afe Putukwam
0%
cpx Pu-Xian Chinese
0%
xpy Puyo
0%
xpp Puyo-Paekche
0%
pyu Puyuma
0%
pme Pwaamei
0%
pop Pwapwâ
0%
kjp Pwo Eastern Karen
0%
pww Pwo Northern Karen
0%
pwo Pwo Western Karen
0%
pcw Pyapun
0%
pye Pye Krumen
0%
pyy Pyen
0%
pyx Pyu (Myanmar)
0%
pby Pyu (Papua New Guinea)
0%
laq Qabiao
0%
kjb Q'anjob'al
0%
byx Qaqet
0%
qxq Qashqa'i
0%
xqt Qatabanian
0%
gqu Qau
0%
alc Qawasqar
0%
ymq Qila Muji
0%
ahg Qimant
0%
zqe Qiubei Zhuang
0%
qua Quapaw
0%
fcs Quebec Sign Language
0%
qya Quenya
0%
otq Querétaro Otomi
0%
pxm Quetzaltepec Mixe
0%
qvy Queyu
0%
zpj Quiavicuzas Zapotec
0%
qui Quileute
0%
qun Quinault
0%
quq Quinqui
0%
ztq Quioquitani-Quierí Zapotec
0%
chq Quiotepec Chinantec
0%
qyp Quiripi
0%
rah Rabha
0%
rad Rade
0%
xrr Raetic
0%
raz Rahambuu
0%
mqk Rajah Kabunsuwan Manobo
0%
rjs Rajbanshi
0%
rji Raji
0%
rjg Rajong
0%
gra Rajput Garasia
0%
rkh Rakahanga-Manihiki
0%
ral Ralte
0%
rai Ramoaaina
0%
kjx Ramopa
0%
lje Rampi
0%
thr Rana Tharu
0%
lag Rangi
0%
rgk Rangkas
0%
rnl Ranglong
0%
rao Rao
0%
kyx Rapoisi
0%
rpt Rapting
0%
lra Rara Bakati'
0%
rar Rarotongan
0%
rac Rasawa
0%
btn Ratagnon
0%
rth Ratahan
0%
rtw Rathawi
0%
bgd Rathwi Bareli
0%
rau Raute
0%
yea Ravula
0%
rwo Rawa
0%
raw Rawang
0%
jnl Rawat
0%
weu Rawngtu Chin
0%
rwa Rawo
0%
zor Rayón Zoque
0%
rat Razajerdi
0%
rzh Rāziḥī
0%
gir Red Gelao
0%
atu Reel
0%
rej Rejang
0%
ree Rejang Kayan
0%
rei Reli
0%
bow Rema
0%
rmb Rembarrnga
0%
reb Rembong
0%
rem Remo
0%
agv Remontado Dumagat
0%
rmp Rempi
0%
lkj Remun
0%
rel Rendille
0%
ren Rengao
0%
mnv Rennell-Bellona
0%
rpn Repanbitip
0%
rea Rerau
0%
rer Rer Bare
0%
pgk Rerep
0%
res Reshe
0%
rgr Resígaro
0%
ret Retta
0%
rcf Réunion Creole French
0%
rey Reyesano
0%
ria Riang (India)
0%
yin Riang Lai
0%
ril Riang Lang
0%
ran Riantana
0%
rir Ribun
0%
iri Rigwe
0%
rkb Rikbaktsa
0%
bto Rinconada Bikol
0%
zar Rincón Zapotec
0%
rgu Ringgou
0%
rri Ririo
0%
rsw Rishiwa
0%
rit Ritharrngu
0%
riu Riung
0%
snj Riverain Sango
0%
lbn Rmeet
0%
rod Rogo
0%
rmx Romam
0%
rms Romanian Sign Language
0%
rge Romano-Greek
0%
rsb Romano-Serbian
0%
rmv Romanova
0%
rom Romany
0%
rol Romblomanon
0%
rof Rombo
0%
rmk Romkun
0%
cla Ron
0%
rng Ronga
0%
ror Rongga
0%
nbu Rongmei Naga
0%
rnp Rongpo
0%
roe Ronji
0%
rnn Roon
0%
rga Roria
0%
roo Rotokas
0%
rug Roviana
0%
pce Ruching Palaung
0%
rdb Rudbari
0%
rui Rufiji
0%
ruh Ruga
0%
dru Rukai
0%
ruz Ruma
0%
rbb Rumai Palaung
0%
klq Rumu
0%
rou Runga
0%
rtc Rungtu Chin
0%
drg Rungus
0%
rnw Rungwa
0%
bxr Russia Buriat
0%
rsl Russian Sign Language
0%
rsk Ruthenian
0%
ruc Ruuli
0%
rnd Ruund
0%
rwl Ruwila
0%
rsn Rwandan Sign Language
0%
sav Saafi-Saafi
0%
lsm Saamia
0%
sxr Saaroa
0%
saa Saba
0%
xsa Sabaean
0%
bsy Sabah Bisaya
0%
msi Sabah Malay
0%
snv Sa'ban
0%
sae Sabanê
0%
spy Sabaot
0%
sbv Sabine
0%
hvn Sabu
0%
sbo Sabüm
0%
quv Sacapulteco
0%
sck Sadri
0%
skb Saek
0%
spd Saep
0%
saf Safaliba
0%
apz Safeyoka
0%
sbk Safwa
0%
sbm Sagala
0%
tga Sagalla
0%
aec Saidi Arabic
0%
acf Saint Lucian Creole French
0%
xsy Saisiyat
0%
sjl Sajalong
0%
sjb Sajau Basap
0%
sch Sakachep
0%
skg Sakalava Malagasy
0%
sku Sakao
0%
skt Sakata
0%
sak Sake
0%
skf Sakirabiá
0%
szy Sakizaya
0%
shq Sala
0%
slx Salampasu
0%
slr Salar
0%
sgu Salas
0%
qxl Salasaca Highland Quichua
0%
xmx Salawati
0%
sau Saleman
0%
sbe Saliba
0%
slc Sáliba
0%
sln Salinan
0%
sdz Sallands
0%
sll Salt-Yui
0%
loe Saluan
0%
slj Salumá
0%
esn Salvadoran Sign Language
0%
sam Samaritan Aramaic
0%
tmj Samarokena
0%
ysd Samatao
0%
syx Samay
0%
smx Samba
0%
ccg Samba Daka
0%
xsb Sambal
0%
ndi Samba Leko
0%
spv Sambalpuri
0%
xab Sambe
0%
ssx Samberigi
0%
saq Samburu
0%
smh Samei
0%
swm Samosa
0%
rav Sampang
0%
sxm Samre
0%
stu Samtao
0%
smv Samvedi
0%
ayn Sanaani Arabic
0%
ztm San Agustín Mixtepec Zapotec
0%
spn Sanapaná
0%
zpx San Baltazar Loxicha Zapotec
0%
cuk San Blas Kuna
0%
sad Sandawe
0%
hve San Dionisio Del Mar Huave
0%
pow San Felipe Otlaltepec Popoloca
0%
hue San Francisco Del Mar Huave
0%
mat San Francisco Matlatzinca
0%
sng Sanga (Democratic Republic of Congo)
0%
xsn Sanga (Nigeria)
0%
scg Sanggau
0%
snl Sangil
0%
sxn Sangir
0%
sgr Sangisari
0%
sgk Sangkong
0%
nsa Sangtam Naga
0%
snq Sangu (Gabon)
0%
sbp Sangu (Tanzania)
0%
ysn Sani
0%
ysy Sanie
0%
sny Saniyo-Hiyewe
0%
maa San Jerónimo Tecóatl Mazatec
0%
poe San Juan Atzingo Popoloca
0%
mjc San Juan Colorado Mixtec
0%
xtj San Juan Teita Mixtec
0%
msc Sankaran Maninka
0%
pps San Luís Temalacayuca Popoloca
0%
pls San Marcos Tlacoyalco Popoloca
0%
trq San Martín Itunyoso Triqui
0%
qvs San Martín Quechua
0%
huv San Mateo Del Mar Huave
0%
scf San Miguel Creole French
0%
mig San Miguel El Grande Mixtec
0%
xtp San Miguel Piedras Mixtec
0%
azg San Pedro Amuzgos Amuzgo
0%
zpf San Pedro Quiatoni Zapotec
0%
kwy San Salvador Kongo
0%
ssi Sansi
0%
qxt Santa Ana de Tusi Pasco Quechua
0%
ztn Santa Catarina Albarradas Zapotec
0%
pca Santa Inés Ahuatempan Popoloca
0%
zpn Santa Inés Yatzechi Zapotec
0%
mdv Santa Lucía Monteverde Mixtec
0%
hvv Santa María Del Mar Huave
0%
nhz Santa María La Alta Nahuatl
0%
zpi Santa María Quiegolani Zapotec
0%
mza Santa María Zacatepec Mixtec
0%
cok Santa Teresa Cora
0%
qus Santiago del Estero Quichua
0%
zpr Santiago Xanica Zapotec
0%
zas Santo Domingo Albarradas Zapotec
0%
xsu Sanumá
0%
zpt San Vicente Coatlán Zapotec
0%
scq Sa'och
0%
zkp São Paulo Kaingáng
0%
spr Saparua
0%
spc Sapé
0%
krn Sapo
0%
spi Saponi
0%
sps Saposa
0%
spu Sapuan
0%
skr Saraiki
0%
sbz Sara Kaba
0%
kwg Sara Kaba Deme
0%
kwv Sara Kaba Náà
0%
bps Sarangani Blaan
0%
mbs Sarangani Manobo
0%
zsa Sarasira
0%
sar Saraveca
0%
sdf Sarli
0%
srs Sarsi
0%
onp Sartang
0%
swy Sarua
0%
sdu Sarudu
0%
sra Saruga
0%
sxs Sasaru
0%
sdc Sassarese Sardinian
0%
stw Satawalese
0%
mav Sateré-Mawé
0%
stq Saterfriesisch
0%
sdl Saudi Arabian Sign Language
0%
psu Sauraseni Prākrit
0%
srt Sauri
0%
mjt Sauria Paharia
0%
sao Sause
0%
ssj Sausi
0%
sdg Savi
0%
svs Savosavo
0%
szw Sawai
0%
swr Saweru
0%
saw Sawi
0%
swt Sawila
0%
swn Sawknah
0%
sxw Saxwe Gbe
0%
say Saya
0%
pos Sayula Popoluca
0%
xsc Scythian
0%
gul Sea Island Creole English
0%
kdg Seba
0%
sgw Sebat Bet Gurage
0%
sbx Seberuang
0%
sib Sebop
0%
sec Sechelt
0%
sey Secoya
0%
sed Sedang
0%
trv Sediq
0%
tvw Sedoa
0%
sos Seeku
0%
sge Segai
0%
seg Segeju
0%
sbg Seget
0%
sfw Sehwi
0%
ssg Seimat
0%
hik Seit-Kaitetu
0%
sek Sekani
0%
skp Sekapan
0%
skz Sekar
0%
vaj Sekele
0%
skj Seke (Nepal)
0%
ske Seke (Vanuatu)
0%
syi Seki
0%
skx Seko Padang
0%
sko Seko Tengah
0%
lip Sekpele
0%
kgi Selangor Sign Language
0%
slu Selaru
0%
sly Selayar
0%
snw Selee
0%
spl Selepet
0%
sxl Selian
0%
slg Selungai Murut
0%
sws Seluwasan
0%
sea Semai
0%
sdq Semandang
0%
szc Semaq Beri
0%
sbr Sembakung Murut
0%
sza Semelai
0%
etz Semimi
0%
ssm Semnam
0%
xse Sempan
0%
seq Senara Sénoufo
0%
syn Senaya
0%
see Seneca
0%
sds Sened
0%
szg Sengele
0%
snu Senggi
0%
spk Sengo
0%
ssz Sengseng
0%
sjs Senhaja De Srair
0%
sni Sensi
0%
set Sentani
0%
sez Senthang Chin
0%
spb Sepa (Indonesia)
0%
spe Sepa (Papua New Guinea)
0%
iws Sepik Iwam
0%
sry Sera
0%
sei Seri
0%
sve Serili
0%
kqu Seroa
0%
ser Serrano
0%
srw Serua
0%
srk Serudung Murut
0%
seu Serui-Laut
0%
crs Seselwa Creole French
0%
stf Seta
0%
stm Setaman
0%
sbi Seti
0%
sta Settla
0%
ojs Severn Ojibwa
0%
sew Sewa Bay
0%
lsw Seychelles Sign Language
0%
sze Seze
0%
ksw S'gaw Karen
0%
sdb Shabak
0%
scz Shaetlan
0%
srz Shahmirzadi
0%
shm Shahrudi
0%
sha Shall-Zwall
0%
xsh Shamang
0%
sqa Shama-Sambuga
0%
ksb Shambala
0%
swo Shanenawa
0%
sho Shanga
0%
sjc Shaojiang Chinese
0%
mcd Sharanahua
0%
ssv Shark Bay
0%
swq Sharwa
0%
sht Shasta
0%
shj Shatt
0%
sqh Shau
0%
shv Shehri
0%
moy Shekkacho
0%
she Sheko
0%
sth Shelta
0%
seb Shempire Senoufo
0%
shl Shendu
0%
scv Sheni
0%
sdp Sherdukpen
0%
kip Sheshi Kham
0%
ssh Shihhi Arabic
0%
gua Shiki
0%
shp Shipibo-Conibo
0%
sle Sholaga
0%
sii Shom Peng
0%
bcv Shoo-Minda-Nye
0%
shg Shua
0%
sdt Shuadit
0%
jiv Shuar
0%
suj Shubi
0%
sxg Shuhi
0%
sts Shumashti
0%
scu Shumcho
0%
shs Shuswap
0%
shw Shwai
0%
pll Shwe Palaung
0%
slw Sialum
0%
sif Siamou
0%
spg Sian
0%
snp Siane
0%
sya Siang
0%
sjr Siar-Lak
0%
mmp Siawi
0%
sdx Sibu Melanau
0%
sxc Sicanian
0%
scx Sicel
0%
iii Sichuan Yi
0%
sep Sìcìté Sénoufo
0%
sqr Siculo Arabic
0%
sid Sidamo
0%
xsd Sidetic
0%
zaa Sierra de Juárez Zapotec
0%
sgx Sierra Leone Sign Language
0%
nsu Sierra Negra Nahuatl
0%
sxe Sighu
0%
snr Sihan
0%
qws Sihuas Ancash Quechua
0%
ski Sika
0%
sky Sikaiana
0%
tty Sikaritai
0%
sik Sikiana
0%
bla Siksika
0%
skh Sikule
0%
slt Sila
0%
mks Silacayoapan Mixtec
0%
sbq Sileibi
0%
wul Silimo
0%
mkc Siliput
0%
xsp Silopi
0%
sie Simaa
0%
sbw Simba
0%
smg Simbali
0%
smb Simbari
0%
sbb Simbo
0%
smz Simeku
0%
smr Simeulue
0%
smt Simte
0%
siu Sinagen
0%
sst Sinasina
0%
snc Sinaugoro
0%
sbn Sindhi Bhil
0%
xts Sindihui Mixtec
0%
sls Singapore Sign Language
0%
sgp Singpho
0%
xti Sinicahua Mixtec
0%
skq Sininkere
0%
rmo Sinte Romani
0%
sys Sinyar
0%
snn Siona
0%
qum Sipacapense
0%
swj Sira
0%
fos Siraya
0%
ysr Sirenik Yupik
0%
sir Siri
0%
sri Siriano
0%
srq Sirionó
0%
srx Sirmauri
0%
ssd Siroi
0%
sld Sissala
0%
sso Sissano
0%
sis Siuslaw
0%
siy Sivandi
0%
lsv Sivia Sign Language
0%
siw Siwai
0%
siz Siwi
0%
akp Siwu
0%
csy Siyin Chin
0%
ska Skagit
0%
svx Skalvian
0%
skw Skepi Creole Dutch
0%
skv Skou
0%
den Slave (Athapascan)
0%
svm Slavomolisano
0%
svk Slovakian Sign Language
0%
sfm Small Flowery Miao
0%
kxq Smärky Kanum
0%
sno Snohomish
0%
ssq So'a
0%
sob Sobei
0%
cso Sochiapam Chinantec
0%
soc So (Democratic Republic of Congo)
0%
sog Sogdian
0%
soj Soi
0%
sok Sokoro
0%
xso Solano
0%
sby Soli
0%
szs Solomon Islands Sign Language
0%
aaw Solong
0%
sol Solos
0%
bmu Somba-Siawari
0%
sor Somrai
0%
smu Somray
0%
kgt Somyev
0%
ysg Sonaga
0%
shc Sonde
0%
sop Songe
0%
csj Songlai Chin
0%
soo Songo
0%
soe Songomeno
0%
sod Songoora
0%
soi Sonha
0%
siq Sonia
0%
sov Sonsorol
0%
teu Soo
0%
urw Sop
0%
sqt Soqotri
0%
srb Sora
0%
sbh Sori-Harengan
0%
sqo Sorkhei
0%
sxo Sorothaptic
0%
ays Sorsogon Ayta
0%
sdk Sos Kundi
0%
krz Sota Kanum
0%
tlt Sou Nama
0%
sfs South African Sign Language
0%
aws South Awyu
0%
azb South Azerbaijani
0%
quh South Bolivian Quechua
0%
lnl South Central Banda
0%
dib South Central Dinka
0%
tvk Southeast Ambrym
0%
vbb Southeast Babar
0%
dks Southeastern Dinka
0%
zpd Southeastern Ixtlán Zapotec
0%
nit Southeastern Kolami
0%
mxy Southeastern Nochixtlán Mixtec
0%
pom Southeastern Pomo
0%
npl Southeastern Puebla Nahuatl
0%
tcu Southeastern Tarahumara
0%
stp Southeastern Tepehuan
0%
ijs Southeast Ijo
0%
psi Southeast Pashai
0%
xpf Southeast Tasmanian
0%
erk South Efate
0%
agy Southern Alta
0%
alt Southern Altai
0%
ams Southern Amami-Oshima
0%
ayc Southern Aymara
0%
bfs Southern Bai
0%
bcc Southern Balochi
0%
bzc Southern Betsimisaraka Malagasy
0%
mtw Southern Binukidnon
0%
biv Southern Birifor
0%
bwq Southern Bobo Madaré
0%
obk Southern Bontok
0%
caf Southern Carrier
0%
bln Southern Catanduanes Bikol
0%
qxo Southern Conchucos Ancash Quechua
0%
dga Southern Dagaare
0%
kmc Southern Dong
0%
crj Southern East Cree
0%
ghe Southern Ghale
0%
grj Southern Grebo
0%
hmy Southern Guiyang Hmong
0%
hax Southern Haida
0%
hnd Southern Hindko
0%
sxk Southern Kalapuya
0%
ksc Southern Kalinga
0%
sct Southern Katang
0%
kss Southern Kisi
0%
kjd Southern Kiwai
0%
sdh Southern Kurdish
0%
ysp Southern Lolopo
0%
luz Southern Luri
0%
snm Southern Ma'di
0%
hma Southern Mashan Hmong
0%
mnn Southern Mnong
0%
ymc Southern Muji
0%
nqg Southern Nago
0%
nab Southern Nambikuára
0%
nbw Southern Ngbandi
0%
nik Southern Nicobarese
0%
nsd Southern Nisu
0%
nnw Southern Nuni
0%
css Southern Ohlone
0%
osu Southern One
0%
pmz Southern Pame
0%
pbt Southern Pashto
0%
qup Southern Pastaza Quechua
0%
csp Southern Ping Chinese
0%
peq Southern Pomo
0%
mit Southern Puebla Mixtec
0%
slh Southern Puget Sound Salish
0%
pmj Southern Pumi
0%
hms Southern Qiandong Miao
0%
qxs Southern Qiang
0%
nre Southern Rengma Naga
0%
zsr Southern Rincon Zapotec
0%
rgs Southern Roglai
0%
ssb Southern Sama
0%
sbd Southern Samo
0%
skd Southern Sierra Miwok
0%
srv Southern Sorsoganon
0%
laa Southern Subanen
0%
sou Southern Thai
0%
itd Southern Tidung
0%
tix Southern Tiwa
0%
wib Southern Toussian
0%
tjs Southern Tujia
0%
tce Southern Tutchone
0%
uzs Southern Uzbek
0%
lrr Southern Yamphu
0%
yux Southern Yukaghir
0%
fal South Fali
0%
giz South Giziga
0%
lmf South Lembata
0%
mqm South Marquesan
0%
kts South Muyu
0%
nbl South Ndebele
0%
nxl South Nuaulu
0%
spx South Picene
0%
xsl South Slavey
0%
omw South Tairora
0%
cpy South Ucayali Ashéninka
0%
mcy South Watut
0%
sns South West Bay
0%
vbk Southwestern Bontok
0%
dik Southwestern Dinka
0%
fay Southwestern Fars
0%
hmg Southwestern Guiyang Hmong
0%
hmh Southwestern Huishui Hmong
0%
nsv Southwestern Nisu
0%
twr Southwestern Tarahumara
0%
xpx Southwestern Tasmanian
0%
tla Southwestern Tepehuan
0%
meh Southwestern Tlaxiaco Mixtec
0%
gso Southwest Gbaya
0%
plv Southwest Palawano
0%
psh Southwest Pashai
0%
nwi Southwest Tanna
0%
wha Sou Upaa
0%
sww Sowa
0%
sow Sowanda
0%
vmp Soyaltepec Mazatec
0%
vmq Soyaltepec Mixtec
0%
ssp Spanish Sign Language
0%
spt Spiti Bhoti
0%
spo Spokane
0%
squ Squamish
0%
sci Sri Lankan Creole Malay
0%
sqs Sri Lankan Sign Language
0%
arb Standard Arabic
0%
ekk Standard Estonian
0%
lvs Standard Latvian
0%
zsm Standard Malay
0%
zgh Standard Moroccan Tamazight
0%
stl Stellingwerfs
0%
sbu Stod Bhoti
0%
jih sTodsde
0%
sto Stoney
0%
str Straits Salish
0%
szp Suabo
0%
seo Suarmin
0%
swp Suau
0%
sxb Suba
0%
ssc Suba-Simbiti
0%
xsj Subi
0%
sbs Subiya
0%
sut Subtiaba
0%
apd Sudanese Arabic
0%
pga Sudanese Creole Arabic
0%
tgo Sudest
0%
xsv Sudovian
0%
sue Suena
0%
sgi Suga
0%
sug Suganga
0%
kzs Sugut Dusun
0%
sui Suki
0%
syk Sukur
0%
zsu Sukurum
0%
sua Sulka
0%
srg Sulod
0%
siv Sumariup
0%
six Sumau
0%
suw Sumbwa
0%
nsm Sumi Naga
0%
csv Sumtu Chin
0%
ssk Sunam
0%
suz Sunwar
0%
syo Suoy
0%
spp Supyire Senoufo
0%
sbj Surbakhal
0%
sgj Surgujia
0%
sgd Surigaonon
0%
sjp Surjapuri
0%
sgz Sursurunga
0%
swx Suruahá
0%
sde Surubu
0%
sru Suruí
0%
mdz Suruí Do Pará
0%
sqn Susquehannock
0%
ssu Susuami
0%
sdj Suundi
0%
swu Suwawa
0%
suy Suyá
0%
swh Swahili (individual language)
0%
swa Swahili (macrolanguage)
0%
csw Swampy Cree
0%
swl Swedish Sign Language
0%
ssr Swiss-French Sign Language
0%
sgg Swiss-German Sign Language
0%
slf Swiss-Italian Sign Language
0%
sox Swo
0%
shz Syenara Senoufo
0%
tap Taabwa
0%
zat Tabaa Zapotec
0%
tby Tabaru
0%
chf Tabasco Chontal
0%
nhc Tabasco Nahuatl
0%
zoq Tabasco Zoque
0%
tnm Tabla
0%
knv Tabo
0%
tzx Tabriak
0%
xtt Tacahua Mixtec
0%
tna Tacana
0%
shy Tachawit
0%
shi Tachelhit
0%
lts Tachoni
0%
dsq Tadaksahak
0%
klw Tado
0%
tdy Tadyawan
0%
rob Tae'
0%
tcd Tafi
0%
bgs Tagabawa
0%
klg Tagakaulo
0%
tgz Tagalaka
0%
mvv Tagal Murut
0%
oua Tagargrent
0%
tbw Tagbanwa
0%
tbm Tagbu
0%
tda Tagdal
0%
tgj Tagin
0%
tgx Tagish
0%
tag Tagoi
0%
tgw Tagwana Senoufo
0%
thv Tahaggart Tamahaq
0%
tht Tahltan
0%
gpn Taiap
0%
tyr Tai Daeng
0%
blt Tai Dam
0%
tyj Tai Do
0%
twh Tai Dón
0%
tiz Tai Hongjin
0%
aos Taikat
0%
tjl Tai Laing
0%
tlq Tai Loi
0%
thi Tai Long
0%
ago Tainae
0%
tnq Taino
0%
tdd Tai Nüa
0%
tpo Tai Pao
0%
bxa Tairaha
0%
uar Tairuma
0%
dav Taita
0%
tmm Tai Thanh
0%
tvx Taivoan
0%
tss Taiwan Sign Language
0%
cuu Tai Ya
0%
acq Ta'izzi-Adeni Arabic
0%
pee Taje
0%
abh Tajiki Arabic
0%
tdj Tajio
0%
tja Tajuasohn
0%
tkm Takelma
0%
tks Takestani
0%
tbc Takia
0%
tkz Takua
0%
nho Takuu
0%
tke Takwane
0%
tak Tala
0%
tld Talaud
0%
tlv Taliabu
0%
tdf Talieng
0%
tlj Talinga-Bwisi
0%
tlr Talise
0%
tlo Talodi
0%
tlk Taloki
0%
tln Talondo'
0%
tzl Talossan
0%
yta Talu
0%
tma Tama (Chad)
0%
ten Tama (Colombia)
0%
tcg Tamagario
0%
tmz Tamanaku
0%
tmn Taman (Indonesia)
0%
tcl Taman (Myanmar)
0%
taq Tamasheq
0%
vmx Tamazola Mixtec
0%
tdk Tambas
0%
xxt Tambora
0%
tls Tambotalo
0%
tax Tamki
0%
tml Tamnim Citak
0%
low Tampias Lobu
0%
tpu Tampuan
0%
tpm Tampulma
0%
tcb Tanacross
0%
tcm Tanahmerah
0%
tfn Tanaina
0%
tpv Tanapag
0%
tgn Tandaganon
0%
tni Tandia
0%
tdx Tandroy-Mahafaly Malagasy
0%
tnx Tanema
0%
tan Tangale
0%
tnv Tangchangya
0%
tgu Tanggu
0%
nmf Tangkhul Naga (India)
0%
ntx Tangkhul Naga (Myanmar)
0%
tkx Tangko
0%
ytl Tanglang
0%
tgp Tangoa
0%
tbs Tanguat
0%
txg Tangut
0%
tbe Tanimbili
0%
tnc Tanimuca-Retuarã
0%
uji Tanjijili
0%
txy Tanosy Malagasy
0%
kml Tanudan Kalinga
0%
tza Tanzanian Sign Language
0%
afp Tapei
0%
tpj Tapieté
0%
taf Tapirapé
0%
lgn T'apo
0%
tro Tarao Naga
0%
tgr Tareng
0%
tae Tariana
0%
txj Tarjumo
0%
yer Tarok
0%
tpf Tarpia
0%
txr Tartessian
0%
tdm Taruma
0%
twq Tasawaq
0%
nst Tase Naga
0%
tmt Tasmate
0%
cta Tataltepec Chatino
0%
txx Tatana
0%
tav Tatuyo
0%
ttd Tauade
0%
tuh Taulil
0%
tco Taungyo
0%
tpa Taupota
0%
tad Tause
0%
trr Taushiro
0%
tsg Tausug
0%
tya Tauya
0%
tvs Taveta
0%
tvn Tavoyan
0%
rmu Tavringer Romani
0%
tbo Tawala
0%
ttq Tawallammat Tamajaq
0%
xtw Tawandê
0%
twm Tawang Monpa
0%
twl Tawara
0%
tbp Taworta
0%
twy Tawoyan
0%
tcp Tawr Chin
0%
tyz Tày
0%
thz Tayart Tamajeq
0%
tas Tay Boi
0%
tnu Tay Khang
0%
cks Tayo
0%
tys Tày Sa Pa
0%
tyt Tày Tac
0%
grr Taznatit
0%
tbl Tboli
0%
tck Tchitchege
0%
bqa Tchumbuli
0%
tkw Teanu
0%
tsy Tebul Sign Language
0%
dtu Tebul Ure Dogon
0%
tcw Tecpatlán Totonac
0%
tuq Tedaga
0%
ctd Tedim Chin
0%
tkq Tee
0%
lor Téén
0%
tfo Tefaro
0%
ras Tegali
0%
kps Tehit
0%
teh Tehuelche
0%
ztt Tejalapan Zapotec
0%
ebo Teke-Ebo
0%
ifm Teke-Fuumu
0%
kkw Teke-Kukuya
0%
lli Teke-Laali
0%
nzu Teke-Nzikou
0%
teg Teke-Tege
0%
tyi Teke-Tsaayi
0%
tyx Teke-Tyee
0%
ttc Tektiteko
0%
tvm Tela-Masbuar
0%
tlf Telefol
0%
tjo Temacine Tamazight
0%
nhv Temascaltepec Nahuatl
0%
tqb Tembé
0%
tbt Tembo (Kitembo)
0%
tmv Tembo (Motembo)
0%
tdo Teme
0%
teq Temein
0%
soz Temi
0%
tea Temiar
0%
ott Temoaya Otomi
0%
tmo Temoq
0%
tmw Temuan
0%
quw Tena Lowland Quichua
0%
otn Tenango Otomi
0%
tnz Ten'edn
0%
dtk Tene Kan Dogon
0%
vkt Tenggarong Kutai Malay
0%
tes Tengger
0%
pah Tenharim
0%
tqn Tenino
0%
tns Tenis
0%
tex Tennet
0%
tio Teop
0%
tev Teor
0%
tep Tepecano
0%
cnt Tepetotutla Chinantec
0%
cux Tepeuxila Cuicatec
0%
cte Tepinapa Chinantec
0%
ted Tepo Krumen
0%
ttr Tera
0%
trb Terebu
0%
buo Terei
0%
ter Tereno
0%
tef Teressa
0%
twg Tereweng
0%
tfr Teribe
0%
tec Terik
0%
twu Termanu
0%
tft Ternate
0%
tmg Ternateño
0%
sjt Ter Sami
0%
tkg Tesaka Malagasy
0%
keg Tese
0%
twc Teshenawa
0%
tll Tetela
0%
nhg Tetelcingo Nahuatl
0%
teb Tetete
0%
tez Tetserret
0%
tdt Tetun Dili
0%
cut Teutila Cuicatec
0%
twe Tewa (Indonesia)
0%
tew Tewa (USA)
0%
twx Tewe
0%
otx Texcatepec Otomi
0%
poq Texistepec Popoluca
0%
zpz Texmelucan Zapotec
0%
mxb Tezoatlán Mixtec
0%
thn Thachanadan
0%
tcz Thado Chin
0%
cth Thaiphum Chin
0%
tsq Thai Sign Language
0%
soa Thai Song
0%
ths Thakali
0%
nki Thangal Naga
0%
thf Thangmi
0%
ssf Thao
0%
thk Tharaka
0%
xtv Thawa
0%
typ Thaypan
0%
iin Thiin
0%
thp Thompson
0%
ytp Thopho
0%
tyl Thu Lao
0%
tdh Thulung
0%
ahi Tiagbamrin Aizi
0%
mnl Tiale
0%
tbj Tiang
0%
ngy Tibea
0%
lsn Tibetan Sign Language
0%
tcn Tichurong
0%
tca Ticuna
0%
mtx Tidaá Mixtec
0%
tia Tidikelt Tamazight
0%
tvo Tidore
0%
tiq Tiéfo
0%
boo Tiemacèwè Bozo
0%
tii Tiene
0%
boz Tiéyaxo Bozo
0%
tif Tifal
0%
tgc Tigak
0%
nza Tigon Mbembe
0%
txq Tii
0%
xtl Tijaltepec Mixtec
0%
tik Tikar
0%
tkp Tikopia
0%
otl Tilapa Otomi
0%
til Tillamook
0%
zts Tilquiapan Zapotec
0%
tij Tilung
0%
tms Tima
0%
tim Timbe
0%
tem Timne
0%
tvy Timor Pidgin
0%
tjm Timucua
0%
tih Timugon Murut
0%
lbf Tinani
0%
tgv Tingui-Boto
0%
tit Tinigua
0%
tpz Tinputz
0%
tpe Tippera
0%
tic Tira
0%
tra Tirahi
0%
tde Tiranige Diga Dogon
0%
cir Tiri
0%
suq Tirmaga-Chai Suri
0%
tiy Tiruray
0%
tdq Tita
0%
ttv Titan
0%
lax Tiwa
0%
tiw Tiwi
0%
tyy Tiyaa
0%
tjj Tjungundji
0%
tjp Tjupany
0%
tju Tjurruru
0%
tpt Tlachichilco Tepehua
0%
tpl Tlacoapa Me'phaa
0%
ctl Tlacoatzintepec Chinantec
0%
zpk Tlacolulita Zapotec
0%
mxp Tlahuitoltepec Mixe
0%
nuz Tlamacazapa Nahuatl
0%
mqh Tlazoyaltepec Mixtec
0%
dgr Tlicho
0%
mlu To'abaita
0%
tqo Toaripi
0%
tgh Tobagonian Creole English
0%
tmf Toba-Maskoy
0%
tng Tobanga
0%
tti Tobati
0%
tlb Tobelo
0%
tox Tobian
0%
tgb Tobilung
0%
tbv Tobo
0%
asu Tocantins Asurini
0%
taz Tocho
0%
tcx Toda
0%
tdr Todrah
0%
tlg Tofanma
0%
tfi Tofin Gbe
0%
tor Togbo-Vara Banda
0%
tgy Togoyo
0%
ood Tohono O'odham
0%
toj Tojolabal
0%
zuh Tokano
0%
tkl Tokelau
0%
xto Tokharian A
0%
txb Tokharian B
0%
tok Toki Pona
0%
tkn Toku-No-Shima
0%
jic Tol
0%
lbw Tolaki
0%
tlm Tolomako
0%
tol Tolowa
0%
tod Toma
0%
tdi Tomadino
0%
ttp Tombelala
0%
txa Tombonuo
0%
tom Tombulu
0%
txm Tomini
0%
dto Tommo So Dogon
0%
tqp Tomoip
0%
dtm Tomo Kan Dogon
0%
tdn Tondano
0%
tst Tondi Songway Kiini
0%
tog Tonga (Nyasa)
0%
ton Tonga (Tonga Islands)
0%
toi Tonga (Zambia)
0%
tny Tongwe
0%
tjn Tonjon
0%
tqw Tonkawa
0%
tnw Tonsawang
0%
txs Tonsea
0%
tnt Tontemboan
0%
ttj Tooro
0%
toy Topoiyo
0%
toq Toposa
0%
trz Torá
0%
sda Toraja-Sa'dan
0%
trj Toram
0%
ttu Torau
0%
fit Tornedalen Finnish
0%
tno Toromono
0%
tqr Torona
0%
dts Toro So Dogon
0%
dtt Toro Tegu Dogon
0%
tcs Torres Strait Creole
0%
tei Torricelli
0%
trw Torwali
0%
als Tosk Albanian
0%
ttl Totela
0%
txo Toto
0%
txe Totoli
0%
zph Totomachapan Zapotec
0%
mto Totontepec Mixe
0%
ttk Totoro
0%
tqu Touo
0%
neb Toura (Côte d'Ivoire)
0%
don Toura (Papua New Guinea)
0%
ttn Towei
0%
xtg Transalpine Gaulish
0%
rmd Traveller Danish
0%
rmg Traveller Norwegian
0%
trl Traveller Scottish
0%
trm Tregami
0%
tme Tremembé
0%
stg Trieng
0%
tip Trimuris
0%
tgq Tring
0%
trx Tringgus-Sembaan Bidayuh
0%
lst Trinidad and Tobago Sign Language
0%
trf Trinidadian Creole English
0%
trn Trinitario
0%
tri Trió
0%
tka Truká
0%
tpy Trumai
0%
tsa Tsaangi
0%
kvz Tsakwambo
0%
tsb Tsamai
0%
huq Tsat
0%
tsk Tseku
0%
txc Tsetsaut
0%
tsj Tshangla
0%
kdl Tsikimba
0%
cas Tsimané
0%
xmw Tsimihety Malagasy
0%
tsi Tsimshian
0%
tsw Tsishingini
0%
hio Tsoa
0%
tsv Tsogo
0%
lto Tsotso
0%
tsu Tsou
0%
cbq Tsucuba
0%
ttz Tsum
0%
tsl Ts'ün-Lao
0%
tvd Tsuvadi
0%
tsh Tsuvan
0%
two Tswapong
0%
tbu Tubar
0%
tub Tübatulabal
0%
tuo Tucano
0%
tuy Tugen
0%
tzn Tugun
0%
tuj Tugutil
0%
khc Tukang Besi North
0%
bhq Tukang Besi South
0%
bag Tuki
0%
tpq Tukpa
0%
tkd Tukudede
0%
tkf Tukumanféd
0%
tul Tula
0%
tvi Tulai
0%
tlu Tulehu
0%
tey Tulishi
0%
rak Tulu-Bohuai
0%
iou Tuma-Irumu
0%
tmc Tumak
0%
krt Tumari Kanuri
0%
tum Tumbuka
0%
kku Tumi
0%
tmq Tumleo
0%
xtq Tumshuqese
0%
tbr Tumtum
0%
sil Tumulung Sisaala
0%
mzb Tumzabt
0%
enh Tundra Enets
0%
tvu Tunen
0%
lcm Tungag
0%
trt Tunggare
0%
tug Tunia
0%
tun Tunica
0%
aeb Tunisian Arabic
0%
tse Tunisian Sign Language
0%
tjg Tunjung
0%
tqq Tunni
0%
dza Tunzu
0%
ttf Tuotomb
0%
tpr Tuparí
0%
tpn Tupinambá
0%
tpk Tupinikin
0%
tui Tupuri
0%
trh Turaka
0%
trd Turi
0%
twt Turiwára
0%
tuz Turka
0%
tuv Turkana
0%
tsm Turkish Sign Language
0%
tch Turks And Caicos Creole English
0%
tru Turoyo
0%
tqm Turumsa
0%
try Turung
0%
tus Tuscarora
0%
tta Tutelo
0%
ttg Tutong
0%
tvt Tutsa Naga
0%
tmi Tutuba
0%
mtu Tututepec Mixtec
0%
tuu Tututni
0%
tyv Tuvinian
0%
ifk Tuwali Ifugao
0%
tww Tuwari
0%
bov Tuwuli
0%
tud Tuxá
0%
tux Tuxináwa
0%
tue Tuyuca
0%
twa Twana
0%
twn Twendi
0%
twd Twents
0%
twi Twi
0%
kcg Tyap
0%
tzj Tz'utujil
0%
aoz Uab Meto
0%
uam Uamué
0%
ksj Uare
0%
byc Ubaghara
0%
uba Ubang
0%
ubr Ubir
0%
uby Ubykh
0%
cpb Ucayali-Yurúa Ashéninka
0%
uda Uda
0%
ude Udihe
0%
udu Uduk
0%
ufi Ufim
0%
ugn Ugandan Sign Language
0%
uga Ugaritic
0%
uge Ughele
0%
ugo Ugong
0%
uha Uhami
0%
uig Uighur
0%
uis Uisai
0%
udj Ujir
0%
kcf Ukaan
0%
ukh Ukhwejo
0%
umi Ukit
0%
ukp Ukpe-Bayobiri
0%
akd Ukpet-Ehom
0%
ukl Ukrainian Sign Language
0%
uku Ukue
0%
ukg Ukuriguma
0%
ukq Ukwa
0%
ukw Ukwuani-Aboh-Ndoni
0%
svb Ulau-Suain
0%
uli Ulithian
0%
ull Ullatan
0%
ulb Ulukwumi
0%
ulm Ulumanda'
0%
ulw Ulwa
0%
ppk Uma
0%
xky Uma' Lasan
0%
ulu Uma' Lung
0%
gdn Umanakaina
0%
uma Umatilla
0%
umd Umbindhamu
0%
xum Umbrian
0%
umr Umbugarla
0%
ubu Umbu-Ungu
0%
upi Umeda
0%
xud Umiida
0%
due Umiray Dumaget Agta
0%
umm Umon
0%
umo Umotína
0%
ump Umpila
0%
mtg Una
0%
unm Unami
0%
mis Uncoded languages
0%
unz Unde Kaili
0%
und Undetermined
0%
bbn Uneapa
0%
une Uneme
0%
xun Unggaranggu
0%
xgu Unggumi
0%
gku ǂUngkue
0%
uni Uni
0%
uln Unserdeutsch
0%
onu Unua
0%
unu Unubahe
0%
cjh Upper Chehalis
0%
dna Upper Grand Valley Dani
0%
pov Upper Guinea Crioulo
0%
dmg Upper Kinabatangan
0%
kuu Upper Kuskokwim
0%
tku Upper Necaxa Totonac
0%
sxu Upper Saxon
0%
tau Upper Tanana
0%
tth Upper Ta'oih
0%
tov Upper Taromi
0%
xup Upper Umpqua
0%
urf Uradhi
0%
urk Urak Lawoi'
0%
url Urali
0%
uro Ura (Papua New Guinea)
0%
urm Urapmin
0%
ura Urarina
0%
xur Urartian
0%
urt Urat
0%
uur Ura (Vanuatu)
0%
urh Urhobo
0%
urg Urigina
0%
uri Urim
0%
urx Urimo
0%
upv Uripiv-Wala-Rano-Atchin
0%
urc Urningangg
0%
urn Uruangnirin
0%
urv Uruava
0%
urb Urubú-Kaapor
0%
uks Urubú-Kaapor Sign Language
0%
urz Uru-Eu-Wau-Wau
0%
ugy Uruguayan Sign Language
0%
uru Urumi
0%
urp Uru-Pa-In
0%
usk Usaghade
0%
wnu Usan
0%
usa Usarufa
0%
ush Ushojo
0%
cuc Usila Chinantec
0%
ulf Usku
0%
usp Uspanteco
0%
uss us-Saare
0%
usi Usui
0%
omo Utarmbung
0%
ute Ute-Southern Paiute
0%
uth ut-Hun
0%
gel ut-Ma'in
0%
utu Utu
0%
evh Uvbie
0%
usu Uya
0%
duk Uyajitaya
0%
auz Uzbeki Arabic
0%
eze Uzekwe
0%
vaa Vaagri Booli
0%
vaf Vafsi
0%
vgr Vaghri
0%
tva Vaghua
0%
vag Vagla
0%
vai Vai
0%
vap Vaiphei
0%
vsv Valencian Sign Language
0%
cvn Valle Nacional Chinantec
0%
vmv Valley Maidu
0%
van Valman
0%
vlp Valpei
0%
mkt Vamale
0%
mlr Vame
0%
xvn Vandalic
0%
mpr Vangunu
0%
vam Vanimo
0%
vnk Vano
0%
vau Vanuma
0%
vao Vao
0%
vah Varhadi-Nagpuri
0%
vrs Varisi
0%
vav Varli
0%
vas Vasavi
0%
vsn Vedic Sanskrit
0%
val Vehes
0%
vel Veluws
0%
vem Vemgo-Mabas
0%
xve Venetic
0%
vsl Venezuelan Sign Language
0%
bav Vengo
0%
veo Ventureño
0%
vra Vera'a
0%
xvs Vestinian
0%
vid Vidunda
0%
vig Viemo
0%
vil Vilela
0%
vif Vili
0%
dyg Villa Viciosa Agta
0%
svc Vincentian Creole English
0%
vnm Vinmavis
0%
vin Vinza
0%
vic Virgin Islands Creole English
0%
vis Vishavan
0%
vit Viti
0%
vto Vitou
0%
wiv Vitu
0%
vls Vlaams
0%
vgt Vlaamse Gebarentaal
0%
rmy Vlax Romani
0%
vol Volapük
0%
xvo Volscian
0%
kch Vono
0%
vum Vumbu
0%
vnp Vunapu
0%
vun Vunjo
0%
msn Vurës
0%
vut Vute
0%
wbi Vwanji
0%
wwa Waama
0%
wmn Waamwang
0%
ssn Waata
0%
wab Wab
0%
wbb Wabo
0%
kmx Waboda
0%
wci Waci Gbe
0%
wdg Wadaginam
0%
wbq Waddar
0%
wdk Wadikali
0%
xwd Wadi Wadi
0%
kxp Wadiyara Koli
0%
wdy Wadjabangayi
0%
wdj Wadjiginy
0%
wdu Wadjigu
0%
wag Wa'ema
0%
wrx Wae Rana
0%
waj Waffa
0%
wgb Wagawaga
0%
wga Wagaya
0%
wbr Wagdi
0%
fad Wagi
0%
waq Wagiman
0%
whu Wahau Kayan
0%
whk Wahau Kenyah
0%
wgi Wahgi
0%
wbk Waigali
0%
wgo Waigeo
0%
wlk Wailaki
0%
wlr Wailapa
0%
rro Waima
0%
wmh Waima'a
0%
bao Waimaha
0%
atr Waimiri-Atroari
0%
wli Waioli
0%
waw Waiwai
0%
wja Waja
0%
wbv Wajarri
0%
xwj Wajuk
0%
wav Waka
0%
wwb Wakabunga
0%
wkw Wakawaka
0%
wkd Wakde
0%
waf Wakoná
0%
lgl Wala
0%
wlw Walak
0%
nlw Walangama
0%
wlx Wali (Ghana)
0%
wly Waling
0%
wla Walio
0%
wll Wali (Sudan)
0%
waa Walla Walla
0%
wmt Walmajarri
0%
ola Walungge
0%
wrb Waluwarra
0%
wmc Wamas
0%
wmb Wambaya
0%
wms Wambon
0%
wme Wambule
0%
wad Wamesa
0%
cou Wamey
0%
wmi Wamin
0%
wam Wampanoag
0%
lbq Wampar
0%
waz Wampur
0%
wan Wan
0%
wnp Wanap
0%
nnp Wancho Naga
0%
wbh Wanda
0%
mfi Wandala
0%
wnd Wandarang
0%
wdd Wandji
0%
hwa Wané
0%
wne Waneci
0%
lwg Wanga
0%
wyb Wangaaybuwan-Ngiyambaa
0%
wnm Wanggamala
0%
wng Wanggom
0%
wgg Wangkangurru
0%
wky Wangkayutyuru
0%
xwk Wangkumara
0%
jub Wannu
0%
wno Wano
0%
wnc Wantoat
0%
wnk Wanukaka
0%
wny Wanyi
0%
auc Waorani
0%
juk Wapan
0%
juw Wãpha
0%
wap Wapishana
0%
wao Wappo
0%
wba Warao
0%
wrz Waray (Australia)
0%
war Waray (Philippines)
0%
wrr Wardaman
0%
wxw Wardandi
0%
wsa Warembori
0%
wai Wares
0%
wrs Waris
0%
wbe Waritai
0%
wri Wariyangga
0%
aml War-Jaintia
0%
wji Warji
0%
bgv Warkay-Bipim
0%
wrl Warlmanpa
0%
wbp Warlpiri
0%
wrn Warnang
0%
wbt Warnman
0%
wrp Waropen
0%
wgy Warrgamay
0%
wwr Warrwa
0%
wru Waru
0%
wrm Warumungu
0%
wrv Waruna
0%
wrg Warungu
0%
hrw Warwar Feni
0%
wss Wasa
0%
wac Wasco-Wishram
0%
gsp Wasembo
0%
was Washo
0%
wsk Waskia
0%
wsu Wasu
0%
wtk Watakataui
0%
wax Watam
0%
wth Wathawurrung
0%
wtf Watiwa
0%
wah Watubela
0%
kop Waube
0%
wau Waurá
0%
wuy Wauyai
0%
www Wawa
0%
wow Wawonii
0%
wxa Waxianghua
0%
oym Wayampi
0%
way Wayana
0%
ctt Wayanad Chetti
0%
wyr Wayoró
0%
guc Wayuu
0%
wed Wedau
0%
weh Weh
0%
wew Wejewa
0%
wlh Welaun
0%
klh Weliki
0%
rmw Welsh Romani
0%
weo Wemale
0%
xww Wemba Wemba
0%
wem Weme Gbe
0%
wdt Wendat
0%
wob Wè Northern
0%
weg Wergaia
0%
wer Weri
0%
kvw Wersing
0%
gxx Wè Southern
0%
fbl West Albay Bikol
0%
nnd West Ambae
0%
wbs West Bengal Sign Language
0%
zbw West Berawan
0%
bbp West Central Banda
0%
lia West-Central Limba
0%
gaz West Central Oromo
0%
bdr West Coast Bajau
0%
drn West Damar
0%
abe Western Abnaki
0%
apw Western Apache
0%
hyw Western Armenian
0%
are Western Arrarnta
0%
bgn Western Balochi
0%
gnw Western Bolivian Guaraní
0%
brv Western Bru
0%
mbb Western Bukidnon Manobo
0%
cja Western Cham
0%
dnw Western Dani
0%
azn Western Durango Nahuatl
0%
wyy Western Fijian
0%
ctp Western Highland Chatino
0%
pua Western Highland Purepecha
0%
nhw Western Huasteca Nahuatl
0%
jmx Western Juxtlahuaca Mixtec
0%
knj Western Kanjobal
0%
kza Western Karaboro
0%
kuf Western Katu
0%
kyu Western Kayah
0%
kjq Western Keres
0%
krw Western Krahn
0%
ywl Western Lalu
0%
lcp Western Lawa
0%
mrd Western Magar
0%
mlq Western Maninkakan
0%
mrj Western Mari
0%
hmw Western Mashan Hmong
0%
raf Western Meohang
0%
wmg Western Minyag
0%
mut Western Muria
0%
amw Western Neo-Aramaic
0%
fuh Western Niger Fulfulde
0%
ojw Western Ojibwa
0%
pnb Western Panjabi
0%
kjl Western Parbate Kham
0%
pne Western Penan
0%
ssl Western Sisaala
0%
suc Western Subanon
0%
tdg Western Tamang
0%
twb Western Tawbuid
0%
zab Western Tlacolula Valley Zapotec
0%
tqt Western Totonac
0%
tnb Western Tunebo
0%
mmr Western Xiangxi Miao
0%
xwl Western Xwla Gbe
0%
ddi West Goodenough
0%
kew West Kewa
0%
lmj West Lembata
0%
mqs West Makian
0%
mss West Masela
0%
wep Westphalien
0%
txn West Tarangan
0%
uve West Uvean
0%
ybe West Yugur
0%
wwo Wetamut
0%
wea Wewaw
0%
wec Wè Western
0%
woy Weyto
0%
giw White Gelao
0%
lwh White Lachi
0%
tnp Whitesands
0%
tua Wiarumus
0%
mzh Wichí Lhamtés Güisnay
0%
mtp Wichí Lhamtés Nocten
0%
wlv Wichí Lhamtés Vejoz
0%
wic Wichita
0%
wik Wikalkan
0%
wie Wik-Epa
0%
wij Wik-Iiyanh
0%
wif Wik-Keyangan
0%
wih Wik-Me'anha
0%
wim Wik-Mungkan
0%
wig Wik Ngathan
0%
wua Wikngenchera
0%
wil Wilawila
0%
wnw Wintu
0%
kst Winyé
0%
gdr Wipi
0%
wrh Wiradjuri
0%
wir Wiraféd
0%
wgu Wirangu
0%
wiu Wiru
0%
wiy Wiyot
0%
xwc Woccon
0%
wog Wogamusin
0%
woc Wogeo
0%
wbw Woi
0%
wyi Woiwurrung
0%
jod Wojenaka
0%
wle Wolane
0%
wod Wolani
0%
wal Wolaytta
0%
woe Woleaian
0%
wlo Wolio
0%
wom Wom (Nigeria)
0%
wmx Womo
0%
wmo Wom (Papua New Guinea)
0%
won Wongo
0%
cwd Woods Cree
0%
wor Woria
0%
kda Worimi
0%
jud Worodougou
0%
wro Worrorra
0%
wsv Wotapuri-Katarqalai
0%
xwt Wotjobaluk
0%
wtw Wotu
0%
noa Woun Meu
0%
xwo Written Oirat
0%
wuu Wu Chinese
0%
ywq Wuding-Luquan Yi
0%
wud Wudu
0%
wlu Wuliwuli
0%
wux Wulna
0%
bqm Wumboko
0%
wum Wumbvu
0%
ywu Wumeng Nasu
0%
bwn Wunai Bunu
0%
wub Wunambal
0%
wnn Wunumara
0%
wur Wurrugu
0%
yig Wusa Nasu
0%
bse Wushi
0%
wsi Wusi
0%
wut Wutung
0%
wuh Wutunhua
0%
wuv Wuvulu-Aua
0%
udl Wuzlam
0%
wyn Wyandot
0%
kao Xaasongaxango
0%
zax Xadani Zapotec
0%
xkr Xakriabá
0%
xam ǀXam
0%
xan Xamtanga
0%
ztg Xanaguía Zapotec
0%
ane Xârâcùù
0%
axx Xârâgurè
0%
xav Xavánte
0%
xeg ǁXegwi
0%
xer Xerénte
0%
xet Xetá
0%
hsn Xiang Chinese
0%
sjo Xibe
0%
too Xicotepec De Juárez Totonac
0%
asn Xingú Asuriní
0%
xiy Xipaya
0%
xii Xiri
0%
xir Xiriâna
0%
ywt Xishanba Lalo
0%
xok Xokleng
0%
nmn ǃXóõ
0%
xoo Xukurú
0%
xwe Xwela Gbe
0%
ybn Yabaâna
0%
yar Yabarana
0%
jae Yabem
0%
ybm Yaben
0%
ybo Yabong
0%
yxy Yabula Yabula
0%
ekr Yace
0%
rys Yaeyama
0%
wfg Yafi
0%
yxg Yagara
0%
ygr Yagaria
0%
ygm Yagomi
0%
yad Yagua
0%
ygw Yagwoia
0%
ner Yahadian
0%
rhp Yahang
0%
ynu Yahuna
0%
axk Yaka (Central African Republic)
0%
iyx Yaka (Congo)
0%
yaf Yaka (Democratic Republic of Congo)
0%
ykk Yakaikeke
0%
yak Yakama
0%
yka Yakan
0%
ybh Yakha
0%
yky Yakoma
0%
yba Yala
0%
jal Yalahatan
0%
xyl Yalakalore
0%
zpu Yalálag Zapotec
0%
ylr Yalarnnga
0%
nce Yale
0%
ylb Yaleba
0%
yal Yalunka
0%
yag Yámana
0%
ymp Yamap
0%
yam Yamba
0%
ynb Yamben
0%
ymb Yambes
0%
yat Yambeta
0%
jmd Yamdena
0%
yme Yameo
0%
tao Yami
0%
yaa Yaminahua
0%
ymn Yamna
0%
ymg Yamongeri
0%
ybi Yamphu
0%
ynn Yana
0%
qur Yanahuanca Pasco Quechua
0%
yda Yanda
0%
dym Yanda Dom Dogon
0%
xyb Yandjibara
0%
ynd Yandruwandha
0%
ame Yanesha'
0%
yav Yangben
0%
bsx Yangkam
0%
jng Yangman
0%
yng Yango
0%
ynl Yangulam
0%
yde Yangum Dey
0%
ygl Yangum Gel
0%
ymo Yangum Mon
0%
zyg Yang Zhuang
0%
kdd Yankunytjatjara
0%
jay Yan-nhangu
0%
yhs Yan-nhaŋu Sign Language
0%
guu Yanomamö
0%
yns Yansi
0%
jao Yanyuwa
0%
asy Yaosakor Asmat
0%
yre Yaouré
0%
yev Yapunda
0%
jaq Yaqay
0%
yaq Yaqui
0%
yrw Yarawata
0%
yxl Yardliyawarra
0%
yrb Yareba
0%
zae Yareni Zapotec
0%
yry Yarluyandi
0%
yro Yaroamë
0%
yrs Yarsun
0%
yko Yasa
0%
ysc Yassic
0%
yty Yatay
0%
zty Yatee Zapotec
0%
zav Yatzachi Zapotec
0%
yla Yaul
0%
yax Yauma
0%
yuw Yau (Morobe Province)
0%
jau Yaur
0%
yyu Yau (Sandaun Province)
0%
zpb Yautepec Zapotec
0%
qux Yauyos Quechua
0%
yvt Yavitero
0%
yva Yawa
0%
yaw Yawalapití
0%
ywn Yawanawa
0%
yww Yawarawarga
0%
yby Yaweyuha
0%
jbw Yawijibaya
0%
ybx Yawiyo
0%
ywr Yawuru
0%
xya Yaygir
0%
yah Yazgulyam
0%
tlc Yecuatla Totonac
0%
jei Yei
0%
ets Yekhee
0%
ykr Yekora
0%
yel Yela
0%
yle Yele
0%
jel Yelmek
0%
ylg Yelogu
0%
ybb Yemba
0%
jnj Yemsa
0%
ynq Yendang
0%
yec Yeniche
0%
yra Yerakai
0%
gop Yeretuar
0%
yrn Yerong
0%
yeu Yerukula
0%
yss Yessan-Mayo
0%
yet Yetfa
0%
yej Yevanic
0%
yey Yeyi
0%
ydg Yidgha
0%
yii Yidiny
0%
yll Yil
0%
ycr Yilan Creole
0%
yee Yimas
0%
yim Yimchungru Naga
0%
kvu Yinbaw Karen
0%
yij Yindjibarndi
0%
yil Yindjilandji
0%
pib Yine
0%
yia Yinggarda
0%
ywg Yinhawangka
0%
ygi Yiningayi
0%
kvy Yintale Karen
0%
yxm Yinwum
0%
ljw Yirandali
0%
yrm Yirrk-Mel
0%
yyr Yir Yoront
0%
yis Yis
0%
xth Yitha Yitha
0%
yob Yoba
0%
gud Yocoboué Dida
0%
yog Yogad
0%
ydk Yoidik
0%
yki Yoke
0%
yok Yokuts
0%
xty Yoloxochitl Mixtec
0%
ygs Yolŋu Sign Language
0%
pil Yom
0%
yom Yombe
0%
yno Yong
0%
zyb Yongbei Zhuang
0%
yon Yongkom
0%
zyn Yongnan Zhuang
0%
yut Yopno
0%
mts Yora
0%
yox Yoron
0%
xyy Yorta Yorta
0%
mpm Yosondúa Mixtec
0%
yot Yotti
0%
zyj Youjiang Zhuang
0%
jiu Youle Jinuo
0%
buh Younuo Bunu
0%
ytw Yout Wam
0%
yoy Yoy
0%
nua Yuanga
0%
msd Yucatec Maya Sign Language
0%
yua Yucateco
0%
yuc Yuchi
0%
mvg Yucuañe Mixtec
0%
ycn Yucuna
0%
yue Yue Chinese
0%
yug Yug
0%
yub Yugambal
0%
ysl Yugoslavian Sign Language
0%
ygu Yugul
0%
yab Yuhup
0%
yuk Yuki
0%
yup Yukpa
0%
ybl Yukuben
0%
yul Yulu
0%
yuq Yuqui
0%
yuz Yuracare
0%
rts Yurats
0%
yur Yurok
0%
ljx Yuru
0%
yui Yurutí
0%
mab Yutanduchi Mixtec
0%
yau Yuwana
0%
yxu Yuyu
0%
gek Ywom
0%
ztx Zaachila Zapotec
0%
kji Zabana
0%
ctz Zacatepec Chatino
0%
nhi Zacatlán-Ahuacatlán-Tepetzintla Nahuatl
0%
zag Zaghawa
0%
atb Zaiwa
0%
zkr Zakhring
0%
zsl Zambian Sign Language
0%
zak Zanaki
0%
zne Zande (individual language)
0%
zau Zangskari
0%
zna Zan Gula
0%
zah Zangwal
0%
zpw Zaniza Zapotec
0%
zro Záparo
0%
zaj Zaramo
0%
zaz Zari
0%
zrp Zarphatic
0%
zal Zauzou
0%
zwa Zay
0%
kxk Zayein Karen
0%
zay Zayse-Zergulla
0%
jaj Zazao
0%
zem Zeem
0%
dhm Zemba
0%
nzm Zeme Naga
0%
xzm Zemgalian
0%
zeg Zenag
0%
zen Zenaga
0%
czn Zenzontepec Chatino
0%
zrn Zerenkel
0%
zhb Zhaba
0%
xzh Zhang-Zhung
0%
zhi Zhire
0%
zhw Zhoa
0%
zia Zia
0%
zil Zialo
0%
ziw Zigula
0%
zik Zimakani
0%
zib Zimbabwe Sign Language
0%
zin Zinza
0%
sih Zire
0%
ziz Zizilivakan
0%
pto Zo'é
0%
yzk Zokhuo
0%
zpq Zoogocho Zapotec
0%
gbz Zoroastrian Dari
0%
czt Zotung Chin
0%
zom Zou
0%
zla Zula
0%
gnd Zulgo-Gemzek
0%
zuy Zumaya
0%
jmb Zumbun
0%
zzj Zuojiang Zhuang
0%
zyp Zyphe Chin
0%
No matching quizzes found
Score Distribution
Percent of People with Each Score
Percentile by Number Answered
Your Score History
You have not taken this quiz